{"text_format":"3","workbook":"xlsx","n_sheets":21,"sheets":["Cover","Qual, Excl & Assum","Documents","Summary","Demolition","Substructure","Superstructure","Structural Steelwork","Roof","Windows, Doors & Rooflights","Partitions","Joinery","Decoration","Floor finishes","Wall finishes","Kitchens & Bathrooms","Electrical","Mechanical & Plumbing","Externals","Preliminaries","Details"],"not_rendered":{"images":1,"external_links":1,"defined_names":30},"read":"whole","date_system":"1900"}

{"sheet":"Cover","index":0,"n_rows":57,"n_cols":2,"rows_kept":57,"merged":[[23,1,24,10],[30,1,31,10],[37,1,40,10],[46,1,49,10],[56,1,57,10]]}
{"$rows_empty":23}
[null,"ESTIMATE"]
[]
[]
[]
[]
[]
[]
[null,"FOR"]
[]
[]
[]
[]
[]
[]
[null,"SCOPE: GC"]
{"$rows_empty":8}
[null,"PROJECT NAME: SQUAIRRELS LEAP GUILDFORD ROAD, CHERTSEY KT16 9RU"]
{"$rows_empty":9}
[null,"DATE: 25TH NOVEMBER 2025"]

{"sheet":"Qual, Excl & Assum","index":1,"n_rows":74,"n_cols":2,"rows_kept":74}
[]
[null,{"$f":"Cover!B47","v":"PROJECT NAME: SQUAIRRELS LEAP GUILDFORD ROAD, CHERTSEY KT16 9RU"}]
[null,{"$f":"Cover!B57","v":"DATE: 25TH NOVEMBER 2025"}]
[]
[]
[null,"QUALIFICATIONS, ASSUMPTIONS & EXCLUSIONS:"]
[]
[1,"Qualifications:-"]
[]
[1.1,"Prices exclude VAT"]
[{"$f":"+A10+0.1","v":1.2000000000000002},"Pre-start meeting and site investigation will be required before commencement on site"]
[{"$f":"+A11+0.1","v":1.3000000000000003},"Provisional sums and PC Sums mentioned within the estimate are subject to re-measure and re-price "]
[1.4000000000000004,"Changes to drawings, design or specification which deviate from the information used as stated below may be subject to further cost"]
[1.5000000000000004,"Site inspections to be carried out, this may cause additions/omissions to the tender documents"]
[1.6000000000000005,"All quantities are re-measurable and used for indicative purposes only and are subject to re-measure once the project has commenced"]
[1.7000000000000006,"All M&E is provisional sum (as no detailed design has been provided) and a detailed design will be required in order to finalize costs"]
[1.8000000000000007,"We have assumed free unfettered access and normal working hours to the site"]
[1.9000000000000008,"The prices are valid for 8 weeks and we assume that works will commence within 12 weeks from the date of this estimate"]
[{"v":1.1,"d":"1.10"},"No level surveys have been provided so all excavation quantities are provisional"]
[1.11,"There may be some items where alternative specification is used and these may differ to the specification provided "]
[1.12,"Any items not mentioned within this estimate have been specifically excluded and will be subject to further costs"]
[]
[2,"The following items are to be organized and paid for by the client and are excluded from the total cost:"]
[]
[2.1,"Building insurance"]
[2.2,"Utility and council tax bills"]
[2.3,"Party Wall costs and complying with conditions"]
[2.4,"Building control and costs"]
[2.5,"Structural engineers' and building regulation details "]
[2.6,"Specialist surveys"]
[2.7,"Topographical surveys"]
[2.8,"CCTV drainage surveys"]
[2.9,"Asbestos surveys"]
[]
[3,"The following assumptions have been made in drawing up the costs:-"]
[]
[3.1,"Any items noted as install only are provisional sums, the install price is subject to change following specification being provided"]
[3.2,"Any items noted as client supply, the client will supply any adhesives or sundries required to get the works complete"]
[3.3,"Skips and rubbish removal are provisional quantity and are subject to re-measure"]
[3.4,"Drainage works are provisional sum as a full site survey will be required "]
[3.5,"Connection into existing drainage is provisional sum"]
[3.6,"Making good areas are subject to re-measure"]
[3.7,"All M&E is assumed and to be confirmed by client and specialist (Provisional Sum)"]
[3.8,"All excavations are machine dug, we have not allowed for hand excavation"]
[3.9,"All decoration is assumed mid range paint supply, prices do not cover premium paints"]
[{"v":3.1,"d":"3.10"},"All external works are provisional"]
[3.11,"All finishes have been assumed therefore they are provisional"]
[3.12,"All electrical points are PC Sum to supply until specification is provided"]
[3.13,"Due to a lack of details and specification all item have been assumed and to be confirmed"]
[3.14,"Structural timberwork and steelwork is provisional sum due to the lack of details"]
[3.15,"All internal wall build up has been assumed and to be confirmed"]
[3.16,"Lower floor slab reinforcement is assumed"]
[3.17,"Lower floor structural floor work is assumed"]
[3.18,"Allowance is considered for mechanical works"]
[3.19,"Bath accessories are assumed"]
[]
[4,"No allowance has been made in this estimate for the following:"]
[]
[4.1,"Professional fees "]
[4.2,"Price and design risk"]
[4.3,"Inflation beyond the financial quarter of the date mentioned in this estimate"]
[4.4,"Contaminated ground, high water table, obstructions or build over agreements (services or drainage diversions)"]
[4.5,"Moving or altering existing services running over or under the site"]
[4.6,"Alterations or upgrades for incoming supplies or trenches"]
[4.7,"Floor finishes apart from the ones specified"]
[4.8,"Tin hat (temporary roof) to the scaffolding"]
[4.9,"Bespoke joinery"]
[{"v":4.1,"d":"4.10"},"Temporary works"]
[4.11,"Skip permits or parking permits"]
[4.12,"Internal foundations"]
[4.13,"Supply of windows, doors and roof light"]
[4.14,"Supply of internal doors & ironmongery"]
[4.15,"Supply of skirting and architraves"]
[4.16,"A/C "]

{"sheet":"Documents","index":2,"n_rows":16,"n_cols":2,"rows_kept":16}
[]
[null,{"$f":"+Cover!B47","v":"PROJECT NAME: SQUAIRRELS LEAP GUILDFORD ROAD, CHERTSEY KT16 9RU"}]
[null,{"$f":"+Cover!B57","v":"DATE: 25TH NOVEMBER 2025"}]
[]
[null,"INFORMATION USED"]
[]
[null,"The information used in the preparation of this estimate are as listed below:"]
[]
[null,"Document reference:"]
[]
[null,"HR91-02-1001"]
[null,"HR91-02-1002"]
[null,"HR91-02-1003"]
[null,"HR91-02-1004"]
[null,"HR91-02-1005"]
[null,"PHOTOS"]

{"sheet":"Summary","index":3,"n_rows":44,"n_cols":12,"rows_kept":44,"merged":[[3,5,3,8],[4,1,4,3],[4,11,4,12]]}
[]
[null,{"$f":"+Documents!B2","v":"PROJECT NAME: SQUAIRRELS LEAP GUILDFORD ROAD, CHERTSEY KT16 9RU"}]
[null,{"$f":"+Documents!B3","v":"DATE: 25TH NOVEMBER 2025"}]
[{"$nulls":5},"TOTALS"]
[null,"SUMMARY ",{"$nulls":3},"LABOUR","MATERIALS","L MARKUP","M MARKUP",null,"Check",{"$f":"CheckMissingTabs(B7:B35)","v":{"$error":"#NAME?"}}]
[]
[null,"Demolition",null,{"$f":"+Demolition!F19","v":{"v":6743.232000000001,"d":"£6,743.23"}},null,{"$f":"+Demolition!K19","v":{"v":5863.679999999999,"d":"£5,863.68"}},{"$f":"+Demolition!L19","v":{"v":0,"d":"£0.00"}},{"$f":"+Demolition!M19","v":{"v":879.5520000000001,"d":"£879.55"}},{"$f":"+Demolition!N19","v":{"v":0,"d":"£0.00"}},null,{"$f":"+F7+G7+I7+H7-D7","v":{"v":0,"d":"£0.00"}}]
[]
[null,"Substructure",null,{"$f":"+Substructure!F37","v":{"v":196289.5500513,"d":"£196,289.55"}},null,{"$f":"+Substructure!K37","v":{"v":75449.538462,"d":"£75,449.54"}},{"$f":"+Substructure!L37","v":{"v":95237.0268,"d":"£95,237.03"}},{"$f":"+Substructure!M37","v":{"v":11317.430769300001,"d":"£11,317.43"}},{"$f":"+Substructure!N37","v":{"v":14285.554020000003,"d":"£14,285.55"}},null,{"$f":"+F9+G9+I9+H9-D9","v":{"v":0,"d":"£0.00"}}]
[]
[null,"Superstructure",null,{"$f":"+Superstructure!F53","v":{"v":126000.76689414703,"d":"£126,000.77"}},null,{"$f":"+Superstructure!K53","v":{"v":34776.884763780006,"d":"£34,776.88"}},{"$f":"+Superstructure!L53","v":{"v":74788.999492,"d":"£74,789.00"}},{"$f":"+Superstructure!M53","v":{"v":5216.532714567001,"d":"£5,216.53"}},{"$f":"+Superstructure!N53","v":{"v":11218.349923800004,"d":"£11,218.35"}},null,{"$f":"+F11+G11+I11+H11-D11","v":{"v":0,"d":"£0.00"}}]
[]
[null,"Structural Steelwork",null,{"$f":"+'Structural Steelwork'!F31","v":{"v":30426.643545062507,"d":"£30,426.64"}},null,{"$f":"+'Structural Steelwork'!K31","v":{"v":8397.91615875,"d":"£8,397.92"}},{"$f":"+'Structural Steelwork'!L31","v":{"v":18060.034750000003,"d":"£18,060.03"}},{"$f":"+'Structural Steelwork'!M31","v":{"v":1259.6874238125001,"d":"£1,259.69"}},{"$f":"+'Structural Steelwork'!N31","v":{"v":2709.0052125,"d":"£2,709.01"}},null,{"$f":"+F13+G13+I13+H13-D13","v":{"v":0,"d":"£0.00"}}]
[]
[null,"Roof",null,{"$f":"+Roof!F43","v":{"v":71570.61530612501,"d":"£71,570.62"}},null,{"$f":"+Roof!K43","v":{"v":19753.872157499998,"d":"£19,753.87"}},{"$f":"+Roof!L43","v":{"v":42481.44550000001,"d":"£42,481.45"}},{"$f":"+Roof!M43","v":{"v":2963.0808236250004,"d":"£2,963.08"}},{"$f":"+Roof!N43","v":{"v":6372.216825,"d":"£6,372.22"}},null,{"$f":"+F15+G15+I15+H15-D15","v":{"v":0,"d":"£0.00"}}]
[]
[null,"Windows, Doors & Rooflights",null,{"$f":"+'Windows, Doors & Rooflights'!H45","v":{"v":54931.27375000001,"d":"£54,931.27"}},null,{"$f":"+'Windows, Doors & Rooflights'!M45","v":{"v":15161.325,"d":"£15,161.33"}},{"$f":"+'Windows, Doors & Rooflights'!N45","v":{"v":32605,"d":"£32,605.00"}},{"$f":"+'Windows, Doors & Rooflights'!O45","v":{"v":2274.1987500000005,"d":"£2,274.20"}},{"$f":"+'Windows, Doors & Rooflights'!P45","v":{"v":4890.750000000001,"d":"£4,890.75"}},null,{"$f":"+F17+G17+I17+H17-D17","v":{"v":0,"d":"£0.00"}}]
[]
[null,"Partitions",null,{"$f":"+Partitions!F33","v":{"v":30047.498728599996,"d":"£30,047.50"}},null,{"$f":"+Partitions!K33","v":{"v":8293.270164,"d":"£8,293.27"}},{"$f":"+Partitions!L33","v":{"v":17834.9896,"d":"£17,834.99"}},{"$f":"+Partitions!M33","v":{"v":1243.9905246000003,"d":"£1,243.99"}},{"$f":"+Partitions!N33","v":{"v":2675.2484400000003,"d":"£2,675.25"}},null,{"$f":"+F19+G19+I19+H19-D19","v":{"v":0,"d":"£0.00"}}]
[]
[null,"Joinery",null,{"$f":"+Joinery!F37","v":{"v":24948.39293375,"d":"£24,948.39"}},null,{"$f":"+Joinery!K37","v":{"v":6885.889724999999,"d":"£6,885.89"}},{"$f":"+Joinery!L37","v":{"v":14808.365000000002,"d":"£14,808.37"}},{"$f":"+Joinery!M37","v":{"v":1032.88345875,"d":"£1,032.88"}},{"$f":"+Joinery!N37","v":{"v":2221.25475,"d":"£2,221.25"}},null,{"$f":"+F21+G21+I21+H21-D21","v":{"v":0,"d":"£0.00"}}]
[]
[null,"Decoration",null,{"$f":"+Decoration!F23","v":{"v":34361.904075625,"d":"£34,361.90"}},null,{"$f":"+Decoration!K23","v":{"v":9484.0690875,"d":"£9,484.07"}},{"$f":"+Decoration!L23","v":{"v":20395.8475,"d":"£20,395.85"}},{"$f":"+Decoration!M23","v":{"v":1422.6103631250003,"d":"£1,422.61"}},{"$f":"+Decoration!N23","v":{"v":3059.3771250000004,"d":"£3,059.38"}},null,{"$f":"+F23+G23+I23+H23-D23","v":{"v":0,"d":"£0.00"}}]
[]
[null,"Floor Finishes",null,{"$f":"+'Floor finishes'!F21","v":{"v":43364.209861250005,"d":"£43,364.21"}},null,{"$f":"+'Floor finishes'!K21","v":{"v":11968.753575,"d":"£11,968.75"}},{"$f":"+'Floor finishes'!L21","v":{"v":25739.255,"d":"£25,739.26"}},{"$f":"+'Floor finishes'!M21","v":{"v":1795.3130362500003,"d":"£1,795.31"}},{"$f":"+'Floor finishes'!N21","v":{"v":3860.888250000001,"d":"£3,860.89"}},null,{"$f":"+F25+G25+I25+H25-D25","v":{"v":0,"d":"£0.00"}}]
[]
[null,"Wall Finishes",null,{"$f":"+'Wall finishes'!F18","v":{"v":13910.287355035714,"d":"£13,910.29"}},null,{"$f":"+'Wall finishes'!K18","v":{"v":3839.3136192857146,"d":"£3,839.31"}},{"$f":"+'Wall finishes'!L18","v":{"v":8256.58842857143,"d":"£8,256.59"}},{"$f":"+'Wall finishes'!M18","v":{"v":575.8970428928573,"d":"£575.90"}},{"$f":"+'Wall finishes'!N18","v":{"v":1238.4882642857144,"d":"£1,238.49"}},null,{"$f":"+F27+G27+I27+H27-D27","v":{"v":0,"d":"£0.00"}}]
[]
[null,"Kitchens & Bathrooms",null,{"$f":"+'Kitchens & Bathrooms'!F54","v":{"v":34577.31199875001,"d":"£34,577.31"}},null,{"$f":"+'Kitchens & Bathrooms'!K54","v":{"v":9543.522825000002,"d":"£9,543.52"}},{"$f":"+'Kitchens & Bathrooms'!L54","v":{"v":20523.704999999998,"d":"£20,523.71"}},{"$f":"+'Kitchens & Bathrooms'!M54","v":{"v":1431.5284237500007,"d":"£1,431.53"}},{"$f":"+'Kitchens & Bathrooms'!N54","v":{"v":3078.5557500000004,"d":"£3,078.56"}},null,{"$f":"+F29+G29+I29+H29-D29","v":{"v":0,"d":"£0.00"}}]
[]
[null,"Electrical",null,{"$f":"+Electrical!F89","v":{"v":92349.16522524999,"d":"£92,349.17"}},null,{"$f":"+Electrical!K89","v":{"v":25488.862934999994,"d":"£25,488.86"}},{"$f":"+Electrical!L89","v":{"v":54814.75899999999,"d":"£54,814.76"}},{"$f":"+Electrical!M89","v":{"v":3823.3294402500014,"d":"£3,823.33"}},{"$f":"+Electrical!N89","v":{"v":8222.21385,"d":"£8,222.21"}},null,{"$f":"+F31+G31+I31+H31-D31","v":{"v":0,"d":"£0.00"}}]
[]
[null,"Mechanical & Plumbing ",null,{"$f":"+'Mechanical & Plumbing'!F87","v":{"v":55331.16601000001,"d":"£55,331.17"}},null,{"$f":"+'Mechanical & Plumbing'!K87","v":{"v":15271.697400000005,"d":"£15,271.70"}},{"$f":"+'Mechanical & Plumbing'!L87","v":{"v":32842.36,"d":"£32,842.36"}},{"$f":"+'Mechanical & Plumbing'!M87","v":{"v":2290.7546100000004,"d":"£2,290.75"}},{"$f":"+'Mechanical & Plumbing'!N87","v":{"v":4926.354,"d":"£4,926.35"}},null,{"$f":"+F33+G33+I33+H33-D33","v":{"v":0,"d":"£0.00"}}]
[]
[null,"Externals",null,{"$f":"+Externals!F19","v":{"v":28260.763061250003,"d":"£28,260.76"}},null,{"$f":"+Externals!K19","v":{"v":7800.121575000001,"d":"£7,800.12"}},{"$f":"+Externals!L19","v":{"v":16774.455,"d":"£16,774.46"}},{"$f":"+Externals!M19","v":{"v":1170.0182362500002,"d":"£1,170.02"}},{"$f":"+Externals!N19","v":{"v":2516.1682500000006,"d":"£2,516.17"}},null,{"$f":"+F35+G35+I35+H35-D35","v":{"v":0,"d":"£0.00"}}]
[]
[null,"SUB TOTAL",null,{"$f":"SUM(D6:D36)","v":{"v":843112.7807961452,"d":"£843,112.78"}},null,{"$f":"SUM(F6:F35)","v":{"v":257978.71744781567,"d":"£257,978.72"}},{"$f":"SUM(G6:G36)","v":{"v":475162.8310705714,"d":"£475,162.83"}},{"$f":"SUM(H6:H36)","v":{"v":38696.807617172366,"d":"£38,696.81"}},{"$f":"SUM(I6:I36)","v":{"v":71274.42466058573,"d":"£71,274.42"}},null,{"$f":"+F37+G37+I37+H37-D37","v":{"v":0,"d":"£0.00"}}]
[]
[null,"Preliminaries",null,{"$f":"+Preliminaries!F38","v":{"v":0,"d":"£0.00"}}]
[null,"Overhaed & Profits ",null,{"$f":"+Preliminaries!F39","v":{"v":18000,"d":"£18,000.00"}}]
[]
[null,"TOTAL COST (EXCLUDING VAT)",null,{"$f":"+D40+D37","v":{"v":861112.7807961452,"d":"£861,112.78"}}]
[]
[null,"Anticipated Number of Weeks",{"$f":"+Preliminaries!J4","v":{"v":0,"d":"0.00"}},"Weeks"]

{"sheet":"Demolition","index":4,"n_rows":19,"n_cols":14,"rows_kept":19,"merged":[[4,6,4,9],[4,10,4,13]]}
[]
[null,{"$f":"+'Qual, Excl & Assum'!B2","v":"PROJECT NAME: SQUAIRRELS LEAP GUILDFORD ROAD, CHERTSEY KT16 9RU"}]
[null,{"$f":"+'Qual, Excl & Assum'!B3","v":"DATE: 25TH NOVEMBER 2025"}]
[]
[null,"Demolition",{"$nulls":4},"RATES",{"$nulls":3},"TOTALS"]
[]
[null,"Description","Quantity","Unit","Rate","Total","Labor","Materials","L Markup","M Markup","Labor","Materials","L Markup","M Markup"]
[{"$nulls":13},{"$f":"IF(D8=0,\" \",(J8*C8))","v":" "}]
[1,"Remove Septic Tank",{"v":1,"d":"1.00"},"no.",{"$f":"G9+H9+J9+I9","v":{"v":419.75,"d":"£419.75"}},{"$f":"E9*C9","v":{"v":419.75,"d":"£419.75"}},{"v":365,"d":"£365.00"},null,{"$f":"IF(D9=0,\" \",(G9)*([1]Details!$C$4+[1]Details!$C$8))","v":{"v":54.75000000000001,"d":"£54.75"}},{"$f":"IF(D9=0,\" \",(H9)*([1]Details!$C$6+[1]Details!$C$8))","v":{"v":0,"d":"£0.00"}},{"$f":"+G9*C9","v":{"v":365,"d":"£365.00"}},{"$f":"+H9*C9","v":{"v":0,"d":"£0.00"}},{"$f":"IF(D9=0,\" \",(I9*C9))","v":{"v":54.75000000000001,"d":"£54.75"}},{"$f":"IF(D9=0,\" \",(J9*C9))","v":{"v":0,"d":"£0.00"}}]
[]
[{"$f":"IF(F11<>\"\",(LARGE(A$7:A9,1)+1),\"\")","v":2},"Wall To Be Removed (3m H)",{"$f":"3*83.6","v":{"v":250.79999999999998,"d":"250.80"}},"m2",{"$f":"G11+H11+J11+I11","v":{"v":18.975,"d":"£18.98"}},{"$f":"E11*C11","v":{"v":4758.93,"d":"£4,758.93"}},{"v":16.5,"d":"£16.50"},null,{"$f":"IF(D11=0,\" \",(G11)*([1]Details!$C$4+[1]Details!$C$8))","v":{"v":2.4750000000000005,"d":"£2.48"}},{"$f":"IF(D11=0,\" \",(H11)*([1]Details!$C$6+[1]Details!$C$8))","v":{"v":0,"d":"£0.00"}},{"$f":"+G11*C11","v":{"v":4138.2,"d":"£4,138.20"}},{"$f":"+H11*C11","v":{"v":0,"d":"£0.00"}},{"$f":"IF(D11=0,\" \",(I11*C11))","v":{"v":620.7300000000001,"d":"£620.73"}},{"$f":"IF(D11=0,\" \",(J11*C11))","v":{"v":0,"d":"£0.00"}}]
[]
[{"$f":"IF(F13<>\"\",(LARGE(A$7:A11,1)+1),\"\")","v":3},"Area For Stair Removal",1.42,"m2",{"v":25.875,"d":"£25.88"},{"v":36.7425,"d":"£36.74"},{"v":22.5,"d":"£22.50"},null,{"$f":"IF(D13=0,\" \",(G13)*([1]Details!$C$4+[1]Details!$C$8))","v":{"v":3.3750000000000004,"d":"£3.38"}},{"$f":"IF(D13=0,\" \",(H13)*([1]Details!$C$6+[1]Details!$C$8))","v":{"v":0,"d":"£0.00"}},{"v":31.95,"d":"£31.95"},{"v":0,"d":"£0.00"},{"v":4.7925,"d":"£4.79"},{"v":0,"d":"£0.00"}]
[]
[{"$f":"IF(F15<>\"\",(LARGE(A$7:A13,1)+1),\"\")","v":4},"Area For Removal Of (Flooring & Ceiling) And \nAll Other Items (Lighting, Mechanical, Plumbing, Opening, Equipment)",37.62,"m2",{"v":17.825,"d":"£17.83"},{"v":670.5764999999999,"d":"£670.58"},{"v":15.5,"d":"£15.50"},null,{"$f":"IF(D15=0,\" \",(G15)*([1]Details!$C$4+[1]Details!$C$8))","v":{"v":2.325,"d":"£2.33"}},{"$f":"IF(D15=0,\" \",(H15)*([1]Details!$C$6+[1]Details!$C$8))","v":{"v":0,"d":"£0.00"}},{"v":583.11,"d":"£583.11"},{"v":0,"d":"£0.00"},{"v":87.4665,"d":"£87.47"},{"v":0,"d":"£0.00"}]
[]
[{"$f":"IF(F17<>\"\",(LARGE(A$7:A15,1)+1),\"\")","v":5},"Roofing To Be Removed",31.72,"m2",{"v":27.025,"d":"£27.03"},{"v":857.233,"d":"£857.23"},{"v":23.5,"d":"£23.50"},null,{"$f":"IF(D17=0,\" \",(G17)*([1]Details!$C$4+[1]Details!$C$8))","v":{"v":3.5250000000000004,"d":"£3.53"}},{"$f":"IF(D17=0,\" \",(H17)*([1]Details!$C$6+[1]Details!$C$8))","v":{"v":0,"d":"£0.00"}},{"v":745.42,"d":"£745.42"},{"v":0,"d":"£0.00"},{"v":111.813,"d":"£111.81"},{"v":0,"d":"£0.00"}]
[{"$f":"IF(F18<>\"\",(LARGE(A$7:A17,1)+1),\"\")","v":""},{"$nulls":8},{"$f":"IF(D18=0,\" \",(G18+H18)*(Details!$C$4+Details!$C$6))","v":" "}]
[{"$nulls":4},"Sub Total",{"$f":"SUM(F8:F18)","v":{"v":6743.232000000001,"d":"£6,743.23"}},{"$nulls":4},{"$f":"SUM(K8:K18)","v":{"v":5863.679999999999,"d":"£5,863.68"}},{"$f":"SUM(L8:L18)","v":{"v":0,"d":"£0.00"}},{"$f":"SUM(M8:M18)","v":{"v":879.5520000000001,"d":"£879.55"}},{"$f":"SUM(N8:N18)","v":{"v":0,"d":"£0.00"}}]

{"sheet":"Substructure","index":5,"n_rows":38,"n_cols":16,"rows_kept":38,"merged":[[4,6,4,9],[4,10,4,13]]}
[]
[null,{"$f":"+'Qual, Excl & Assum'!B2","v":"PROJECT NAME: SQUAIRRELS LEAP GUILDFORD ROAD, CHERTSEY KT16 9RU"}]
[null,{"$f":"+'Qual, Excl & Assum'!B3","v":"DATE: 25TH NOVEMBER 2025"}]
[]
[null,"Substructure",{"$nulls":4},"RATES",{"$nulls":3},"TOTALS"]
[]
[null,"Description","Quantity","Unit","Rate","Total","Labor","Materials","L Markup","M Markup","Labor","Materials","L Markup","M Markup"]
[{"$nulls":13},{"$f":"IF(D8=0,\" \",(J8*C8))","v":" "}]
[{"$f":"IF(F9<>\"\",(LARGE(A$7:A8,1)+1),\"\")","v":""},"LOWER FLOOR EXCAVATION",{"$nulls":6},{"$f":"IF(D9=0,\" \",(G9)*(Details!$C$4+Details!$C$8))","v":" "},{"$f":"IF(D9=0,\" \",(H9)*(Details!$C$6+Details!$C$8))","v":" "},{"$nulls":3}," "]
[{"$f":"IF(F10<>\"\",(LARGE(A$7:A9,1)+1),\"\")","v":""},{"$nulls":12}," "]
[1,"Excavate Lower Floor;",{"$f":"148.66*3","v":445.98},"m3",{"$f":"G11+H11+J11+I11","v":{"v":48.875,"d":"£48.88"}},{"$f":"E11*C11","v":{"v":21797.2725,"d":"£21,797.27"}},{"v":42.5,"d":"£42.50"},null,{"$f":"IF(D11=0,\" \",(G11)*(Details!$C$4+Details!$C$8))","v":{"v":6.375000000000001,"d":"£6.38"}},{"$f":"IF(D11=0,\" \",(H11)*(Details!$C$6+Details!$C$8))","v":{"v":0,"d":"£0.00"}},{"$f":"+G11*C11","v":{"v":18954.15,"d":"£18,954.15"}},{"$f":"+H11*C11","v":{"v":0,"d":"£0.00"}},{"$f":"IF(D11=0,\" \",(I11*C11))","v":{"v":2843.1225000000004,"d":"£2,843.12"}},{"$f":"IF(D11=0,\" \",(J11*C11))","v":{"v":0,"d":"£0.00"}}]
[{"$f":"IF(F12<>\"\",(LARGE(A$7:A11,1)+1),\"\")","v":""}]
[{"$f":"IF(F13<>\"\",(LARGE(A$7:A12,1)+1),\"\")","v":2},"Cart away spoil (assume clean and inert)",{"$f":"C11-46.03-0.15*153.44*2","v":{"v":353.91800000000006,"d":"353.92"}},"m3",{"$f":"G13+H13+J13+I13","v":{"v":39.675,"d":"£39.68"}},{"$f":"E13*C13","v":{"v":14041.696650000002,"d":"£14,041.70"}},{"v":34.5,"d":"£34.50"},null,{"$f":"IF(D13=0,\" \",(G13)*(Details!$C$4+Details!$C$8))","v":{"v":5.175000000000001,"d":"£5.18"}},{"$f":"IF(D13=0,\" \",(H13)*(Details!$C$6+Details!$C$8))","v":{"v":0,"d":"£0.00"}},{"$f":"+G13*C13","v":{"v":12210.171000000002,"d":"£12,210.17"}},{"$f":"+H13*C13","v":{"v":0,"d":"£0.00"}},{"$f":"IF(D13=0,\" \",(I13*C13))","v":{"v":1831.5256500000005,"d":"£1,831.53"}},{"$f":"IF(D13=0,\" \",(J13*C13))","v":{"v":0,"d":"£0.00"}}]
[{"$f":"IF(F14<>\"\",(LARGE(A$7:A13,1)+1),\"\")","v":""},{"$nulls":12}," "]
[{"$f":"IF(F15<>\"\",(LARGE(A$7:A14,1)+1),\"\")","v":""},"FOUNDATION WORK"]
[{"$f":"IF(F16<>\"\",(LARGE(A$7:A15,1)+1),\"\")","v":""}]
[{"$f":"IF(F17<>\"\",(LARGE(A$7:A16,1)+1),\"\")","v":3},"1800X1800X300mm Footing Pad (08 EA)",{"$f":"1.8*1.8*0.3*8","v":{"v":7.776,"d":"7.78"}},"m3",{"$f":"G17+H17+J17+I17","v":{"v":480.996125,"d":"£481.00"}},{"$f":"E17*C17","v":{"v":3740.225868,"d":"£3,740.23"}},{"v":132.7575,"d":"£132.76"},{"v":285.5,"d":"£285.50"},{"$f":"IF(D17=0,\" \",(G17)*(Details!$C$4+Details!$C$8))","v":{"v":19.913625000000003,"d":"£19.91"}},{"$f":"IF(D17=0,\" \",(H17)*(Details!$C$6+Details!$C$8))","v":{"v":42.825,"d":"£42.83"}},{"$f":"+G17*C17","v":{"v":1032.32232,"d":"£1,032.32"}},{"$f":"+H17*C17","v":{"v":2220.048,"d":"£2,220.05"}},{"$f":"IF(D17=0,\" \",(I17*C17))","v":{"v":154.84834800000002,"d":"£154.85"}},{"$f":"IF(D17=0,\" \",(J17*C17))","v":{"v":333.0072,"d":"£333.01"}}]
[{"$f":"IF(F18<>\"\",(LARGE(A$7:A17,1)+1),\"\")","v":""}]
[{"$f":"IF(F19<>\"\",(LARGE(A$7:A18,1)+1),\"\")","v":4},"Formwork",{"$f":"1.8*4*0.3*8","v":17.28},"m2",{"$f":"G19+H19+J19+I19","v":{"v":37.906875,"d":"£37.91"}},{"$f":"E19*C19","v":{"v":655.0308,"d":"£655.03"}},{"v":10.4625,"d":"£10.46"},{"v":22.5,"d":"£22.50"},{"$f":"IF(D19=0,\" \",(G19)*(Details!$C$4+Details!$C$8))","v":{"v":1.5693750000000002,"d":"£1.57"}},{"$f":"IF(D19=0,\" \",(H19)*(Details!$C$6+Details!$C$8))","v":{"v":3.3750000000000004,"d":"£3.38"}},{"$f":"+G19*C19","v":{"v":180.79200000000003,"d":"£180.79"}},{"$f":"+H19*C19","v":{"v":388.8,"d":"£388.80"}},{"$f":"IF(D19=0,\" \",(I19*C19))","v":{"v":27.118800000000004,"d":"£27.12"}},{"$f":"IF(D19=0,\" \",(J19*C19))","v":{"v":58.320000000000014,"d":"£58.32"}}]
[{"$f":"IF(F20<>\"\",(LARGE(A$7:A19,1)+1),\"\")","v":""}]
[{"$f":"IF(F21<>\"\",(LARGE(A$7:A20,1)+1),\"\")","v":5},"300 mm Thick Concrete Retaining Wall (H = 3.4 M) w/ \n16 mm @ 150 mm c/c vertical, 12 mm @ 200 mm c/c horizontal Bars & \nfront face: 10 mm @ 250 mm c/c ",{"v":46.032599999999995,"d":"46.03"},"m3",{"$f":"G21+H21+J21+I21","v":{"v":480.996125,"d":"£481.00"}},{"$f":"E21*C21","v":{"v":22141.502223674997,"d":"£22,141.50"}},{"v":132.7575,"d":"£132.76"},{"v":285.5,"d":"£285.50"},{"$f":"IF(D21=0,\" \",(G21)*(Details!$C$4+Details!$C$8))","v":{"v":19.913625000000003,"d":"£19.91"}},{"$f":"IF(D21=0,\" \",(H21)*(Details!$C$6+Details!$C$8))","v":{"v":42.825,"d":"£42.83"}},{"$f":"+G21*C21","v":{"v":6111.172894499999,"d":"£6,111.17"}},{"$f":"+H21*C21","v":{"v":13142.307299999999,"d":"£13,142.31"}},{"$f":"IF(D21=0,\" \",(I21*C21))","v":{"v":916.6759341750001,"d":"£916.68"}},{"$f":"IF(D21=0,\" \",(J21*C21))","v":{"v":1971.3460949999999,"d":"£1,971.35"}}]
[{"$f":"IF(F22<>\"\",(LARGE(A$7:A21,1)+1),\"\")","v":""}]
[{"$f":"IF(F23<>\"\",(LARGE(A$7:A22,1)+1),\"\")","v":6},"150 mm Thick Rigid Insulation ",{"v":153.442,"d":"153.44"},"m2",{"$f":"G23+H23+J23+I23","v":{"v":22.744125000000004,"d":"£22.74"}},{"$f":"E23*C23","v":{"v":3489.904028250001,"d":"£3,489.90"}},{"v":6.277500000000001,"d":"£6.28"},{"v":13.5,"d":"£13.50"},{"$f":"IF(D23=0,\" \",(G23)*(Details!$C$4+Details!$C$8))","v":{"v":0.9416250000000003,"d":"£0.94"}},{"$f":"IF(D23=0,\" \",(H23)*(Details!$C$6+Details!$C$8))","v":{"v":2.0250000000000004,"d":"£2.03"}},{"$f":"+G23*C23","v":{"v":963.2321550000001,"d":"£963.23"}},{"$f":"+H23*C23","v":{"v":2071.467,"d":"£2,071.47"}},{"$f":"IF(D23=0,\" \",(I23*C23))","v":{"v":144.48482325000006,"d":"£144.48"}},{"$f":"IF(D23=0,\" \",(J23*C23))","v":{"v":310.72005000000007,"d":"£310.72"}}]
[{"$f":"IF(F24<>\"\",(LARGE(A$7:A23,1)+1),\"\")","v":""}]
[{"$f":"IF(F25<>\"\",(LARGE(A$7:A24,1)+1),\"\")","v":7},"150 mm Thick Thick Masonry/Block Wall ",{"v":153.442,"d":"153.44"},"m2",{"$f":"G25+H25+J25+I25","v":{"v":53.069625,"d":"£53.07"}},{"$f":"E25*C25","v":{"v":8143.109399250001,"d":"£8,143.11"}},{"v":14.6475,"d":"£14.65"},{"v":31.5,"d":"£31.50"},{"$f":"IF(D25=0,\" \",(G25)*(Details!$C$4+Details!$C$8))","v":{"v":2.1971250000000007,"d":"£2.20"}},{"$f":"IF(D25=0,\" \",(H25)*(Details!$C$6+Details!$C$8))","v":{"v":4.7250000000000005,"d":"£4.73"}},{"$f":"+G25*C25","v":{"v":2247.5416950000003,"d":"£2,247.54"}},{"$f":"+H25*C25","v":{"v":4833.423000000001,"d":"£4,833.42"}},{"$f":"IF(D25=0,\" \",(I25*C25))","v":{"v":337.1312542500001,"d":"£337.13"}},{"$f":"IF(D25=0,\" \",(J25*C25))","v":{"v":725.0134500000001,"d":"£725.01"}}]
[{"$f":"IF(F26<>\"\",(LARGE(A$7:A25,1)+1),\"\")","v":""}]
[{"$f":"IF(F27<>\"\",(LARGE(A$7:A26,1)+1),\"\")","v":8},"Waterproofing ",{"v":153.442,"d":"153.44"},"m2",{"$f":"G27+H27+J27+I27","v":{"v":716.01875,"d":"£716.02"}},{"$f":"E27*C27","v":{"v":109867.3490375,"d":"£109,867.35"}},{"v":197.625,"d":"£197.63"},{"v":425,"d":"£425.00"},{"$f":"IF(D27=0,\" \",(G27)*(Details!$C$4+Details!$C$8))","v":{"v":29.643750000000004,"d":"£29.64"}},{"$f":"IF(D27=0,\" \",(H27)*(Details!$C$6+Details!$C$8))","v":{"v":63.75000000000001,"d":"£63.75"}},{"$f":"+G27*C27","v":{"v":30323.975250000003,"d":"£30,323.98"}},{"$f":"+H27*C27","v":{"v":65212.850000000006,"d":"£65,212.85"}},{"$f":"IF(D27=0,\" \",(I27*C27))","v":{"v":4548.5962875000005,"d":"£4,548.60"}},{"$f":"IF(D27=0,\" \",(J27*C27))","v":{"v":9781.927500000002,"d":"£9,781.93"}}]
[{"$f":"IF(F28<>\"\",(LARGE(A$7:A27,1)+1),\"\")","v":""}]
[{"$f":"IF(F29<>\"\",(LARGE(A$7:A28,1)+1),\"\")","v":9},"Formwork",{"v":153.442,"d":"153.44"},"m2",{"$f":"G29+H29+J29+I29","v":{"v":37.906875,"d":"£37.91"}},{"$f":"E29*C29","v":{"v":5816.50671375,"d":"£5,816.51"}},{"v":10.4625,"d":"£10.46"},{"v":22.5,"d":"£22.50"},{"$f":"IF(D29=0,\" \",(G29)*(Details!$C$4+Details!$C$8))","v":{"v":1.5693750000000002,"d":"£1.57"}},{"$f":"IF(D29=0,\" \",(H29)*(Details!$C$6+Details!$C$8))","v":{"v":3.3750000000000004,"d":"£3.38"}},{"$f":"+G29*C29","v":{"v":1605.386925,"d":"£1,605.39"}},{"$f":"+H29*C29","v":{"v":3452.445,"d":"£3,452.45"}},{"$f":"IF(D29=0,\" \",(I29*C29))","v":{"v":240.80803875000004,"d":"£240.81"}},{"$f":"IF(D29=0,\" \",(J29*C29))","v":{"v":517.8667500000001,"d":"£517.87"}}]
[{"$f":"IF(F30<>\"\",(LARGE(A$7:A29,1)+1),\"\")","v":""}]
[{"$f":"IF(F31<>\"\",(LARGE(A$7:A30,1)+1),\"\")","v":""},"SLABS",{"$nulls":6},{"$f":"IF(D31=0,\" \",(G31)*(Details!$C$4+Details!$C$8))","v":" "},{"$f":"IF(D31=0,\" \",(H31)*(Details!$C$6+Details!$C$8))","v":" "},{"$nulls":3}," "]
[{"$f":"IF(F32<>\"\",(LARGE(A$7:A31,1)+1),\"\")","v":""},{"$nulls":12}," "]
[{"$f":"IF(F33<>\"\",(LARGE(A$7:A32,1)+1),\"\")","v":10},"300 mm Thick Concrete Slab on Grade (154 m2) w/\n16 mm @ 150 mm c/c (primary direction), 12 mm @ 150–200 mm c/c (secondary direction) & 16 mm @ 150 mm c/c top bars ",{"v":46.10099999999999,"d":"46.10"},"m2",{"$f":"G33+H33+J33+I33","v":{"v":61.493375,"d":"£61.49"}},{"$f":"E33*C33","v":{"v":2834.9060808749996,"d":"£2,834.91"}},{"v":16.9725,"d":"£16.97"},{"v":36.5,"d":"£36.50"},{"$f":"IF(D33=0,\" \",(G33)*(Details!$C$4+Details!$C$8))","v":{"v":2.5458750000000006,"d":"£2.55"}},{"$f":"IF(D33=0,\" \",(H33)*(Details!$C$6+Details!$C$8))","v":{"v":5.4750000000000005,"d":"£5.48"}},{"$f":"+G33*C33","v":{"v":782.4492224999999,"d":"£782.45"}},{"$f":"+H33*C33","v":{"v":1682.6864999999998,"d":"£1,682.69"}},{"$f":"IF(D33=0,\" \",(I33*C33))","v":{"v":117.367383375,"d":"£117.37"}},{"$f":"IF(D33=0,\" \",(J33*C33))","v":{"v":252.40297499999997,"d":"£252.40"}}]
[{"$f":"IF(F34<>\"\",(LARGE(A$7:A33,1)+1),\"\")","v":""},{"$nulls":12}," "]
[{"$f":"IF(F35<>\"\",(LARGE(A$7:A34,1)+1),\"\")","v":11},"10 MIL Vapor Retarder",{"v":154,"d":"154.00"},"m2",{"$f":"G35+H35+J35+I35","v":{"v":24.428875,"d":"£24.43"}},{"$f":"E35*C35","v":{"v":3762.0467500000004,"d":"£3,762.05"}},{"v":6.742500000000001,"d":"£6.74"},{"v":14.5,"d":"£14.50"},{"$f":"IF(D35=0,\" \",(G35)*(Details!$C$4+Details!$C$8))","v":{"v":1.0113750000000001,"d":"£1.01"}},{"$f":"IF(D35=0,\" \",(H35)*(Details!$C$6+Details!$C$8))","v":{"v":2.1750000000000003,"d":"£2.18"}},{"$f":"+G35*C35","v":{"v":1038.345,"d":"£1,038.35"}},{"$f":"+H35*C35","v":{"v":2233,"d":"£2,233.00"}},{"$f":"IF(D35=0,\" \",(I35*C35))","v":{"v":155.75175000000002,"d":"£155.75"}},{"$f":"IF(D35=0,\" \",(J35*C35))","v":{"v":334.95000000000005,"d":"£334.95"}}]
[{"$f":"IF(F36<>\"\",(LARGE(A$7:A35,1)+1),\"\")","v":""},{"$nulls":14},"Check"]
[{"$nulls":4},"Sub Total",{"$f":"SUM(F8:F36)","v":{"v":196289.5500513,"d":"£196,289.55"}},{"$nulls":4},{"$f":"SUM(K8:K36)","v":{"v":75449.538462,"d":"£75,449.54"}},{"$f":"SUM(L8:L36)","v":{"v":95237.0268,"d":"£95,237.03"}},{"$f":"SUM(M8:M36)","v":{"v":11317.430769300001,"d":"£11,317.43"}},{"$f":"SUM(N8:N36)","v":{"v":14285.554020000003,"d":"£14,285.55"}},null,{"$f":"+F37-K37-L37-N37-M37","v":{"v":0,"d":"£0.00"}}]
[{"$f":"IF(F38<>\"\",(LARGE(A$7:A37,1)+1),\"\")","v":""}]

{"sheet":"Superstructure","index":6,"n_rows":54,"n_cols":16,"rows_kept":54,"merged":[[4,6,4,9],[4,10,4,13]]}
[]
[null,{"$f":"+'Qual, Excl & Assum'!B2","v":"PROJECT NAME: SQUAIRRELS LEAP GUILDFORD ROAD, CHERTSEY KT16 9RU"}]
[null,{"$f":"+'Qual, Excl & Assum'!B3","v":"DATE: 25TH NOVEMBER 2025"}]
[]
[null,"Superstructure",{"$nulls":4},"RATES",{"$nulls":3},"TOTALS"]
[]
[null,"Description","Quantity","Unit","Rate","Total","Labor","Materials","L Markup","M Markup","Labor","Materials","L Markup","M Markup"]
[{"$nulls":13},{"$f":"IF(D8=0,\" \",(J8*C8))","v":" "}]
[null,"CAVITY WALL ",{"$nulls":11}," "]
[{"$nulls":13}," "]
[1,"100 mm Thick Masonry Brick Wall ",{"v":342.709,"d":"342.71"},"m2",{"$f":"G11+H11+J11+I11","v":{"v":54.754374999999996,"d":"£54.75"}},{"$f":"E11*C11","v":{"v":18764.817101875,"d":"£18,764.82"}},{"v":15.1125,"d":"£15.11"},{"v":32.5,"d":"£32.50"},{"$f":"IF(D11=0,\" \",(G11)*(Details!$C$4+Details!$C$8))","v":{"v":2.2668750000000006,"d":"£2.27"}},{"$f":"IF(D11=0,\" \",(H11)*(Details!$C$6+Details!$C$8))","v":{"v":4.875000000000001,"d":"£4.88"}},{"$f":"+G11*C11","v":{"v":5179.1897625,"d":"£5,179.19"}},{"$f":"+H11*C11","v":{"v":11138.0425,"d":"£11,138.04"}},{"$f":"IF(D11=0,\" \",(I11*C11))","v":{"v":776.8784643750002,"d":"£776.88"}},{"v":1670.7063750000002,"d":"£1,670.71"}]
[{"$nulls":8},{"$f":"IF(D12=0,\" \",(G12)*(Details!$C$4+Details!$C$8))","v":" "},{"$f":"IF(D12=0,\" \",(H12)*(Details!$C$6+Details!$C$8))","v":" "},{"$nulls":3}," "]
[{"$f":"IF(F13<>\"\",(LARGE(A$4:A12,1)+1),\"\")","v":2},"100 mm Thick Rigid Insulation ",{"v":342.709,"d":"342.71"},"m2",{"$f":"G13+H13+J13+I13","v":{"v":22.744125000000004,"d":"£22.74"}},{"$f":"E13*C13","v":{"v":7794.616334625001,"d":"£7,794.62"}},{"v":6.277500000000001,"d":"£6.28"},{"v":13.5,"d":"£13.50"},{"$f":"IF(D13=0,\" \",(G13)*(Details!$C$4+Details!$C$8))","v":{"v":0.9416250000000003,"d":"£0.94"}},{"$f":"IF(D13=0,\" \",(H13)*(Details!$C$6+Details!$C$8))","v":{"v":2.0250000000000004,"d":"£2.03"}},{"$f":"+G13*C13","v":{"v":2151.3557475000002,"d":"£2,151.36"}},{"$f":"+H13*C13","v":{"v":4626.5715,"d":"£4,626.57"}},{"$f":"IF(D13=0,\" \",(I13*C13))","v":{"v":322.70336212500007,"d":"£322.70"}},{"v":693.9857250000001,"d":"£693.99"}]
[{"$f":"IF(F14<>\"\",(LARGE(A$4:A13,1)+1),\"\")","v":""},{"$nulls":7},{"$f":"IF(D14=0,\" \",(G14)*(Details!$C$4+Details!$C$8))","v":" "},{"$f":"IF(D14=0,\" \",(H14)*(Details!$C$6+Details!$C$8))","v":" "},{"$nulls":3}," "]
[{"$f":"IF(F15<>\"\",(LARGE(A$4:A14,1)+1),\"\")","v":3},"150 mm Thick Masonry Block Wall ",450.32,"m2",{"$f":"G15+H15+J15+I15","v":{"v":58.123875,"d":"£58.12"}},{"$f":"E15*C15","v":{"v":26174.343389999998,"d":"£26,174.34"}},{"v":16.0425,"d":"£16.04"},{"v":34.5,"d":"£34.50"},{"$f":"IF(D15=0,\" \",(G15)*(Details!$C$4+Details!$C$8))","v":{"v":2.4063750000000006,"d":"£2.41"}},{"$f":"IF(D15=0,\" \",(H15)*(Details!$C$6+Details!$C$8))","v":{"v":5.175000000000001,"d":"£5.18"}},{"$f":"+G15*C15","v":{"v":7224.2586,"d":"£7,224.26"}},{"$f":"+H15*C15","v":{"v":15536.039999999999,"d":"£15,536.04"}},{"$f":"IF(D15=0,\" \",(I15*C15))","v":{"v":1083.6387900000002,"d":"£1,083.64"}},{"v":2330.4060000000004,"d":"£2,330.41"}]
[{"$f":"IF(F16<>\"\",(LARGE(A$4:A15,1)+1),\"\")","v":""}]
[{"$f":"IF(F17<>\"\",(LARGE(A$4:A16,1)+1),\"\")","v":4},"300 mm Thick Masonry Block Wall",{"v":107.619,"d":"107.62"},"m2",{"$f":"G17+H17+J17+I17","v":{"v":71.601875,"d":"£71.60"}},{"$f":"E17*C17","v":{"v":7705.722185625001,"d":"£7,705.72"}},{"v":19.7625,"d":"£19.76"},{"v":42.5,"d":"£42.50"},{"$f":"IF(D17=0,\" \",(G17)*(Details!$C$4+Details!$C$8))","v":{"v":2.9643750000000004,"d":"£2.96"}},{"$f":"IF(D17=0,\" \",(H17)*(Details!$C$6+Details!$C$8))","v":{"v":6.375000000000001,"d":"£6.38"}},{"$f":"+G17*C17","v":{"v":2126.8204875,"d":"£2,126.82"}},{"$f":"+H17*C17","v":{"v":4573.8075,"d":"£4,573.81"}},{"$f":"IF(D17=0,\" \",(I17*C17))","v":{"v":319.02307312500005,"d":"£319.02"}},{"$f":"IF(D17=0,\" \",(J17*C17))","v":{"v":686.071125,"d":"£686.07"}}]
[{"$f":"IF(F18<>\"\",(LARGE(A$4:A17,1)+1),\"\")","v":""},{"$nulls":7},{"$f":"IF(D18=0,\" \",(G18)*(Details!$C$4+Details!$C$8))","v":" "},{"$f":"IF(D18=0,\" \",(H18)*(Details!$C$6+Details!$C$8))","v":" "},{"$nulls":3},{"$f":"IF(D18=0,\" \",(J18*C18))","v":" "}]
[{"$f":"IF(F19<>\"\",(LARGE(A$4:A18,1)+1),\"\")","v":""},"FLOOR CONSTRUCTION"]
[{"$f":"IF(F20<>\"\",(LARGE(A$4:A19,1)+1),\"\")","v":""}]
[{"$f":"IF(F21<>\"\",(LARGE(A$4:A20,1)+1),\"\")","v":5},"50 x 170 C24 @ 400 mm C/C ",{"v":540.6428999999999,"d":"540.64"},"m",{"$f":"G21+H21+J21+I21","v":{"v":26.113625,"d":"£26.11"}},{"$f":"E21*C21","v":{"v":14118.145949512498,"d":"£14,118.15"}},{"v":7.2075000000000005,"d":"£7.21"},{"v":15.5,"d":"£15.50"},{"$f":"IF(D21=0,\" \",(G21)*(Details!$C$4+Details!$C$8))","v":{"v":1.0811250000000003,"d":"£1.08"}},{"$f":"IF(D21=0,\" \",(H21)*(Details!$C$6+Details!$C$8))","v":{"v":2.325,"d":"£2.33"}},{"$f":"+G21*C21","v":{"v":3896.6837017499997,"d":"£3,896.68"}},{"$f":"+H21*C21","v":{"v":8379.96495,"d":"£8,379.96"}},{"$f":"IF(D21=0,\" \",(I21*C21))","v":{"v":584.5025552625001,"d":"£584.50"}},{"$f":"IF(D21=0,\" \",(J21*C21))","v":{"v":1256.9947425,"d":"£1,256.99"}}]
[{"$f":"IF(F22<>\"\",(LARGE(A$4:A21,1)+1),\"\")","v":""}]
[{"$f":"IF(F23<>\"\",(LARGE(A$4:A22,1)+1),\"\")","v":6},"50 x 200 C24 @ 400 mm C/C ",{"v":870.8283,"d":"870.83"},"m",{"$f":"G23+H23+J23+I23","v":{"v":29.483125000000005,"d":"£29.48"}},{"$f":"E23*C23","v":{"v":25674.739622437504,"d":"£25,674.74"}},{"v":8.137500000000001,"d":"£8.14"},{"v":17.5,"d":"£17.50"},{"$f":"IF(D23=0,\" \",(G23)*(Details!$C$4+Details!$C$8))","v":{"v":1.2206250000000003,"d":"£1.22"}},{"$f":"IF(D23=0,\" \",(H23)*(Details!$C$6+Details!$C$8))","v":{"v":2.6250000000000004,"d":"£2.63"}},{"$f":"+G23*C23","v":{"v":7086.365291250001,"d":"£7,086.37"}},{"$f":"+H23*C23","v":{"v":15239.49525,"d":"£15,239.50"}},{"$f":"IF(D23=0,\" \",(I23*C23))","v":{"v":1062.9547936875003,"d":"£1,062.95"}},{"$f":"IF(D23=0,\" \",(J23*C23))","v":{"v":2285.9242875000004,"d":"£2,285.92"}}]
[{"$f":"IF(F24<>\"\",(LARGE(A$4:A23,1)+1),\"\")","v":""}]
[{"$f":"IF(F25<>\"\",(LARGE(A$4:A24,1)+1),\"\")","v":7},"75 x 200 C24 @ 400 mm C/C ",{"v":206.49999999999997,"d":"206.50"},"m",{"$f":"G25+H25+J25+I25","v":{"v":32.852625,"d":"£32.85"}},{"$f":"E25*C25","v":{"v":6784.067062499999,"d":"£6,784.07"}},{"v":9.0675,"d":"£9.07"},{"v":19.5,"d":"£19.50"},{"$f":"IF(D25=0,\" \",(G25)*(Details!$C$4+Details!$C$8))","v":{"v":1.3601250000000003,"d":"£1.36"}},{"$f":"IF(D25=0,\" \",(H25)*(Details!$C$6+Details!$C$8))","v":{"v":2.9250000000000003,"d":"£2.93"}},{"$f":"+G25*C25","v":{"v":1872.4387499999998,"d":"£1,872.44"}},{"$f":"+H25*C25","v":{"v":4026.7499999999995,"d":"£4,026.75"}},{"$f":"IF(D25=0,\" \",(I25*C25))","v":{"v":280.8658125,"d":"£280.87"}},{"$f":"IF(D25=0,\" \",(J25*C25))","v":{"v":604.0124999999999,"d":"£604.01"}}]
[{"$f":"IF(F26<>\"\",(LARGE(A$4:A25,1)+1),\"\")","v":""}]
[{"$f":"IF(F27<>\"\",(LARGE(A$4:A26,1)+1),\"\")","v":8},"9 mm Thick OSB3 Roof Sheathing ",{"v":239.41848,"d":"239.42"},"m2",{"$f":"G27+H27+J27+I27","v":{"v":19.6273375,"d":"£19.63"}},{"$f":"E27*C27","v":{"v":4699.147310697,"d":"£4,699.15"}},{"v":5.41725,"d":"£5.42"},{"v":11.65,"d":"£11.65"},{"$f":"IF(D27=0,\" \",(G27)*(Details!$C$4+Details!$C$8))","v":{"v":0.8125875000000001,"d":"£0.81"}},{"$f":"IF(D27=0,\" \",(H27)*(Details!$C$6+Details!$C$8))","v":{"v":1.7475000000000003,"d":"£1.75"}},{"$f":"+G27*C27","v":{"v":1296.9897607799999,"d":"£1,296.99"}},{"$f":"+H27*C27","v":{"v":2789.225292,"d":"£2,789.23"}},{"$f":"IF(D27=0,\" \",(I27*C27))","v":{"v":194.548464117,"d":"£194.55"}},{"$f":"IF(D27=0,\" \",(J27*C27))","v":{"v":418.38379380000003,"d":"£418.38"}}]
[{"$f":"IF(F28<>\"\",(LARGE(A$4:A27,1)+1),\"\")","v":""}]
[{"$f":"IF(F29<>\"\",(LARGE(A$4:A28,1)+1),\"\")","v":9},"18 mm WBP Plywood",{"v":417.93000000000006,"d":"417.93"},"m2",{"$f":"G29+H29+J29+I29","v":{"v":19.9642875,"d":"£19.96"}},{"$f":"E29*C29","v":{"v":8343.674674875001,"d":"£8,343.67"}},{"v":5.51025,"d":"£5.51"},{"v":11.85,"d":"£11.85"},{"$f":"IF(D29=0,\" \",(G29)*(Details!$C$4+Details!$C$8))","v":{"v":0.8265375000000001,"d":"£0.83"}},{"$f":"IF(D29=0,\" \",(H29)*(Details!$C$6+Details!$C$8))","v":{"v":1.7775000000000003,"d":"£1.78"}},{"$f":"+G29*C29","v":{"v":2302.8987825000004,"d":"£2,302.90"}},{"$f":"+H29*C29","v":{"v":4952.4705,"d":"£4,952.47"}},{"$f":"IF(D29=0,\" \",(I29*C29))","v":{"v":345.43481737500014,"d":"£345.43"}},{"$f":"IF(D29=0,\" \",(J29*C29))","v":{"v":742.8705750000003,"d":"£742.87"}}]
[{"$f":"IF(F30<>\"\",(LARGE(A$4:A29,1)+1),\"\")","v":""}]
[{"$f":"IF(F31<>\"\",(LARGE(A$4:A30,1)+1),\"\")","v":""},"STONE & BRICK WORK"]
[{"$f":"IF(F32<>\"\",(LARGE(A$4:A31,1)+1),\"\")","v":""}]
[{"$f":"IF(F33<>\"\",(LARGE(A$4:A32,1)+1),\"\")","v":10},"200 mm High Soldier Course",11.93,"m",{"$f":"G33+H33+J33+I33","v":{"v":37.906875,"d":"£37.91"}},{"$f":"E33*C33","v":{"v":452.22901874999997,"d":"£452.23"}},{"v":10.4625,"d":"£10.46"},{"v":22.5,"d":"£22.50"},{"$f":"IF(D33=0,\" \",(G33)*(Details!$C$4+Details!$C$8))","v":{"v":1.5693750000000002,"d":"£1.57"}},{"$f":"IF(D33=0,\" \",(H33)*(Details!$C$6+Details!$C$8))","v":{"v":3.3750000000000004,"d":"£3.38"}},{"$f":"+G33*C33","v":{"v":124.817625,"d":"£124.82"}},{"$f":"+H33*C33","v":{"v":268.425,"d":"£268.43"}},{"$f":"IF(D33=0,\" \",(I33*C33))","v":{"v":18.722643750000003,"d":"£18.72"}},{"$f":"IF(D33=0,\" \",(J33*C33))","v":{"v":40.26375,"d":"£40.26"}}]
[{"$f":"IF(F34<>\"\",(LARGE(A$4:A33,1)+1),\"\")","v":""}]
[{"$f":"IF(F35<>\"\",(LARGE(A$4:A34,1)+1),\"\")","v":11},"75 mm High Soldier Course Sill",8.88,"m",{"$f":"G35+H35+J35+I35","v":{"v":29.483125000000005,"d":"£29.48"}},{"$f":"E35*C35","v":{"v":261.8101500000001,"d":"£261.81"}},{"v":8.137500000000001,"d":"£8.14"},{"v":17.5,"d":"£17.50"},{"$f":"IF(D35=0,\" \",(G35)*(Details!$C$4+Details!$C$8))","v":{"v":1.2206250000000003,"d":"£1.22"}},{"$f":"IF(D35=0,\" \",(H35)*(Details!$C$6+Details!$C$8))","v":{"v":2.6250000000000004,"d":"£2.63"}},{"$f":"+G35*C35","v":{"v":72.26100000000001,"d":"£72.26"}},{"$f":"+H35*C35","v":{"v":155.4,"d":"£155.40"}},{"$f":"IF(D35=0,\" \",(I35*C35))","v":{"v":10.839150000000004,"d":"£10.84"}},{"$f":"IF(D35=0,\" \",(J35*C35))","v":{"v":23.310000000000006,"d":"£23.31"}}]
[{"$f":"IF(F36<>\"\",(LARGE(A$4:A35,1)+1),\"\")","v":""}]
[{"$f":"IF(F37<>\"\",(LARGE(A$4:A36,1)+1),\"\")","v":""},"LINTELS",{"$nulls":6},{"$f":"IF(D37=0,\" \",(G37)*(Details!$C$4+Details!$C$8))","v":" "},{"$f":"IF(D37=0,\" \",(H37)*(Details!$C$6+Details!$C$8))","v":" "},null,null,{"$f":"IF(D37=0,\" \",(I37*C37))","v":" "},{"$f":"IF(D37=0,\" \",(J37*C37))","v":" "}]
[{"$f":"IF(F38<>\"\",(LARGE(A$4:A37,1)+1),\"\")","v":""},{"$nulls":7},{"$f":"IF(D38=0,\" \",(G38)*(Details!$C$4+Details!$C$8))","v":" "},{"$f":"IF(D38=0,\" \",(H38)*(Details!$C$6+Details!$C$8))","v":" "},{"$nulls":3},{"$f":"IF(D38=0,\" \",(J38*C38))","v":" "}]
[{"$f":"IF(F39<>\"\",(LARGE(A$4:A38,1)+1),\"\")","v":12},"50x100 C24 Engineered Timber Lintels",21.41,"m",{"$f":"G39+H39+J39+I39","v":{"v":22.744125000000004,"d":"£22.74"}},{"$f":"E39*C39","v":{"v":486.95171625000006,"d":"£486.95"}},{"v":6.277500000000001,"d":"£6.28"},{"v":13.5,"d":"£13.50"},{"$f":"IF(D39=0,\" \",(G39)*(Details!$C$4+Details!$C$8))","v":{"v":0.9416250000000003,"d":"£0.94"}},{"$f":"IF(D39=0,\" \",(H39)*(Details!$C$6+Details!$C$8))","v":{"v":2.0250000000000004,"d":"£2.03"}},{"$f":"+G39*C39","v":{"v":134.40127500000003,"d":"£134.40"}},{"$f":"+H39*C39","v":{"v":289.035,"d":"£289.04"}},{"$f":"IF(D39=0,\" \",(I39*C39))","v":{"v":20.160191250000008,"d":"£20.16"}},{"$f":"IF(D39=0,\" \",(J39*C39))","v":{"v":43.355250000000005,"d":"£43.36"}}]
[{"$f":"IF(F40<>\"\",(LARGE(A$4:A39,1)+1),\"\")","v":""},{"$nulls":7},{"$f":"IF(D40=0,\" \",(G40)*(Details!$C$4+Details!$C$8))","v":" "},{"$f":"IF(D40=0,\" \",(H40)*(Details!$C$6+Details!$C$8))","v":" "},{"$nulls":3},{"$f":"IF(D40=0,\" \",(J40*C40))","v":" "}]
[{"$f":"IF(F41<>\"\",(LARGE(A$4:A40,1)+1),\"\")","v":13},"50x300 C24 Engineered Timber Lintels",2.32,"m",{"$f":"G41+H41+J41+I41","v":{"v":28.388037500000003,"d":"£28.39"}},{"$f":"E41*C41","v":{"v":65.860247,"d":"£65.86"}},{"v":7.835250000000001,"d":"£7.84"},{"v":16.85,"d":"£16.85"},{"$f":"IF(D41=0,\" \",(G41)*(Details!$C$4+Details!$C$8))","v":{"v":1.1752875000000003,"d":"£1.18"}},{"$f":"IF(D41=0,\" \",(H41)*(Details!$C$6+Details!$C$8))","v":{"v":2.5275000000000007,"d":"£2.53"}},{"$f":"+G41*C41","v":{"v":18.177780000000002,"d":"£18.18"}},{"$f":"+H41*C41","v":{"v":39.092,"d":"£39.09"}},{"$f":"IF(D41=0,\" \",(I41*C41))","v":{"v":2.7266670000000004,"d":"£2.73"}},{"$f":"IF(D41=0,\" \",(J41*C41))","v":{"v":5.863800000000001,"d":"£5.86"}}]
[{"$f":"IF(F42<>\"\",(LARGE(A$4:A41,1)+1),\"\")","v":""}]
[{"$f":"IF(F43<>\"\",(LARGE(A$4:A42,1)+1),\"\")","v":14},"Catanic CG Lintel",30.64,"m",{"$f":"G43+H43+J43+I43","v":{"v":32.852625,"d":"£32.85"}},{"$f":"E43*C43","v":{"v":1006.6044300000001,"d":"£1,006.60"}},{"v":9.0675,"d":"£9.07"},{"v":19.5,"d":"£19.50"},{"$f":"IF(D43=0,\" \",(G43)*(Details!$C$4+Details!$C$8))","v":{"v":1.3601250000000003,"d":"£1.36"}},{"$f":"IF(D43=0,\" \",(H43)*(Details!$C$6+Details!$C$8))","v":{"v":2.9250000000000003,"d":"£2.93"}},{"$f":"+G43*C43","v":{"v":277.82820000000004,"d":"£277.83"}},{"$f":"+H43*C43","v":{"v":597.48,"d":"£597.48"}},{"$f":"IF(D43=0,\" \",(I43*C43))","v":{"v":41.67423000000001,"d":"£41.67"}},{"$f":"IF(D43=0,\" \",(J43*C43))","v":{"v":89.62200000000001,"d":"£89.62"}}]
[{"$f":"IF(F44<>\"\",(LARGE(A$4:A43,1)+1),\"\")","v":""}]
[{"$f":"IF(F45<>\"\",(LARGE(A$4:A44,1)+1),\"\")","v":""},"STAIRCASE ",{"$nulls":6},{"$f":"IF(D45=0,\" \",(G45)*(Details!$C$4+Details!$C$8))","v":" "},{"$f":"IF(D45=0,\" \",(H45)*(Details!$C$6+Details!$C$8))","v":" "}]
[{"$f":"IF(F46<>\"\",(LARGE(A$4:A45,1)+1),\"\")","v":""},{"$nulls":7},{"$f":"IF(D46=0,\" \",(G46)*(Details!$C$4+Details!$C$8))","v":" "},{"$f":"IF(D46=0,\" \",(H46)*(Details!$C$6+Details!$C$8))","v":" "},{"$nulls":3},{"$f":"IF(D46=0,\" \",(J46*C46))","v":" "}]
[{"$f":"IF(F47<>\"\",(LARGE(A$4:A46,1)+1),\"\")","v":15},"63 x 200 mm Stringer @ Stairs",20.32,"m",{"$f":"G47+H47+J47+I47","v":{"v":71.601875,"d":"£71.60"}},{"$f":"E47*C47","v":{"v":1454.9501000000002,"d":"£1,454.95"}},{"v":19.7625,"d":"£19.76"},{"v":42.5,"d":"£42.50"},{"$f":"IF(D47=0,\" \",(G47)*(Details!$C$4+Details!$C$8))","v":{"v":2.9643750000000004,"d":"£2.96"}},{"$f":"IF(D47=0,\" \",(H47)*(Details!$C$6+Details!$C$8))","v":{"v":6.375000000000001,"d":"£6.38"}},{"$f":"+G47*C47","v":{"v":401.574,"d":"£401.57"}},{"$f":"+H47*C47","v":{"v":863.6,"d":"£863.60"}},{"$f":"IF(D47=0,\" \",(I47*C47))","v":{"v":60.23610000000001,"d":"£60.24"}},{"$f":"IF(D47=0,\" \",(J47*C47))","v":{"v":129.54000000000002,"d":"£129.54"}}]
[{"$f":"IF(F48<>\"\",(LARGE(A$4:A47,1)+1),\"\")","v":""},{"$nulls":7},{"$f":"IF(D48=0,\" \",(G48)*(Details!$C$4+Details!$C$8))","v":" "},{"$f":"IF(D48=0,\" \",(H48)*(Details!$C$6+Details!$C$8))","v":" "},{"$nulls":3},{"$f":"IF(D48=0,\" \",(J48*C48))","v":" "}]
[{"$f":"IF(F49<>\"\",(LARGE(A$4:A48,1)+1),\"\")","v":16},"1000mm Wide Timber Stairs (Risers 16, 293.60mm & Goings, 230mm)",{"v":2,"d":"2.00"},"no.",{"$f":"G49+H49+J49+I49","v":{"v":379.06875,"d":"£379.07"}},{"$f":"E49*C49","v":{"v":758.1375,"d":"£758.14"}},{"v":104.625,"d":"£104.63"},{"v":225,"d":"£225.00"},{"$f":"IF(D49=0,\" \",(G49)*(Details!$C$4+Details!$C$8))","v":{"v":15.693750000000003,"d":"£15.69"}},{"$f":"IF(D49=0,\" \",(H49)*(Details!$C$6+Details!$C$8))","v":{"v":33.75000000000001,"d":"£33.75"}},{"$f":"+G49*C49","v":{"v":209.25,"d":"£209.25"}},{"$f":"+H49*C49","v":{"v":450,"d":"£450.00"}},{"$f":"IF(D49=0,\" \",(I49*C49))","v":{"v":31.387500000000006,"d":"£31.39"}},{"$f":"IF(D49=0,\" \",(J49*C49))","v":{"v":67.50000000000001,"d":"£67.50"}}]
[{"$f":"IF(F50<>\"\",(LARGE(A$4:A49,1)+1),\"\")","v":""}]
[{"$f":"IF(F51<>\"\",(LARGE(A$4:A50,1)+1),\"\")","v":17},"900 mm High Wood Railing",20.32,"m",{"$f":"G51+H51+J51+I51","v":{"v":71.601875,"d":"£71.60"}},{"$f":"E51*C51","v":{"v":1454.9501000000002,"d":"£1,454.95"}},{"v":19.7625,"d":"£19.76"},{"v":42.5,"d":"£42.50"},{"$f":"IF(D51=0,\" \",(G51)*(Details!$C$4+Details!$C$8))","v":{"v":2.9643750000000004,"d":"£2.96"}},{"$f":"IF(D51=0,\" \",(H51)*(Details!$C$6+Details!$C$8))","v":{"v":6.375000000000001,"d":"£6.38"}},{"$f":"+G51*C51","v":{"v":401.574,"d":"£401.57"}},{"$f":"+H51*C51","v":{"v":863.6,"d":"£863.60"}},{"$f":"IF(D51=0,\" \",(I51*C51))","v":{"v":60.23610000000001,"d":"£60.24"}},{"$f":"IF(D51=0,\" \",(J51*C51))","v":{"v":129.54000000000002,"d":"£129.54"}}]
[{"$f":"IF(F52<>\"\",(LARGE(A$7:A51,1)+1),\"\")","v":""},{"$nulls":14},"Check"]
[{"$nulls":4},"Sub Total",{"$f":"SUM(F8:F52)","v":{"v":126000.76689414703,"d":"£126,000.77"}},{"$nulls":3},{"$f":"IF(D53=0,\" \",(G53+H53)*(Details!$C$4+Details!$C$6))","v":" "},{"$f":"SUM(K8:K52)","v":{"v":34776.884763780006,"d":"£34,776.88"}},{"$f":"SUM(L8:L52)","v":{"v":74788.999492,"d":"£74,789.00"}},{"$f":"SUM(M8:M52)","v":{"v":5216.532714567001,"d":"£5,216.53"}},{"$f":"SUM(N8:N52)","v":{"v":11218.349923800004,"d":"£11,218.35"}},null,{"$f":"+F53-K53-L53-N53-M53","v":{"v":1.9099388737231493E-11,"d":"£0.00"}}]
[{"$f":"IF(D54=0,\" \",(LARGE(A$18:A53,1)+1))","v":" "},{"$nulls":8},{"$f":"IF(D54=0,\" \",(G54+H54)*(Details!$C$4+Details!$C$6))","v":" "}]

{"sheet":"Structural Steelwork","index":7,"n_rows":32,"n_cols":40,"rows_kept":32,"merged":[[4,6,4,9],[4,10,4,13]]}
[]
[null,{"$f":"+'Qual, Excl & Assum'!B2","v":"PROJECT NAME: SQUAIRRELS LEAP GUILDFORD ROAD, CHERTSEY KT16 9RU"}]
[null,{"$f":"+'Qual, Excl & Assum'!B3","v":"DATE: 25TH NOVEMBER 2025"}]
[]
[null,"Structural Steelwork & Timberwork",{"$nulls":4},"RATES",{"$nulls":3},"TOTALS"]
[]
[null,"Description","Quantity","Unit","Rate","Total","Labor","Materials","L Markup","M Markup","Labor","Materials","L Markup","M Markup"]
[{"$f":"IF(F8<>\"\",(LARGE(A$7:A7,1)+1),\"\")","v":""},{"$nulls":8},{"$f":"IF(D8=0,\" \",(G8+H8)*(Details!$C$4))","v":" "},{"$nulls":3},{"$f":"IF(D8=0,\" \",(J8*C8))","v":" "}]
[{"$f":"IF(F9<>\"\",(LARGE(A$7:A8,1)+1),\"\")","v":""},"STRUCTURAL STEELWORK",{"$nulls":23},{"$f":"IF(F9<>\"\",(LARGE(A$7:A8,1)+1),\"\")","v":""},"STRUCTURAL STEELWORK"]
[]
[{"$f":"IF(F11<>\"\",(LARGE(A$7:A10,1)+1),\"\")","v":""},"BEAMS"]
[{"$f":"IF(F12<>\"\",(LARGE(A$7:A11,1)+1),\"\")","v":""}]
[1,"200x90x30 PFC",15.32,"m",{"$f":"G13+H13+J13+I13","v":{"v":115.405375,"d":"£115.41"}},{"$f":"E13*C13","v":{"v":1768.0103450000001,"d":"£1,768.01"}},{"v":31.852500000000003,"d":"£31.85"},{"v":68.5,"d":"£68.50"},{"$f":"IF(D13=0,\" \",(G13)*(Details!$C$4+Details!$C$8))","v":{"v":4.777875000000001,"d":"£4.78"}},{"$f":"IF(D13=0,\" \",(H13)*(Details!$C$6+Details!$C$8))","v":{"v":10.275000000000002,"d":"£10.28"}},{"$f":"+G13*C13","v":{"v":487.98030000000006,"d":"£487.98"}},{"$f":"+H13*C13","v":{"v":1049.42,"d":"£1,049.42"}},{"$f":"IF(D13=0,\" \",(I13*C13))","v":{"v":73.19704500000002,"d":"£73.20"}},{"$f":"IF(D13=0,\" \",(J13*C13))","v":{"v":157.41300000000004,"d":"£157.41"}},{"$nulls":11},1,null,null,"m",{"$f":"G13+H13+J13+I13","v":{"v":115.405375,"d":"£115.41"}},{"$f":"E13*C13","v":{"v":1768.0103450000001,"d":"£1,768.01"}},{"$f":"O13*1.75*Details!$M$36","v":{"v":0,"d":"£0.00"}},{"$f":"O13*3+500/1000*O13*C13","v":{"v":0,"d":"£0.00"}},{"$f":"IF(D13=0,\" \",(G13)*(Details!$C$4+Details!$C$8))","v":{"v":4.777875000000001,"d":"£4.78"}},{"$f":"IF(D13=0,\" \",(H13)*(Details!$C$6+Details!$C$8))","v":{"v":10.275000000000002,"d":"£10.28"}},{"$f":"+G13*C13","v":{"v":487.98030000000006,"d":"£487.98"}},{"$f":"+H13*C13","v":{"v":1049.42,"d":"£1,049.42"}},{"$f":"IF(D13=0,\" \",(I13*C13))","v":{"v":73.19704500000002,"d":"£73.20"}},{"$f":"IF(D13=0,\" \",(J13*C13))","v":{"v":157.41300000000004,"d":"£157.41"}},0]
[]
[{"$f":"IF(F15<>\"\",(LARGE(A$7:A13,1)+1),\"\")","v":2},"UC152x152",{"v":11.6655,"d":"11.67"},"m",{"$f":"G15+H15+J15+I15","v":{"v":91.818875,"d":"£91.82"}},{"$f":"E15*C15","v":{"v":1071.1130863125,"d":"£1,071.11"}},{"v":25.3425,"d":"£25.34"},{"v":54.5,"d":"£54.50"},{"$f":"IF(D15=0,\" \",(G15)*(Details!$C$4+Details!$C$8))","v":{"v":3.8013750000000006,"d":"£3.80"}},{"$f":"IF(D15=0,\" \",(H15)*(Details!$C$6+Details!$C$8))","v":{"v":8.175,"d":"£8.18"}},{"$f":"+G15*C15","v":{"v":295.63293375,"d":"£295.63"}},{"$f":"+H15*C15","v":{"v":635.7697499999999,"d":"£635.77"}},{"$f":"IF(D15=0,\" \",(I15*C15))","v":{"v":44.34494006250001,"d":"£44.34"}},{"$f":"IF(D15=0,\" \",(J15*C15))","v":{"v":95.3654625,"d":"£95.37"}}]
[]
[{"$f":"IF(F17<>\"\",(LARGE(A$7:A15,1)+1),\"\")","v":3},"UC152x152 Steel Beam",81.61,"m",{"$f":"G17+H17+J17+I17","v":{"v":91.818875,"d":"£91.82"}},{"$f":"E17*C17","v":{"v":7493.33838875,"d":"£7,493.34"}},{"v":25.3425,"d":"£25.34"},{"v":54.5,"d":"£54.50"},{"$f":"IF(D17=0,\" \",(G17)*(Details!$C$4+Details!$C$8))","v":{"v":3.8013750000000006,"d":"£3.80"}},{"$f":"IF(D17=0,\" \",(H17)*(Details!$C$6+Details!$C$8))","v":{"v":8.175,"d":"£8.18"}},{"$f":"+G17*C17","v":{"v":2068.201425,"d":"£2,068.20"}},{"$f":"+H17*C17","v":{"v":4447.745,"d":"£4,447.75"}},{"$f":"IF(D17=0,\" \",(I17*C17))","v":{"v":310.2302137500001,"d":"£310.23"}},{"$f":"IF(D17=0,\" \",(J17*C17))","v":{"v":667.1617500000001,"d":"£667.16"}}]
[]
[{"$f":"IF(F19<>\"\",(LARGE(A$7:A17,1)+1),\"\")","v":4},"UC203x203",36.04,"m",{"$f":"G19+H19+J19+I19","v":{"v":122.14437500000001,"d":"£122.14"}},{"$f":"E19*C19","v":{"v":4402.083275,"d":"£4,402.08"}},{"v":33.7125,"d":"£33.71"},{"v":72.5,"d":"£72.50"},{"$f":"IF(D19=0,\" \",(G19)*(Details!$C$4+Details!$C$8))","v":{"v":5.056875000000001,"d":"£5.06"}},{"$f":"IF(D19=0,\" \",(H19)*(Details!$C$6+Details!$C$8))","v":{"v":10.875000000000002,"d":"£10.88"}},{"$f":"+G19*C19","v":{"v":1214.9985,"d":"£1,215.00"}},{"$f":"+H19*C19","v":{"v":2612.9,"d":"£2,612.90"}},{"$f":"IF(D19=0,\" \",(I19*C19))","v":{"v":182.24977500000003,"d":"£182.25"}},{"$f":"IF(D19=0,\" \",(J19*C19))","v":{"v":391.93500000000006,"d":"£391.94"}}]
[]
[{"$f":"IF(F21<>\"\",(LARGE(A$7:A19,1)+1),\"\")","v":5},"UC203x203 Steel Beam",14.82,"m",{"$f":"G21+H21+J21+I21","v":{"v":122.14437500000001,"d":"£122.14"}},{"$f":"E21*C21","v":{"v":1810.1796375000001,"d":"£1,810.18"}},{"v":33.7125,"d":"£33.71"},{"v":72.5,"d":"£72.50"},{"$f":"IF(D21=0,\" \",(G21)*(Details!$C$4+Details!$C$8))","v":{"v":5.056875000000001,"d":"£5.06"}},{"$f":"IF(D21=0,\" \",(H21)*(Details!$C$6+Details!$C$8))","v":{"v":10.875000000000002,"d":"£10.88"}},{"$f":"+G21*C21","v":{"v":499.61924999999997,"d":"£499.62"}},{"$f":"+H21*C21","v":{"v":1074.45,"d":"£1,074.45"}},{"$f":"IF(D21=0,\" \",(I21*C21))","v":{"v":74.94288750000001,"d":"£74.94"}},{"$f":"IF(D21=0,\" \",(J21*C21))","v":{"v":161.16750000000002,"d":"£161.17"}}]
[]
[{"$f":"IF(F23<>\"\",(LARGE(A$7:A21,1)+1),\"\")","v":6},"UC254x254x132 Steel Beam",14.83,"m",{"$f":"G23+H23+J23+I23","v":{"v":128.883375,"d":"£128.88"}},{"$f":"E23*C23","v":{"v":1911.3404512500001,"d":"£1,911.34"}},{"v":35.572500000000005,"d":"£35.57"},{"v":76.5,"d":"£76.50"},{"$f":"IF(D23=0,\" \",(G23)*(Details!$C$4+Details!$C$8))","v":{"v":5.3358750000000015,"d":"£5.34"}},{"$f":"IF(D23=0,\" \",(H23)*(Details!$C$6+Details!$C$8))","v":{"v":11.475000000000001,"d":"£11.48"}},{"$f":"+G23*C23","v":{"v":527.5401750000001,"d":"£527.54"}},{"$f":"+H23*C23","v":{"v":1134.4950000000001,"d":"£1,134.50"}},{"$f":"IF(D23=0,\" \",(I23*C23))","v":{"v":79.13102625000002,"d":"£79.13"}},{"$f":"IF(D23=0,\" \",(J23*C23))","v":{"v":170.17425000000003,"d":"£170.17"}}]
[]
[{"$f":"IF(F25<>\"\",(LARGE(A$7:A23,1)+1),\"\")","v":7},"UC305x305 Steel Beam",14.81,"m",{"$f":"G25+H25+J25+I25","v":{"v":137.307125,"d":"£137.31"}},{"$f":"E25*C25","v":{"v":2033.5185212500003,"d":"£2,033.52"}},{"v":37.8975,"d":"£37.90"},{"v":81.5,"d":"£81.50"},{"$f":"IF(D25=0,\" \",(G25)*(Details!$C$4+Details!$C$8))","v":{"v":5.684625000000001,"d":"£5.68"}},{"$f":"IF(D25=0,\" \",(H25)*(Details!$C$6+Details!$C$8))","v":{"v":12.225000000000001,"d":"£12.23"}},{"$f":"+G25*C25","v":{"v":561.261975,"d":"£561.26"}},{"$f":"+H25*C25","v":{"v":1207.015,"d":"£1,207.02"}},{"$f":"IF(D25=0,\" \",(I25*C25))","v":{"v":84.18929625000003,"d":"£84.19"}},{"$f":"IF(D25=0,\" \",(J25*C25))","v":{"v":181.05225000000002,"d":"£181.05"}}]
[{"$f":"IF(F26<>\"\",(LARGE(A$7:A25,1)+1),\"\")","v":""}]
[{"$f":"IF(F27<>\"\",(LARGE(A$7:A26,1)+1),\"\")","v":""},"COLUMNS"]
[{"$f":"IF(F28<>\"\",(LARGE(A$7:A27,1)+1),\"\")","v":""}]
[{"$f":"IF(F29<>\"\",(LARGE(A$7:A28,1)+1),\"\")","v":8},"SHS Column 100x5 (08 EA, 6.5 M High)",{"v":51.2,"d":"51.20"},"m",{"$f":"G29+H29+J29+I29","v":{"v":194.0832,"d":"£194.08"}},{"$f":"E29*C29","v":{"v":9937.059840000002,"d":"£9,937.06"}},{"v":53.568000000000005,"d":"£53.57"},{"v":115.2,"d":"£115.20"},{"$f":"IF(D29=0,\" \",(G29)*(Details!$C$4+Details!$C$8))","v":{"v":8.035200000000001,"d":"£8.04"}},{"$f":"IF(D29=0,\" \",(H29)*(Details!$C$6+Details!$C$8))","v":{"v":17.280000000000005,"d":"£17.28"}},{"$f":"+G29*C29","v":{"v":2742.6816000000003,"d":"£2,742.68"}},{"$f":"+H29*C29","v":{"v":5898.240000000001,"d":"£5,898.24"}},{"$f":"IF(D29=0,\" \",(I29*C29))","v":{"v":411.4022400000001,"d":"£411.40"}},{"$f":"IF(D29=0,\" \",(J29*C29))","v":{"v":884.7360000000003,"d":"£884.74"}}]
[{"$f":"IF(F30<>\"\",(LARGE(A$7:A29,1)+1),\"\")","v":""},{"$nulls":14},"Check"]
[{"$nulls":4},"Sub Total",{"$f":"SUM(F8:F30)","v":{"v":30426.643545062507,"d":"£30,426.64"}},{"$nulls":3},{"$f":"IF(D31=0,\" \",(G31+H31)*(Details!$C$4+Details!$C$6))","v":" "},{"$f":"SUM(K8:K30)","v":{"v":8397.91615875,"d":"£8,397.92"}},{"v":18060.034750000003,"d":"£18,060.03"},{"v":1259.6874238125001,"d":"£1,259.69"},{"v":2709.0052125,"d":"£2,709.01"},null,{"$f":"+F31-K31-L31-N31-M31","v":{"v":5.4569682106375694E-12,"d":"£0.00"}}]
[{"$f":"IF(D32=0,\" \",(LARGE(A$8:A31,1)+1))","v":" "},{"$nulls":8},{"$f":"IF(D32=0,\" \",(G32+H32)*(Details!$C$4+Details!$C$6))","v":" "}]

{"sheet":"Roof","index":8,"n_rows":44,"n_cols":16,"rows_kept":44,"merged":[[4,6,4,9],[4,10,4,13]]}
[]
[null,{"$f":"+'Qual, Excl & Assum'!B2","v":"PROJECT NAME: SQUAIRRELS LEAP GUILDFORD ROAD, CHERTSEY KT16 9RU"}]
[null,{"$f":"+'Qual, Excl & Assum'!B3","v":"DATE: 25TH NOVEMBER 2025"}]
[]
[null,"Roof",{"$nulls":4},"RATES",{"$nulls":3},"TOTALS"]
[]
[null,"Description","Quantity","Unit","Rate","Total","Labour","Materials","L Markup","M Markup","Labour","Materials","L Markup","M Markup"]
[{"$nulls":13},{"$f":"IF(D8=0,\" \",(J8*C8))","v":" "}]
[null,"PITCHED ROOF"]
[]
[1,"Tiles; Slat Roof tiles",239.42,"m2",{"$f":"G11+H11+J11+I11","v":{"v":91.818875,"d":"£91.82"}},{"$f":"E11*C11","v":{"v":21983.2750525,"d":"£21,983.28"}},{"v":25.3425,"d":"£25.34"},{"v":54.5,"d":"£54.50"},{"$f":"IF(D11=0,\" \",(G11)*(Details!$C$4+Details!$C$8))","v":{"v":3.8013750000000006,"d":"£3.80"}},{"$f":"IF(D11=0,\" \",(H11)*(Details!$C$6+Details!$C$8))","v":{"v":8.175,"d":"£8.18"}},{"$f":"+G11*C11","v":{"v":6067.50135,"d":"£6,067.50"}},{"$f":"+H11*C11","v":{"v":13048.39,"d":"£13,048.39"}},{"$f":"IF(D11=0,\" \",(I11*C11))","v":{"v":910.1252025000001,"d":"£910.13"}},{"$f":"IF(D11=0,\" \",(J11*C11))","v":{"v":1957.2585000000001,"d":"£1,957.26"}}]
[{"$f":"IF(F12<>\"\",(LARGE(A$4:A11,1)+1),\"\")","v":""}]
[{"$f":"IF(F13<>\"\",(LARGE(A$4:A12,1)+1),\"\")","v":2},"Battens; 25mm x 38mm",239.42,"m2",{"$f":"G13+H13+J13+I13","v":{"v":58.123875,"d":"£58.12"}},{"$f":"E13*C13","v":{"v":13916.018152499999,"d":"£13,916.02"}},{"v":16.0425,"d":"£16.04"},{"v":34.5,"d":"£34.50"},{"$f":"IF(D13=0,\" \",(G13)*(Details!$C$4+Details!$C$8))","v":{"v":2.4063750000000006,"d":"£2.41"}},{"$f":"IF(D13=0,\" \",(H13)*(Details!$C$6+Details!$C$8))","v":{"v":5.175000000000001,"d":"£5.18"}},{"$f":"+G13*C13","v":{"v":3840.89535,"d":"£3,840.90"}},{"$f":"+H13*C13","v":{"v":8259.99,"d":"£8,259.99"}},{"$f":"IF(D13=0,\" \",(I13*C13))","v":{"v":576.1343025000001,"d":"£576.13"}},{"$f":"IF(D13=0,\" \",(J13*C13))","v":{"v":1238.9985000000001,"d":"£1,239.00"}}]
[{"$f":"IF(F14<>\"\",(LARGE(A$4:A13,1)+1),\"\")","v":""}]
[{"$f":"IF(F15<>\"\",(LARGE(A$4:A14,1)+1),\"\")","v":3},"Breather membrane (Klober Permo Air 160)",239.42,"m2",{"$f":"G15+H15+J15+I15","v":{"v":27.798375,"d":"£27.80"}},{"$f":"E15*C15","v":{"v":6655.4869425,"d":"£6,655.49"}},{"v":7.6725,"d":"£7.67"},{"v":16.5,"d":"£16.50"},{"$f":"IF(D15=0,\" \",(G15)*(Details!$C$4+Details!$C$8))","v":{"v":1.1508750000000003,"d":"£1.15"}},{"$f":"IF(D15=0,\" \",(H15)*(Details!$C$6+Details!$C$8))","v":{"v":2.4750000000000005,"d":"£2.48"}},{"$f":"+G15*C15","v":{"v":1836.94995,"d":"£1,836.95"}},{"$f":"+H15*C15","v":{"v":3950.43,"d":"£3,950.43"}},{"$f":"IF(D15=0,\" \",(I15*C15))","v":{"v":275.54249250000004,"d":"£275.54"}},{"$f":"IF(D15=0,\" \",(J15*C15))","v":{"v":592.5645000000001,"d":"£592.56"}}]
[{"$f":"IF(F16<>\"\",(LARGE(A$4:A15,1)+1),\"\")","v":""}]
[{"$f":"IF(F17<>\"\",(LARGE(A$4:A16,1)+1),\"\")","v":4},"150mm PIR Inulation",239.42,"m2",{"$f":"G17+H17+J17+I17","v":{"v":24.428875,"d":"£24.43"}},{"$f":"E17*C17","v":{"v":5848.7612525,"d":"£5,848.76"}},{"v":6.742500000000001,"d":"£6.74"},{"v":14.5,"d":"£14.50"},{"$f":"IF(D17=0,\" \",(G17)*(Details!$C$4+Details!$C$8))","v":{"v":1.0113750000000001,"d":"£1.01"}},{"$f":"IF(D17=0,\" \",(H17)*(Details!$C$6+Details!$C$8))","v":{"v":2.1750000000000003,"d":"£2.18"}},{"$f":"+G17*C17","v":{"v":1614.28935,"d":"£1,614.29"}},{"$f":"+H17*C17","v":{"v":3471.5899999999997,"d":"£3,471.59"}},{"$f":"IF(D17=0,\" \",(I17*C17))","v":{"v":242.1434025,"d":"£242.14"}},{"$f":"IF(D17=0,\" \",(J17*C17))","v":{"v":520.7385,"d":"£520.74"}}]
[{"$f":"IF(F18<>\"\",(LARGE(A$4:A17,1)+1),\"\")","v":""}]
[{"$f":"IF(F19<>\"\",(LARGE(A$4:A18,1)+1),\"\")","v":5},"Klober Wallint 50 AVCL",239.42,"m2",{"$f":"G19+H19+J19+I19","v":{"v":42.961125,"d":"£42.96"}},{"$f":"E19*C19","v":{"v":10285.7525475,"d":"£10,285.75"}},{"v":11.8575,"d":"£11.86"},{"v":25.5,"d":"£25.50"},{"$f":"IF(D19=0,\" \",(G19)*(Details!$C$4+Details!$C$8))","v":{"v":1.7786250000000003,"d":"£1.78"}},{"$f":"IF(D19=0,\" \",(H19)*(Details!$C$6+Details!$C$8))","v":{"v":3.8250000000000006,"d":"£3.83"}},{"$f":"+G19*C19","v":{"v":2838.92265,"d":"£2,838.92"}},{"$f":"+H19*C19","v":{"v":6105.21,"d":"£6,105.21"}},{"$f":"IF(D19=0,\" \",(I19*C19))","v":{"v":425.83839750000004,"d":"£425.84"}},{"$f":"IF(D19=0,\" \",(J19*C19))","v":{"v":915.7815,"d":"£915.78"}}]
[{"$f":"IF(F20<>\"\",(LARGE(A$4:A19,1)+1),\"\")","v":""}]
[{"$f":"IF(F21<>\"\",(LARGE(A$4:A20,1)+1),\"\")","v":6},"Exterior Grade Plywood Sheathing",239.42,"m2",{"$f":"G21+H21+J21+I21","v":{"v":21.312087500000004,"d":"£21.31"}},{"$f":"E21*C21","v":{"v":5102.539989250001,"d":"£5,102.54"}},{"v":5.882250000000001,"d":"£5.88"},{"v":12.65,"d":"£12.65"},{"$f":"IF(D21=0,\" \",(G21)*(Details!$C$4+Details!$C$8))","v":{"v":0.8823375000000002,"d":"£0.88"}},{"$f":"IF(D21=0,\" \",(H21)*(Details!$C$6+Details!$C$8))","v":{"v":1.8975000000000004,"d":"£1.90"}},{"$f":"+G21*C21","v":{"v":1408.328295,"d":"£1,408.33"}},{"$f":"+H21*C21","v":{"v":3028.663,"d":"£3,028.66"}},{"$f":"IF(D21=0,\" \",(I21*C21))","v":{"v":211.24924425000003,"d":"£211.25"}},{"$f":"IF(D21=0,\" \",(J21*C21))","v":{"v":454.2994500000001,"d":"£454.30"}}]
[{"$f":"IF(F22<>\"\",(LARGE(A$4:A21,1)+1),\"\")","v":""}]
[{"$f":"IF(F23<>\"\",(LARGE(A$4:A22,1)+1),\"\")","v":""},"ROOF SUNDRIES"]
[{"$f":"IF(F24<>\"\",(LARGE(A$4:A23,1)+1),\"\")","v":""}]
[{"$f":"IF(F25<>\"\",(LARGE(A$4:A24,1)+1),\"\")","v":7},"Ridge",48.44,"m",{"$f":"G25+H25+J25+I25","v":{"v":29.483125000000005,"d":"£29.48"}},{"$f":"E25*C25","v":{"v":1428.162575,"d":"£1,428.16"}},{"v":8.137500000000001,"d":"£8.14"},{"v":17.5,"d":"£17.50"},{"$f":"IF(D25=0,\" \",(G25)*(Details!$C$4+Details!$C$8))","v":{"v":1.2206250000000003,"d":"£1.22"}},{"$f":"IF(D25=0,\" \",(H25)*(Details!$C$6+Details!$C$8))","v":{"v":2.6250000000000004,"d":"£2.63"}},{"$f":"+G25*C25","v":{"v":394.18050000000005,"d":"£394.18"}},{"$f":"+H25*C25","v":{"v":847.6999999999999,"d":"£847.70"}},{"$f":"IF(D25=0,\" \",(I25*C25))","v":{"v":59.12707500000001,"d":"£59.13"}},{"$f":"IF(D25=0,\" \",(J25*C25))","v":{"v":127.15500000000002,"d":"£127.16"}}]
[{"$f":"IF(F26<>\"\",(LARGE(A$4:A25,1)+1),\"\")","v":""}]
[{"$f":"IF(F27<>\"\",(LARGE(A$4:A26,1)+1),\"\")","v":8},"Valley",24.22,"m",{"$f":"G27+H27+J27+I27","v":{"v":27.798375,"d":"£27.80"}},{"$f":"E27*C27","v":{"v":673.2766425,"d":"£673.28"}},{"v":7.6725,"d":"£7.67"},{"v":16.5,"d":"£16.50"},{"$f":"IF(D27=0,\" \",(G27)*(Details!$C$4+Details!$C$8))","v":{"v":1.1508750000000003,"d":"£1.15"}},{"$f":"IF(D27=0,\" \",(H27)*(Details!$C$6+Details!$C$8))","v":{"v":2.4750000000000005,"d":"£2.48"}},{"$f":"+G27*C27","v":{"v":185.82795,"d":"£185.83"}},{"$f":"+H27*C27","v":{"v":399.63,"d":"£399.63"}},{"$f":"IF(D27=0,\" \",(I27*C27))","v":{"v":27.874192500000007,"d":"£27.87"}},{"$f":"IF(D27=0,\" \",(J27*C27))","v":{"v":59.94450000000001,"d":"£59.94"}}]
[{"$f":"IF(F28<>\"\",(LARGE(A$4:A27,1)+1),\"\")","v":""}]
[{"$f":"IF(F29<>\"\",(LARGE(A$4:A28,1)+1),\"\")","v":9},"Hips",8.55,"m",{"$f":"G29+H29+J29+I29","v":{"v":29.0619375,"d":"£29.06"}},{"$f":"E29*C29","v":{"v":248.47956562500002,"d":"£248.48"}},{"v":8.02125,"d":"£8.02"},{"v":17.25,"d":"£17.25"},{"$f":"IF(D29=0,\" \",(G29)*(Details!$C$4+Details!$C$8))","v":{"v":1.2031875000000003,"d":"£1.20"}},{"$f":"IF(D29=0,\" \",(H29)*(Details!$C$6+Details!$C$8))","v":{"v":2.5875000000000004,"d":"£2.59"}},{"$f":"+G29*C29","v":{"v":68.5816875,"d":"£68.58"}},{"$f":"+H29*C29","v":{"v":147.4875,"d":"£147.49"}},{"$f":"IF(D29=0,\" \",(I29*C29))","v":{"v":10.287253125000003,"d":"£10.29"}},{"$f":"IF(D29=0,\" \",(J29*C29))","v":{"v":22.123125000000005,"d":"£22.12"}}]
[{"$f":"IF(F30<>\"\",(LARGE(A$4:A29,1)+1),\"\")","v":""}]
[{"$f":"IF(F31<>\"\",(LARGE(A$4:A30,1)+1),\"\")","v":""},"SOFFITS AND FASCIAS - UPVC"]
[{"$f":"IF(F32<>\"\",(LARGE(A$4:A31,1)+1),\"\")","v":""}]
[{"$f":"IF(F33<>\"\",(LARGE(A$4:A32,1)+1),\"\")","v":10},"600 mm Soffit",14.78,"m",{"$f":"G33+H33+J33+I33","v":{"v":37.906875,"d":"£37.91"}},{"$f":"E33*C33","v":{"v":560.2636125,"d":"£560.26"}},{"v":10.4625,"d":"£10.46"},{"v":22.5,"d":"£22.50"},{"$f":"IF(D33=0,\" \",(G33)*(Details!$C$4+Details!$C$8))","v":{"v":1.5693750000000002,"d":"£1.57"}},{"$f":"IF(D33=0,\" \",(H33)*(Details!$C$6+Details!$C$8))","v":{"v":3.3750000000000004,"d":"£3.38"}},{"$f":"+G33*C33","v":{"v":154.63575,"d":"£154.64"}},{"$f":"+H33*C33","v":{"v":332.55,"d":"£332.55"}},{"$f":"IF(D33=0,\" \",(I33*C33))","v":{"v":23.1953625,"d":"£23.20"}},{"$f":"IF(D33=0,\" \",(J33*C33))","v":{"v":49.88250000000001,"d":"£49.88"}}]
[{"$f":"IF(F34<>\"\",(LARGE(A$4:A33,1)+1),\"\")","v":""},{"$nulls":7},{"$f":"IF(D34=0,\" \",(G34)*(Details!$C$4+Details!$C$8))","v":" "},{"$f":"IF(D34=0,\" \",(H34)*(Details!$C$6+Details!$C$8))","v":" "}]
[{"$f":"IF(F35<>\"\",(LARGE(A$4:A34,1)+1),\"\")","v":11},"Fascia",{"v":48.9,"d":"48.90"},"m",{"$f":"G35+H35+J35+I35","v":{"v":41.276374999999994,"d":"£41.28"}},{"$f":"E35*C35","v":{"v":2018.4147374999998,"d":"£2,018.41"}},{"v":11.3925,"d":"£11.39"},{"v":24.5,"d":"£24.50"},{"$f":"IF(D35=0,\" \",(G35)*(Details!$C$4+Details!$C$8))","v":{"v":1.7088750000000004,"d":"£1.71"}},{"$f":"IF(D35=0,\" \",(H35)*(Details!$C$6+Details!$C$8))","v":{"v":3.6750000000000007,"d":"£3.68"}},{"$f":"+G35*C35","v":{"v":557.09325,"d":"£557.09"}},{"$f":"+H35*C35","v":{"v":1198.05,"d":"£1,198.05"}},{"$f":"IF(D35=0,\" \",(I35*C35))","v":{"v":83.56398750000001,"d":"£83.56"}},{"$f":"IF(D35=0,\" \",(J35*C35))","v":{"v":179.70750000000004,"d":"£179.71"}}]
[{"$f":"IF(F36<>\"\",(LARGE(A$4:A35,1)+1),\"\")","v":""},{"$nulls":7},{"$f":"IF(D36=0,\" \",(G36)*(Details!$C$4+Details!$C$8))","v":" "},{"$f":"IF(D36=0,\" \",(H36)*(Details!$C$6+Details!$C$8))","v":" "}]
[{"$f":"IF(F37<>\"\",(LARGE(A$4:A36,1)+1),\"\")","v":""},"RAINWATER GOODS - UPVC",{"$nulls":6},{"$f":"IF(D37=0,\" \",(G37)*(Details!$C$4+Details!$C$8))","v":" "},{"$f":"IF(D37=0,\" \",(H37)*(Details!$C$6+Details!$C$8))","v":" "}]
[{"$f":"IF(F38<>\"\",(LARGE(A$4:A37,1)+1),\"\")","v":""},{"$nulls":7},{"$f":"IF(D38=0,\" \",(G38)*(Details!$C$4+Details!$C$8))","v":" "},{"$f":"IF(D38=0,\" \",(H38)*(Details!$C$6+Details!$C$8))","v":" "}]
[{"$f":"IF(F39<>\"\",(LARGE(A$4:A38,1)+1),\"\")","v":12},"Gutters",23.34,"m",{"$f":"G39+H39+J39+I39","v":{"v":44.645875,"d":"£44.65"}},{"$f":"E39*C39","v":{"v":1042.0347224999998,"d":"£1,042.03"}},{"v":12.3225,"d":"£12.32"},{"v":26.5,"d":"£26.50"},{"$f":"IF(D39=0,\" \",(G39)*(Details!$C$4+Details!$C$8))","v":{"v":1.8483750000000003,"d":"£1.85"}},{"$f":"IF(D39=0,\" \",(H39)*(Details!$C$6+Details!$C$8))","v":{"v":3.9750000000000005,"d":"£3.98"}},{"$f":"+G39*C39","v":{"v":287.60715,"d":"£287.61"}},{"$f":"+H39*C39","v":{"v":618.51,"d":"£618.51"}},{"$f":"IF(D39=0,\" \",(I39*C39))","v":{"v":43.14107250000001,"d":"£43.14"}},{"$f":"IF(D39=0,\" \",(J39*C39))","v":{"v":92.77650000000001,"d":"£92.78"}}]
[{"$f":"IF(F40<>\"\",(LARGE(A$4:A39,1)+1),\"\")","v":""},{"$nulls":7},{"$f":"IF(D40=0,\" \",(G40)*(Details!$C$4+Details!$C$8))","v":" "},{"$f":"IF(D40=0,\" \",(H40)*(Details!$C$6+Details!$C$8))","v":" "},{"$nulls":3}," "]
[{"$f":"IF(F41<>\"\",(LARGE(A$4:A40,1)+1),\"\")","v":13},"Downpipes",45.67,"m",{"$f":"G41+H41+J41+I41","v":{"v":39.591625,"d":"£39.59"}},{"$f":"E41*C41","v":{"v":1808.14951375,"d":"£1,808.15"}},{"v":10.9275,"d":"£10.93"},{"v":23.5,"d":"£23.50"},{"$f":"IF(D41=0,\" \",(G41)*(Details!$C$4+Details!$C$8))","v":{"v":1.6391250000000002,"d":"£1.64"}},{"$f":"IF(D41=0,\" \",(H41)*(Details!$C$6+Details!$C$8))","v":{"v":3.5250000000000004,"d":"£3.53"}},{"$f":"+G41*C41","v":{"v":499.05892500000004,"d":"£499.06"}},{"$f":"+H41*C41","v":{"v":1073.2450000000001,"d":"£1,073.25"}},{"$f":"IF(D41=0,\" \",(I41*C41))","v":{"v":74.85883875,"d":"£74.86"}},{"$f":"IF(D41=0,\" \",(J41*C41))","v":{"v":160.98675000000003,"d":"£160.99"}}]
[{"$f":"IF(F42<>\"\",(LARGE(A$7:A41,1)+1),\"\")","v":""},{"$nulls":7},{"$f":"IF(D42=0,\" \",(G42)*(Details!$C$4+Details!$C$8))","v":" "},{"$f":"IF(D42=0,\" \",(H42)*(Details!$C$6+Details!$C$8))","v":" "},{"$nulls":5},"Check"]
[{"$nulls":4},"Sub Total",{"$f":"SUM(F8:F42)","v":{"v":71570.61530612501,"d":"£71,570.62"}},{"$nulls":3},{"$f":"IF(D43=0,\" \",(G43+H43)*(Details!$C$4+Details!$C$6))","v":" "},{"$f":"SUM(K8:K42)","v":{"v":19753.872157499998,"d":"£19,753.87"}},{"$f":"SUM(L8:L42)","v":{"v":42481.44550000001,"d":"£42,481.45"}},{"$f":"SUM(M8:M42)","v":{"v":2963.0808236250004,"d":"£2,963.08"}},{"$f":"SUM(N8:N42)","v":{"v":6372.216825,"d":"£6,372.22"}},null,{"$f":"+F43-K43-L43-N43-M43","v":{"v":3.637978807091713E-12,"d":"£0.00"}}]
[{"$f":"IF(F44<>\"\",(LARGE(A$7:A43,1)+1),\"\")","v":""},{"$nulls":8},{"$f":"IF(D44=0,\" \",(G44+H44)*(Details!$C$4+Details!$C$6))","v":" "}]

{"sheet":"Windows, Doors & Rooflights","index":9,"n_rows":46,"n_cols":21,"rows_kept":46,"merged":[[5,8,5,11],[5,12,5,15]]}
[{"$nulls":20},{"v":1,"d":"1.00"}]
[null,{"$f":"+Roof!B2","v":"PROJECT NAME: SQUAIRRELS LEAP GUILDFORD ROAD, CHERTSEY KT16 9RU"},{"$nulls":15},"UPVC","UPVC"]
[null,{"$f":"+Roof!B3","v":"DATE: 25TH NOVEMBER 2025"},{"$nulls":15},"Doors","Windows","Roof lights"]
[{"$nulls":17},{"$f":"IF($R$2=\"Multiple\", \"Input\",\n    IF($R$2=\"UPVC\",$U$1*750,0)\n    +IF($R$2=\"Aluminium\",$U$1*1250,0)\n    +IF($R$2=\"Timber\",$U$1*1250,0)\n    +IF($R$2=\"Composite\",$U$1*1500,0)\n    +IF($R$2=\"Crittall\",$U$1*2000,0)\n)","v":{"v":750,"d":"£750.00"}},{"$f":"IF($S$2=\"Multiple\", \"Input\",\n    IF($S$2=\"UPVC\",$U$1*250,0)\n    +IF($S$2=\"Aluminium\",$U$1*600,0)\n    +IF($S$2=\"Timber\",$U$1*550,0)\n    +IF($S$2=\"Composite\",$U$1*450,0)\n    +IF($S$2=\"Crittall\",$U$1*1250,0)\n)","v":{"v":250,"d":"£250.00"}},{"v":800,"d":"800.00"}]
[{"$nulls":17},{"$f":"IF($R$2=\"Multiple\", \"Input\", \"\")","v":""},{"$f":"IF($S$2=\"Multiple\", \"Input\", \"\")","v":""}]
[null,"External Windows, Doors and Roof lights",{"$nulls":6},"RATES",{"$nulls":3},"TOTALS"]
[]
[null,"Description",null,null,"Quantity","Unit","Rate","Total","Labor","Materials","L Markup","M Markup","Labor","Materials","L Markup","M Markup"]
[null,null,"Approx.","Approx.",{"$nulls":11},{"$f":"IF(F9=0,\" \",(L9*E9))","v":" "}]
[]
[null,"DOORS","Width (mm)","Height (mm)",{"$nulls":11},{"$f":"IF(F11=0,\" \",(L11*E11))","v":" "}]
[{"$nulls":15}," "]
[1,"Single Leaf Door w/ Frame",800,"1900mm",20,"no.",{"$f":"I13+J13+L13+K13","v":{"v":1255.13875,"d":"£1,255.14"}},{"$f":"G13*E13","v":{"v":25102.775,"d":"£25,102.78"}},{"v":346.425,"d":"£346.43"},{"v":745,"d":"£745.00"},{"$f":"IF(F13=0,\" \",(I13)*([1]Details!$C$4+[1]Details!$C$8))","v":{"v":51.96375000000001,"d":"£51.96"}},{"$f":"IF(F13=0,\" \",(J13)*([1]Details!$C$6+[1]Details!$C$8))","v":{"v":111.75000000000001,"d":"£111.75"}},{"$f":"+I13*E13","v":{"v":6928.5,"d":"£6,928.50"}},{"$f":"+J13*E13","v":{"v":14900,"d":"£14,900.00"}},{"$f":"IF(F13=0,\" \",(K13*E13))","v":{"v":1039.2750000000003,"d":"£1,039.28"}},{"$f":"IF(F13=0,\" \",(L13*E13))","v":{"v":2235.0000000000005,"d":"£2,235.00"}}]
[]
[2,"Single Leaf Door w/ Frame",1200,2400,1,"no.",{"$f":"I15+J15+L15+K15","v":{"v":1288.83375,"d":"£1,288.83"}},{"$f":"G15*E15","v":{"v":1288.83375,"d":"£1,288.83"}},{"v":355.725,"d":"£355.73"},{"v":765,"d":"£765.00"},{"$f":"IF(F15=0,\" \",(I15)*([1]Details!$C$4+[1]Details!$C$8))","v":{"v":53.358750000000015,"d":"£53.36"}},{"$f":"IF(F15=0,\" \",(J15)*([1]Details!$C$6+[1]Details!$C$8))","v":{"v":114.75000000000001,"d":"£114.75"}},{"$f":"+I15*E15","v":{"v":355.725,"d":"£355.73"}},{"$f":"+J15*E15","v":{"v":765,"d":"£765.00"}},{"$f":"IF(F15=0,\" \",(K15*E15))","v":{"v":53.358750000000015,"d":"£53.36"}},{"$f":"IF(F15=0,\" \",(L15*E15))","v":{"v":114.75000000000001,"d":"£114.75"}}]
[]
[{"$f":"IF(F17<>\"\",(LARGE(A$8:A15,1)+1),\"\")","v":3},"Single Leaf Door W/\n Two Fixed Panels On Both Sides w/ Frame",2000,2400,1,"no.",{"v":1322.5287500000002,"d":"£1,322.53"},{"v":1322.5287500000002,"d":"£1,322.53"},{"v":365.02500000000003,"d":"£365.03"},{"v":785,"d":"£785.00"},{"$f":"IF(F17=0,\" \",(I17)*([1]Details!$C$4+[1]Details!$C$8))","v":{"v":54.75375000000001,"d":"£54.75"}},{"$f":"IF(F17=0,\" \",(J17)*([1]Details!$C$6+[1]Details!$C$8))","v":{"v":117.75000000000001,"d":"£117.75"}},{"v":365.02500000000003,"d":"£365.03"},{"v":785,"d":"£785.00"},{"v":54.75375000000001,"d":"£54.75"},{"v":117.75000000000001,"d":"£117.75"}]
[]
[{"$f":"IF(F19<>\"\",(LARGE(A$8:A17,1)+1),\"\")","v":4},"Single Leaf Side Lite Door w/ Frame",1600,2000,1,"no.",{"v":1373.07125,"d":"£1,373.07"},{"v":1373.07125,"d":"£1,373.07"},{"v":378.975,"d":"£378.98"},{"v":815,"d":"£815.00"},{"$f":"IF(F19=0,\" \",(I19)*([1]Details!$C$4+[1]Details!$C$8))","v":{"v":56.84625000000001,"d":"£56.85"}},{"$f":"IF(F19=0,\" \",(J19)*([1]Details!$C$6+[1]Details!$C$8))","v":{"v":122.25000000000001,"d":"£122.25"}},{"v":378.975,"d":"£378.98"},{"v":815,"d":"£815.00"},{"v":56.84625000000001,"d":"£56.85"},{"v":122.25000000000001,"d":"£122.25"}]
[]
[{"$f":"IF(F21<>\"\",(LARGE(A$8:A19,1)+1),\"\")","v":5},"Double Leaf Side Lite Door w/ Frame",2900,2000,2,"no.",{"v":1423.61375,"d":"£1,423.61"},{"v":2847.2275,"d":"£2,847.23"},{"v":392.925,"d":"£392.93"},{"v":845,"d":"£845.00"},{"$f":"IF(F21=0,\" \",(I21)*([1]Details!$C$4+[1]Details!$C$8))","v":{"v":58.93875000000001,"d":"£58.94"}},{"$f":"IF(F21=0,\" \",(J21)*([1]Details!$C$6+[1]Details!$C$8))","v":{"v":126.75000000000001,"d":"£126.75"}},{"v":785.85,"d":"£785.85"},{"v":1690,"d":"£1,690.00"},{"v":117.87750000000003,"d":"£117.88"},{"v":253.50000000000003,"d":"£253.50"}]
[]
[{"$f":"IF(F23<>\"\",(LARGE(A$8:A21,1)+1),\"\")","v":6},"Garage Door",4800,2400,1,"no.",{"v":2442.8875,"d":"£2,442.89"},{"v":2442.8875,"d":"£2,442.89"},{"v":674.25,"d":"£674.25"},{"v":1450,"d":"£1,450.00"},{"$f":"IF(F23=0,\" \",(I23)*([1]Details!$C$4+[1]Details!$C$8))","v":{"v":101.13750000000002,"d":"£101.14"}},{"$f":"IF(F23=0,\" \",(J23)*([1]Details!$C$6+[1]Details!$C$8))","v":{"v":217.50000000000003,"d":"£217.50"}},{"v":674.25,"d":"£674.25"},{"v":1450,"d":"£1,450.00"},{"v":101.13750000000002,"d":"£101.14"},{"v":217.50000000000003,"d":"£217.50"}]
[]
[{"$f":"IF(F25<>\"\",(LARGE(A$8:A23,1)+1),\"\")","v":7},"Double Leaf Door w/ Frame",1200,1900,2,"no.",{"v":1937.4625,"d":"£1,937.46"},{"v":3874.925,"d":"£3,874.93"},{"v":534.75,"d":"£534.75"},{"v":1150,"d":"£1,150.00"},{"$f":"IF(F25=0,\" \",(I25)*([1]Details!$C$4+[1]Details!$C$8))","v":{"v":80.2125,"d":"£80.21"}},{"$f":"IF(F25=0,\" \",(J25)*([1]Details!$C$6+[1]Details!$C$8))","v":{"v":172.50000000000003,"d":"£172.50"}},{"v":1069.5,"d":"£1,069.50"},{"v":2300,"d":"£2,300.00"},{"v":160.425,"d":"£160.43"},{"v":345.00000000000006,"d":"£345.00"}]
[]
[{"$f":"IF(F27<>\"\",(LARGE(A$8:A25,1)+1),\"\")","v":8},"Sliding Door w/ Frame",1700,1900,1,"no.",{"v":1625.7837499999998,"d":"£1,625.78"},{"v":1625.7837499999998,"d":"£1,625.78"},{"v":448.725,"d":"£448.73"},{"v":965,"d":"£965.00"},{"$f":"IF(F27=0,\" \",(I27)*([1]Details!$C$4+[1]Details!$C$8))","v":{"v":67.30875000000002,"d":"£67.31"}},{"$f":"IF(F27=0,\" \",(J27)*([1]Details!$C$6+[1]Details!$C$8))","v":{"v":144.75000000000003,"d":"£144.75"}},{"v":448.725,"d":"£448.73"},{"v":965,"d":"£965.00"},{"v":67.30875000000002,"d":"£67.31"},{"v":144.75000000000003,"d":"£144.75"}]
[{"$f":"IF(F28<>\"\",(LARGE(A$8:A27,1)+1),\"\")","v":""}]
[{"$f":"IF(F29<>\"\",(LARGE(A$8:A28,1)+1),\"\")","v":""},"WINDOWS ","Width (mm)","Height (mm)",{"$nulls":6},{"$f":"IF(F29=0,\" \",(I29)*([1]Details!$C$4+[1]Details!$C$8))","v":" "},{"$f":"IF(F29=0,\" \",(J29)*([1]Details!$C$6+[1]Details!$C$8))","v":" "},null,null,{"$f":"IF(F29=0,\" \",(K29*E29))","v":" "},{"$f":"IF(F29=0,\" \",(L29*E29))","v":" "}]
[{"$f":"IF(F30<>\"\",(LARGE(A$8:A29,1)+1),\"\")","v":""}]
[{"$f":"IF(F31<>\"\",(LARGE(A$8:A30,1)+1),\"\")","v":9},"Window W/ Frame",900,1600,5,"no.",{"v":918.1887499999999,"d":"£918.19"},{"$f":"G31*E31","v":{"v":4590.943749999999,"d":"£4,590.94"}},{"v":253.425,"d":"£253.43"},{"v":545,"d":"£545.00"},{"$f":"IF(F31=0,\" \",(I31)*([1]Details!$C$4+[1]Details!$C$8))","v":{"v":38.01375000000001,"d":"£38.01"}},{"$f":"IF(F31=0,\" \",(J31)*([1]Details!$C$6+[1]Details!$C$8))","v":{"v":81.75000000000001,"d":"£81.75"}},{"$f":"+I31*E31","v":{"v":1267.125,"d":"£1,267.13"}},{"$f":"+J31*E31","v":{"v":2725,"d":"£2,725.00"}},{"$f":"IF(F31=0,\" \",(K31*E31))","v":{"v":190.06875000000005,"d":"£190.07"}},{"$f":"IF(F31=0,\" \",(L31*E31))","v":{"v":408.75000000000006,"d":"£408.75"}}]
[]
[{"$f":"IF(F33<>\"\",(LARGE(A$8:A31,1)+1),\"\")","v":10},"Four Panel Window w/ Frame",5900,2400,1,"no.",{"v":2105.9375,"d":"£2,105.94"},{"v":2105.9375,"d":"£2,105.94"},{"v":581.25,"d":"£581.25"},{"v":1250,"d":"£1,250.00"},{"$f":"IF(F33=0,\" \",(I33)*([1]Details!$C$4+[1]Details!$C$8))","v":{"v":87.18750000000001,"d":"£87.19"}},{"$f":"IF(F33=0,\" \",(J33)*([1]Details!$C$6+[1]Details!$C$8))","v":{"v":187.50000000000003,"d":"£187.50"}},{"v":581.25,"d":"£581.25"},{"v":1250,"d":"£1,250.00"},{"v":87.18750000000001,"d":"£87.19"},{"v":187.50000000000003,"d":"£187.50"}]
[]
[{"$f":"IF(F35<>\"\",(LARGE(A$8:A33,1)+1),\"\")","v":11},"Window W/ Frame",700,1600,2,"no.",{"v":867.64625,"d":"£867.65"},{"v":1735.2925,"d":"£1,735.29"},{"v":239.47500000000002,"d":"£239.48"},{"v":515,"d":"£515.00"},{"$f":"IF(F35=0,\" \",(I35)*([1]Details!$C$4+[1]Details!$C$8))","v":{"v":35.92125000000001,"d":"£35.92"}},{"$f":"IF(F35=0,\" \",(J35)*([1]Details!$C$6+[1]Details!$C$8))","v":{"v":77.25000000000001,"d":"£77.25"}},{"v":478.95000000000005,"d":"£478.95"},{"v":1030,"d":"£1,030.00"},{"v":71.84250000000002,"d":"£71.84"},{"v":154.50000000000003,"d":"£154.50"}]
[]
[{"$f":"IF(F37<>\"\",(LARGE(A$8:A35,1)+1),\"\")","v":12},"Window W/ Frame",700,1800,2,"no.",{"v":901.34125,"d":"£901.34"},{"v":1802.6825,"d":"£1,802.68"},{"v":248.775,"d":"£248.78"},{"v":535,"d":"£535.00"},{"$f":"IF(F37=0,\" \",(I37)*([1]Details!$C$4+[1]Details!$C$8))","v":{"v":37.316250000000004,"d":"£37.32"}},{"$f":"IF(F37=0,\" \",(J37)*([1]Details!$C$6+[1]Details!$C$8))","v":{"v":80.25000000000001,"d":"£80.25"}},{"v":497.55,"d":"£497.55"},{"v":1070,"d":"£1,070.00"},{"v":74.63250000000001,"d":"£74.63"},{"v":160.50000000000003,"d":"£160.50"}]
[]
[{"$f":"IF(F39<>\"\",(LARGE(A$8:A37,1)+1),\"\")","v":13},"Window W/ Frame",1900,1700,2,"no.",{"v":1086.66375,"d":"£1,086.66"},{"v":2173.3275,"d":"£2,173.33"},{"v":299.925,"d":"£299.93"},{"v":645,"d":"£645.00"},{"$f":"IF(F39=0,\" \",(I39)*([1]Details!$C$4+[1]Details!$C$8))","v":{"v":44.98875000000001,"d":"£44.99"}},{"$f":"IF(F39=0,\" \",(J39)*([1]Details!$C$6+[1]Details!$C$8))","v":{"v":96.75000000000001,"d":"£96.75"}},{"v":599.85,"d":"£599.85"},{"v":1290,"d":"£1,290.00"},{"v":89.97750000000002,"d":"£89.98"},{"v":193.50000000000003,"d":"£193.50"}]
[]
[{"$f":"IF(F41<>\"\",(LARGE(A$8:A39,1)+1),\"\")","v":14},"Window w/ Frame",2700,1600,1,"no.",{"v":1221.44375,"d":"£1,221.44"},{"v":1221.44375,"d":"£1,221.44"},{"v":337.125,"d":"£337.13"},{"v":725,"d":"£725.00"},{"$f":"IF(F41=0,\" \",(I41)*([1]Details!$C$4+[1]Details!$C$8))","v":{"v":50.56875000000001,"d":"£50.57"}},{"$f":"IF(F41=0,\" \",(J41)*([1]Details!$C$6+[1]Details!$C$8))","v":{"v":108.75000000000001,"d":"£108.75"}},{"v":337.125,"d":"£337.13"},{"v":725,"d":"£725.00"},{"v":50.56875000000001,"d":"£50.57"},{"v":108.75000000000001,"d":"£108.75"}]
[]
[{"$f":"IF(F43<>\"\",(LARGE(A$8:A41,1)+1),\"\")","v":15},"Window/ W/ Frame",2000,1600,1,"no.",{"v":1423.61375,"d":"£1,423.61"},{"v":1423.61375,"d":"£1,423.61"},{"v":392.925,"d":"£392.93"},{"v":845,"d":"£845.00"},{"$f":"IF(F43=0,\" \",(I43)*([1]Details!$C$4+[1]Details!$C$8))","v":{"v":58.93875000000001,"d":"£58.94"}},{"$f":"IF(F43=0,\" \",(J43)*([1]Details!$C$6+[1]Details!$C$8))","v":{"v":126.75000000000001,"d":"£126.75"}},{"v":392.925,"d":"£392.93"},{"v":845,"d":"£845.00"},{"v":58.93875000000001,"d":"£58.94"},{"v":126.75000000000001,"d":"£126.75"}]
[{"$f":"IF(F44<>\"\",(LARGE(A$8:A43,1)+1),\"\")","v":""},{"$nulls":9},{"$f":"IF(F44=0,\" \",(I44)*(Details!$C$4+Details!$C$8))","v":" "},{"$f":"IF(F44=0,\" \",(J44)*(Details!$C$6+Details!$C$8))","v":" "}]
[{"$f":"IF(F45=0,\" \",(LARGE(A$44:A44,1)+1))","v":" "},{"$nulls":5},"Sub Total",{"$f":"SUM(H9:H44)","v":{"v":54931.27375000001,"d":"£54,931.27"}},{"$nulls":3},{"$f":"IF(F45=0,\" \",(I45+J45)*(Details!$C$4+Details!$C$6))","v":" "},{"$f":"SUM(M9:M44)","v":{"v":15161.325,"d":"£15,161.33"}},{"$f":"SUM(N9:N44)","v":{"v":32605,"d":"£32,605.00"}},{"$f":"SUM(O9:O44)","v":{"v":2274.1987500000005,"d":"£2,274.20"}},{"$f":"SUM(P9:P44)","v":{"v":4890.750000000001,"d":"£4,890.75"}}]
[{"$nulls":11},{"$f":"IF(F46=0,\" \",(I46+J46)*(Details!$C$4+Details!$C$6))","v":" "}]

{"sheet":"Partitions","index":10,"n_rows":34,"n_cols":16,"rows_kept":34,"merged":[[4,6,4,9],[4,10,4,13]]}
[]
[null,{"$f":"+'Qual, Excl & Assum'!B2","v":"PROJECT NAME: SQUAIRRELS LEAP GUILDFORD ROAD, CHERTSEY KT16 9RU"}]
[null,{"$f":"+'Qual, Excl & Assum'!B3","v":"DATE: 25TH NOVEMBER 2025"}]
[]
[null,"Internal Walls and Partitions",{"$nulls":4},"RATES",{"$nulls":3},"TOTALS"]
[]
[null,"Description","Quantity","Unit","Rate","Total","Labor","Materials","L Markup","M Markup","Labor","Materials","L Markup","M Markup"]
[{"$nulls":13},{"$f":"IF(D8=0,\" \",(J8*C8))","v":" "}]
[null,"STUD WALL ",{"$nulls":11},{"$f":"IF(D9=0,\" \",(J9*C9))","v":" "}]
[{"$nulls":13},{"$f":"IF(D10=0,\" \",(J10*C10))","v":" "}]
[1,"38 x 89 mm Wood Studs",{"v":339.21999999999997,"d":"339.22"},"m",{"$f":"G11+H11+J11+I11","v":{"v":22.9968375,"d":"£23.00"}},{"$f":"E11*C11","v":{"v":7800.98721675,"d":"£7,800.99"}},{"v":6.347250000000001,"d":"£6.35"},{"v":13.65,"d":"£13.65"},{"$f":"IF(D11=0,\" \",(G11)*(Details!$C$4+Details!$C$8))","v":{"v":0.9520875000000002,"d":"£0.95"}},{"$f":"IF(D11=0,\" \",(H11)*(Details!$C$6+Details!$C$8))","v":{"v":2.0475000000000003,"d":"£2.05"}},{"$f":"+G11*C11","v":{"v":2153.114145,"d":"£2,153.11"}},{"$f":"+H11*C11","v":{"v":4630.353,"d":"£4,630.35"}},{"$f":"IF(D11=0,\" \",(I11*C11))","v":{"v":322.96712175000005,"d":"£322.97"}},{"$f":"IF(D11=0,\" \",(J11*C11))","v":{"v":694.55295,"d":"£694.55"}}]
[]
[{"$f":"IF(F13<>\"\",(LARGE(A$9:A11,1)+1),\"\")","v":2},"38 x 89 mm Top Plates",96.92,"m",{"$f":"G13+H13+J13+I13","v":{"v":22.9968375,"d":"£23.00"}},{"$f":"E13*C13","v":{"v":2228.8534905,"d":"£2,228.85"}},{"v":6.347250000000001,"d":"£6.35"},{"v":13.65,"d":"£13.65"},{"$f":"IF(D13=0,\" \",(G13)*(Details!$C$4+Details!$C$8))","v":{"v":0.9520875000000002,"d":"£0.95"}},{"$f":"IF(D13=0,\" \",(H13)*(Details!$C$6+Details!$C$8))","v":{"v":2.0475000000000003,"d":"£2.05"}},{"$f":"+G13*C13","v":{"v":615.1754700000001,"d":"£615.18"}},{"$f":"+H13*C13","v":{"v":1322.958,"d":"£1,322.96"}},{"$f":"IF(D13=0,\" \",(I13*C13))","v":{"v":92.27632050000003,"d":"£92.28"}},{"$f":"IF(D13=0,\" \",(J13*C13))","v":{"v":198.44370000000004,"d":"£198.44"}}]
[]
[{"$f":"IF(F15<>\"\",(LARGE(A$9:A13,1)+1),\"\")","v":3},"38 x 89 mm Bottom Plates",48.46,"m",{"$f":"G15+H15+J15+I15","v":{"v":22.9968375,"d":"£23.00"}},{"$f":"E15*C15","v":{"v":1114.42674525,"d":"£1,114.43"}},{"v":6.347250000000001,"d":"£6.35"},{"v":13.65,"d":"£13.65"},{"$f":"IF(D15=0,\" \",(G15)*(Details!$C$4+Details!$C$8))","v":{"v":0.9520875000000002,"d":"£0.95"}},{"$f":"IF(D15=0,\" \",(H15)*(Details!$C$6+Details!$C$8))","v":{"v":2.0475000000000003,"d":"£2.05"}},{"$f":"+G15*C15","v":{"v":307.58773500000007,"d":"£307.59"}},{"$f":"+H15*C15","v":{"v":661.479,"d":"£661.48"}},{"$f":"IF(D15=0,\" \",(I15*C15))","v":{"v":46.13816025000001,"d":"£46.14"}},{"$f":"IF(D15=0,\" \",(J15*C15))","v":{"v":99.22185000000002,"d":"£99.22"}}]
[{"$f":"IF(F16<>\"\",(LARGE(A$9:A14,1)+1),\"\")","v":""}]
[{"$f":"IF(F17<>\"\",(LARGE(A$9:A15,1)+1),\"\")","v":""},"WALLS",{"$nulls":6},{"$f":"IF(D17=0,\" \",(G17)*(Details!$C$4+Details!$C$8))","v":" "},{"$f":"IF(D17=0,\" \",(H17)*(Details!$C$6+Details!$C$8))","v":" "},null,null,{"$f":"IF(D17=0,\" \",(I17*C17))","v":" "},{"$f":"IF(D17=0,\" \",(J17*C17))","v":" "}]
[{"$f":"IF(F18<>\"\",(LARGE(A$9:A16,1)+1),\"\")","v":""}]
[{"$f":"IF(F19<>\"\",(LARGE(A$9:A17,1)+1),\"\")","v":4},"12.5 mm Thick Moisture Resistant Plaster Board ",{"v":77.86239999999998,"d":"77.86"},"m2",{"$f":"G19+H19+J19+I19","v":{"v":20.638187499999997,"d":"£20.64"}},{"$f":"E19*C19","v":{"v":1606.9388103999993,"d":"£1,606.94"}},{"v":5.69625,"d":"£5.70"},{"v":12.25,"d":"£12.25"},{"$f":"IF(D19=0,\" \",(G19)*(Details!$C$4+Details!$C$8))","v":{"v":0.8544375000000002,"d":"£0.85"}},{"$f":"IF(D19=0,\" \",(H19)*(Details!$C$6+Details!$C$8))","v":{"v":1.8375000000000004,"d":"£1.84"}},{"$f":"+G19*C19","v":{"v":443.52369599999986,"d":"£443.52"}},{"$f":"+H19*C19","v":{"v":953.8143999999998,"d":"£953.81"}},{"$f":"IF(D19=0,\" \",(I19*C19))","v":{"v":66.52855439999999,"d":"£66.53"}},{"$f":"IF(D19=0,\" \",(J19*C19))","v":{"v":143.07216,"d":"£143.07"}}]
[{"$f":"IF(F20<>\"\",(LARGE(A$9:A18,1)+1),\"\")","v":""}]
[{"$f":"IF(F21<>\"\",(LARGE(A$9:A19,1)+1),\"\")","v":5},"12.5 mm Thick Plaster Board ",{"v":135.688,"d":"135.69"},"m2",{"$f":"G21+H21+J21+I21","v":{"v":19.6273375,"d":"£19.63"}},{"$f":"E21*C21","v":{"v":2663.1941706999996,"d":"£2,663.19"}},{"v":5.41725,"d":"£5.42"},{"v":11.65,"d":"£11.65"},{"$f":"IF(D21=0,\" \",(G21)*(Details!$C$4+Details!$C$8))","v":{"v":0.8125875000000001,"d":"£0.81"}},{"$f":"IF(D21=0,\" \",(H21)*(Details!$C$6+Details!$C$8))","v":{"v":1.7475000000000003,"d":"£1.75"}},{"$f":"+G21*C21","v":{"v":735.0558179999999,"d":"£735.06"}},{"$f":"+H21*C21","v":{"v":1580.7651999999998,"d":"£1,580.77"}},{"$f":"IF(D21=0,\" \",(I21*C21))","v":{"v":110.25837270000001,"d":"£110.26"}},{"$f":"IF(D21=0,\" \",(J21*C21))","v":{"v":237.11478000000002,"d":"£237.11"}}]
[{"$f":"IF(F22<>\"\",(LARGE(A$9:A20,1)+1),\"\")","v":""}]
[{"$f":"IF(F23<>\"\",(LARGE(A$9:A21,1)+1),\"\")","v":""},"CEILINGS",{"$nulls":6},{"$f":"IF(D23=0,\" \",(G23)*(Details!$C$4+Details!$C$8))","v":" "},{"$f":"IF(D23=0,\" \",(H23)*(Details!$C$6+Details!$C$8))","v":" "},null,null,{"$f":"IF(D23=0,\" \",(I23*C23))","v":" "},{"$f":"IF(D23=0,\" \",(J23*C23))","v":" "}]
[{"$f":"IF(F24<>\"\",(LARGE(A$9:A22,1)+1),\"\")","v":""}]
[{"$f":"IF(F25<>\"\",(LARGE(A$9:A23,1)+1),\"\")","v":6},"12.5 mm Thick Moisture Resistant Plaster Board Ceiling",35.72,"m2",{"$f":"G25+H25+J25+I25","v":{"v":29.483125000000005,"d":"£29.48"}},{"$f":"E25*C25","v":{"v":1053.1372250000002,"d":"£1,053.14"}},{"v":8.137500000000001,"d":"£8.14"},{"v":17.5,"d":"£17.50"},{"$f":"IF(D25=0,\" \",(G25)*(Details!$C$4+Details!$C$8))","v":{"v":1.2206250000000003,"d":"£1.22"}},{"$f":"IF(D25=0,\" \",(H25)*(Details!$C$6+Details!$C$8))","v":{"v":2.6250000000000004,"d":"£2.63"}},{"$f":"+G25*C25","v":{"v":290.67150000000004,"d":"£290.67"}},{"$f":"+H25*C25","v":{"v":625.1,"d":"£625.10"}},{"$f":"IF(D25=0,\" \",(I25*C25))","v":{"v":43.60072500000001,"d":"£43.60"}},{"$f":"IF(D25=0,\" \",(J25*C25))","v":{"v":93.76500000000001,"d":"£93.77"}}]
[{"$f":"IF(F26<>\"\",(LARGE(A$9:A24,1)+1),\"\")","v":""}]
[{"$f":"IF(F27<>\"\",(LARGE(A$9:A25,1)+1),\"\")","v":7},"12.5 mm Thick Plaster Board Ceiling",374.88,"m2",{"$f":"G27+H27+J27+I27","v":{"v":27.798375,"d":"£27.80"}},{"$f":"E27*C27","v":{"v":10421.05482,"d":"£10,421.05"}},{"v":7.6725,"d":"£7.67"},{"v":16.5,"d":"£16.50"},{"$f":"IF(D27=0,\" \",(G27)*(Details!$C$4+Details!$C$8))","v":{"v":1.1508750000000003,"d":"£1.15"}},{"$f":"IF(D27=0,\" \",(H27)*(Details!$C$6+Details!$C$8))","v":{"v":2.4750000000000005,"d":"£2.48"}},{"$f":"+G27*C27","v":{"v":2876.2668,"d":"£2,876.27"}},{"$f":"+H27*C27","v":{"v":6185.5199999999995,"d":"£6,185.52"}},{"$f":"IF(D27=0,\" \",(I27*C27))","v":{"v":431.4400200000001,"d":"£431.44"}},{"$f":"IF(D27=0,\" \",(J27*C27))","v":{"v":927.8280000000002,"d":"£927.83"}}]
[{"$f":"IF(F28<>\"\",(LARGE(A$9:A26,1)+1),\"\")","v":""}]
[{"$f":"IF(F29<>\"\",(LARGE(A$9:A27,1)+1),\"\")","v":""},"RAILINGS"]
[{"$f":"IF(F30<>\"\",(LARGE(A$9:A28,1)+1),\"\")","v":""}]
[{"$f":"IF(F31<>\"\",(LARGE(A$9:A29,1)+1),\"\")","v":8},"600 mm High Glass Railing",{"v":15,"d":"15.00"},"m",{"$f":"G31+H31+J31+I31","v":{"v":210.59375,"d":"£210.59"}},{"$f":"E31*C31","v":{"v":3158.90625,"d":"£3,158.91"}},{"v":58.125,"d":"£58.13"},{"v":125,"d":"£125.00"},{"$f":"IF(D31=0,\" \",(G31)*(Details!$C$4+Details!$C$8))","v":{"v":8.718750000000002,"d":"£8.72"}},{"$f":"IF(D31=0,\" \",(H31)*(Details!$C$6+Details!$C$8))","v":{"v":18.750000000000004,"d":"£18.75"}},{"$f":"+G31*C31","v":{"v":871.875,"d":"£871.88"}},{"$f":"+H31*C31","v":{"v":1875,"d":"£1,875.00"}},{"$f":"IF(D31=0,\" \",(I31*C31))","v":{"v":130.78125000000003,"d":"£130.78"}},{"$f":"IF(D31=0,\" \",(J31*C31))","v":{"v":281.25000000000006,"d":"£281.25"}}]
[{"$f":"IF(F32<>\"\",(LARGE(A$9:A30,1)+1),\"\")","v":""},{"$nulls":8},{"$f":"IF(D32=0,\" \",(G32+H32)*(Details!$C$4+Details!$C$6))","v":" "},{"$nulls":5},"Check"]
[{"$nulls":4},"Sub Total",{"$f":"SUM(F8:F32)","v":{"v":30047.498728599996,"d":"£30,047.50"}},{"$nulls":3},{"$f":"IF(D33=0,\" \",(G33+H33)*(Details!$C$4+Details!$C$6))","v":" "},{"$f":"SUM(K8:K32)","v":{"v":8293.270164,"d":"£8,293.27"}},{"$f":"SUM(L8:L32)","v":{"v":17834.9896,"d":"£17,834.99"}},{"$f":"SUM(M8:M32)","v":{"v":1243.9905246000003,"d":"£1,243.99"}},{"$f":"SUM(N8:N32)","v":{"v":2675.2484400000003,"d":"£2,675.25"}},null,{"$f":"+F33-K33-L33-N33-M33","v":{"v":-6.821210263296962e-12,"d":"-£0.00"}}]
[{"$f":"IF(F34<>\"\",(LARGE(A$7:A33,1)+1),\"\")","v":""},{"$nulls":8},{"$f":"IF(D34=0,\" \",(G34+H34)*(Details!$C$4+Details!$C$6))","v":" "}]

{"sheet":"Joinery","index":11,"n_rows":38,"n_cols":16,"rows_kept":38,"merged":[[4,6,4,9],[4,10,4,13]]}
[]
[null,{"$f":"+'Qual, Excl & Assum'!B2","v":"PROJECT NAME: SQUAIRRELS LEAP GUILDFORD ROAD, CHERTSEY KT16 9RU"}]
[null,{"$f":"+'Qual, Excl & Assum'!B3","v":"DATE: 25TH NOVEMBER 2025"}]
[]
[null,"Joinery",{"$nulls":4},"RATES",{"$nulls":3},"TOTALS"]
[]
[null,"Description","Quantity","Unit","Rate","Total","Labor","Materials","L Markup","M Markup","Labor","Materials","L Markup","M Markup"]
[{"$nulls":13},{"$f":"IF(D8=0,\" \",(J8*C8))","v":" "}]
[{"$f":"IF(F9<>\"\",(LARGE(#REF!,1)+1),\"\")","v":""},"ARCHITRAVES ",{"$nulls":6},{"$f":"IF(D9=0,\" \",(G9)*([1]Details!$C$4+[1]Details!$C$8))","v":" "},{"$f":"IF(D9=0,\" \",(H9)*([1]Details!$C$6+[1]Details!$C$8))","v":" "},null,null,{"$f":"IF(D9=0,\" \",(I9*C9))","v":" "},{"$f":"IF(D9=0,\" \",(J9*C9))","v":" "}]
[{"$f":"IF(F10<>\"\",(LARGE(A$9:A9,1)+1),\"\")","v":""},{"$nulls":12}," "]
[1,"Architraves ",{"v":299,"d":"299.00"},"m",{"$f":"G11+H11+J11+I11","v":{"v":29.735837500000002,"d":"£29.74"}},{"$f":"E11*C11","v":{"v":8891.0154125,"d":"£8,891.02"}},{"v":8.20725,"d":"£8.21"},{"v":17.65,"d":"£17.65"},{"$f":"IF(D11=0,\" \",(G11)*([1]Details!$C$4+[1]Details!$C$8))","v":{"v":1.2310875000000001,"d":"£1.23"}},{"$f":"IF(D11=0,\" \",(H11)*([1]Details!$C$6+[1]Details!$C$8))","v":{"v":2.6475,"d":"£2.65"}},{"$f":"+G11*C11","v":{"v":2453.9677500000003,"d":"£2,453.97"}},{"$f":"+H11*C11","v":{"v":5277.349999999999,"d":"£5,277.35"}},{"$f":"IF(D11=0,\" \",(I11*C11))","v":{"v":368.0951625,"d":"£368.10"}},{"$f":"IF(D11=0,\" \",(J11*C11))","v":{"v":791.6025,"d":"£791.60"}}]
[{"$f":"IF(F12<>\"\",(LARGE(A$9:A11,1)+1),\"\")","v":""}]
[{"$f":"IF(F13<>\"\",(LARGE(A$9:A12,1)+1),\"\")","v":""},"WINDOW BOARDS",{"$nulls":6},{"$f":"IF(D13=0,\" \",(G13)*([1]Details!$C$4+[1]Details!$C$8))","v":" "},{"$f":"IF(D13=0,\" \",(H13)*([1]Details!$C$6+[1]Details!$C$8))","v":" "},null,null,{"$f":"IF(D13=0,\" \",(I13*C13))","v":" "},{"$f":"IF(D13=0,\" \",(J13*C13))","v":" "}]
[{"$f":"IF(F14<>\"\",(LARGE(A$9:A13,1)+1),\"\")","v":""}]
[{"$f":"IF(F15<>\"\",(LARGE(A$9:A14,1)+1),\"\")","v":2},"Window boards ",{"v":85,"d":"85.00"},"m",{"$f":"G15+H15+J15+I15","v":{"v":37.906875,"d":"£37.91"}},{"$f":"E15*C15","v":{"v":3222.084375,"d":"£3,222.08"}},{"v":10.4625,"d":"£10.46"},{"v":22.5,"d":"£22.50"},{"$f":"IF(D15=0,\" \",(G15)*([1]Details!$C$4+[1]Details!$C$8))","v":{"v":1.5693750000000002,"d":"£1.57"}},{"$f":"IF(D15=0,\" \",(H15)*([1]Details!$C$6+[1]Details!$C$8))","v":{"v":3.3750000000000004,"d":"£3.38"}},{"$f":"+G15*C15","v":{"v":889.3125,"d":"£889.31"}},{"$f":"+H15*C15","v":{"v":1912.5,"d":"£1,912.50"}},{"$f":"IF(D15=0,\" \",(I15*C15))","v":{"v":133.39687500000002,"d":"£133.40"}},{"$f":"IF(D15=0,\" \",(J15*C15))","v":{"v":286.87500000000006,"d":"£286.88"}}]
[{"$f":"IF(F16<>\"\",(LARGE(A$9:A15,1)+1),\"\")","v":""}]
[{"$f":"IF(F17<>\"\",(LARGE(A$9:A16,1)+1),\"\")","v":""},"SPECIALIST JOINERY"]
[{"$f":"IF(F18<>\"\",(LARGE(A$9:A17,1)+1),\"\")","v":""}]
[{"$f":"IF(F19<>\"\",(LARGE(A$9:A18,1)+1),\"\")","v":3},"(120mm H) Splash Back",16.98,"m",{"$f":"G19+H19+J19+I19","v":{"v":42.961125,"d":"£42.96"}},{"$f":"E19*C19","v":{"v":729.4799025000001,"d":"£729.48"}},{"v":11.8575,"d":"£11.86"},{"v":25.5,"d":"£25.50"},{"$f":"IF(D19=0,\" \",(G19)*([1]Details!$C$4+[1]Details!$C$8))","v":{"v":1.7786250000000003,"d":"£1.78"}},{"$f":"IF(D19=0,\" \",(H19)*([1]Details!$C$6+[1]Details!$C$8))","v":{"v":3.8250000000000006,"d":"£3.83"}},{"$f":"+G19*C19","v":{"v":201.34035,"d":"£201.34"}},{"$f":"+H19*C19","v":{"v":432.99,"d":"£432.99"}},{"$f":"IF(D19=0,\" \",(I19*C19))","v":{"v":30.201052500000007,"d":"£30.20"}},{"$f":"IF(D19=0,\" \",(J19*C19))","v":{"v":64.94850000000001,"d":"£64.95"}}]
[{"$f":"IF(F20<>\"\",(LARGE(A$9:A19,1)+1),\"\")","v":""}]
[{"$f":"IF(F21<>\"\",(LARGE(A$9:A20,1)+1),\"\")","v":4},"(0.6m W) Utility Countertop",8.12,"m",{"v":283.880375,"d":"£283.88"},{"v":2305.108645,"d":"£2,305.11"},{"v":78.3525,"d":"£78.35"},{"v":168.5,"d":"£168.50"},{"$f":"IF(D21=0,\" \",(G21)*([1]Details!$C$4+[1]Details!$C$8))","v":{"v":11.752875000000003,"d":"£11.75"}},{"$f":"IF(D21=0,\" \",(H21)*([1]Details!$C$6+[1]Details!$C$8))","v":{"v":25.275000000000002,"d":"£25.28"}},{"v":636.2223,"d":"£636.22"},{"v":1368.2199999999998,"d":"£1,368.22"},{"v":95.43334500000002,"d":"£95.43"},{"v":205.233,"d":"£205.23"}]
[{"$f":"IF(F22<>\"\",(LARGE(A$9:A21,1)+1),\"\")","v":""}]
[{"$f":"IF(F23<>\"\",(LARGE(A$9:A22,1)+1),\"\")","v":5},"(0.6m W) Kitchen Countertop",5.22,"m",{"v":283.880375,"d":"£283.88"},{"v":1481.8555575,"d":"£1,481.86"},{"v":78.3525,"d":"£78.35"},{"v":168.5,"d":"£168.50"},{"$f":"IF(D23=0,\" \",(G23)*([1]Details!$C$4+[1]Details!$C$8))","v":{"v":11.752875000000003,"d":"£11.75"}},{"$f":"IF(D23=0,\" \",(H23)*([1]Details!$C$6+[1]Details!$C$8))","v":{"v":25.275000000000002,"d":"£25.28"}},{"v":409.00005,"d":"£409.00"},{"v":879.5699999999999,"d":"£879.57"},{"v":61.35000750000001,"d":"£61.35"},{"v":131.93550000000002,"d":"£131.94"}]
[{"$f":"IF(F24<>\"\",(LARGE(A$9:A23,1)+1),\"\")","v":""}]
[{"$f":"IF(F25<>\"\",(LARGE(A$9:A24,1)+1),\"\")","v":6},"(0.6m W x 0.8m H) Utility Cabinet At Base",8.11,"m",{"v":211.436125,"d":"£211.44"},{"v":1714.7469737499998,"d":"£1,714.75"},{"v":58.3575,"d":"£58.36"},{"v":125.5,"d":"£125.50"},{"$f":"IF(D25=0,\" \",(G25)*([1]Details!$C$4+[1]Details!$C$8))","v":{"v":8.753625000000001,"d":"£8.75"}},{"$f":"IF(D25=0,\" \",(H25)*([1]Details!$C$6+[1]Details!$C$8))","v":{"v":18.825000000000003,"d":"£18.83"}},{"v":473.279325,"d":"£473.28"},{"v":1017.805,"d":"£1,017.81"},{"v":70.99189875,"d":"£70.99"},{"v":152.67075,"d":"£152.67"}]
[{"$f":"IF(F26<>\"\",(LARGE(A$9:A25,1)+1),\"\")","v":""}]
[{"$f":"IF(F27<>\"\",(LARGE(A$9:A26,1)+1),\"\")","v":7},"(0.6m W x 2m H) Larder Storage w/ Shelves",3.24,"m",{"v":245.13112500000003,"d":"£245.13"},{"v":794.2248450000002,"d":"£794.22"},{"v":67.6575,"d":"£67.66"},{"v":145.5,"d":"£145.50"},{"$f":"IF(D27=0,\" \",(G27)*([1]Details!$C$4+[1]Details!$C$8))","v":{"v":10.148625000000001,"d":"£10.15"}},{"$f":"IF(D27=0,\" \",(H27)*([1]Details!$C$6+[1]Details!$C$8))","v":{"v":21.825000000000003,"d":"£21.83"}},{"v":219.21030000000002,"d":"£219.21"},{"v":471.42,"d":"£471.42"},{"v":32.881545,"d":"£32.88"},{"v":70.71300000000001,"d":"£70.71"}]
[{"$f":"IF(F28<>\"\",(LARGE(A$9:A27,1)+1),\"\")","v":""}]
[{"$f":"IF(F29<>\"\",(LARGE(A$9:A28,1)+1),\"\")","v":8},"(0.6m W x 0.8m H) Kitchen Cabinet At Base",5.21,"m",{"v":216.490375,"d":"£216.49"},{"v":1127.91485375,"d":"£1,127.91"},{"v":59.752500000000005,"d":"£59.75"},{"v":128.5,"d":"£128.50"},{"$f":"IF(D29=0,\" \",(G29)*([1]Details!$C$4+[1]Details!$C$8))","v":{"v":8.962875000000002,"d":"£8.96"}},{"$f":"IF(D29=0,\" \",(H29)*([1]Details!$C$6+[1]Details!$C$8))","v":{"v":19.275000000000002,"d":"£19.28"}},{"v":311.31052500000004,"d":"£311.31"},{"v":669.485,"d":"£669.49"},{"v":46.69657875000001,"d":"£46.70"},{"v":100.42275000000001,"d":"£100.42"}]
[{"$f":"IF(F30<>\"\",(LARGE(A$9:A29,1)+1),\"\")","v":""}]
[{"$f":"IF(F31<>\"\",(LARGE(A$9:A30,1)+1),\"\")","v":9},"(0.6m W x 0.7m H) Kitchen Cabinet At Above",5.23,"m",{"v":223.229375,"d":"£223.23"},{"v":1167.4896312500002,"d":"£1,167.49"},{"v":61.612500000000004,"d":"£61.61"},{"v":132.5,"d":"£132.50"},{"$f":"IF(D31=0,\" \",(G31)*([1]Details!$C$4+[1]Details!$C$8))","v":{"v":9.241875000000002,"d":"£9.24"}},{"$f":"IF(D31=0,\" \",(H31)*([1]Details!$C$6+[1]Details!$C$8))","v":{"v":19.875000000000004,"d":"£19.88"}},{"v":322.233375,"d":"£322.23"},{"v":692.975,"d":"£692.98"},{"v":48.33500625000001,"d":"£48.34"},{"v":103.94625000000002,"d":"£103.95"}]
[{"$f":"IF(F32<>\"\",(LARGE(A$9:A31,1)+1),\"\")","v":""}]
[{"$f":"IF(F33<>\"\",(LARGE(A$9:A32,1)+1),\"\")","v":10},"(0.6m W x 2.6m H) Cupboard W/ Shelves",12.64,"m",{"v":240.076875,"d":"£240.08"},{"v":3034.5717,"d":"£3,034.57"},{"v":66.2625,"d":"£66.26"},{"v":142.5,"d":"£142.50"},{"$f":"IF(D33=0,\" \",(G33)*([1]Details!$C$4+[1]Details!$C$8))","v":{"v":9.939375000000002,"d":"£9.94"}},{"$f":"IF(D33=0,\" \",(H33)*([1]Details!$C$6+[1]Details!$C$8))","v":{"v":21.375000000000004,"d":"£21.38"}},{"v":837.5580000000001,"d":"£837.56"},{"v":1801.2,"d":"£1,801.20"},{"v":125.63370000000003,"d":"£125.63"},{"v":270.18000000000006,"d":"£270.18"}]
[{"$f":"IF(F34<>\"\",(LARGE(A$9:A33,1)+1),\"\")","v":""}]
[{"$f":"IF(F35<>\"\",(LARGE(A$9:A34,1)+1),\"\")","v":11},"(1m W ) Window Seat",2.11,"m",{"v":227.44125,"d":"£227.44"},{"v":479.9010375,"d":"£479.90"},{"v":62.775000000000006,"d":"£62.78"},{"v":135,"d":"£135.00"},{"$f":"IF(D35=0,\" \",(G35)*([1]Details!$C$4+[1]Details!$C$8))","v":{"v":9.416250000000002,"d":"£9.42"}},{"$f":"IF(D35=0,\" \",(H35)*([1]Details!$C$6+[1]Details!$C$8))","v":{"v":20.250000000000004,"d":"£20.25"}},{"v":132.45525,"d":"£132.46"},{"v":284.84999999999997,"d":"£284.85"},{"v":19.8682875,"d":"£19.87"},{"v":42.727500000000006,"d":"£42.73"}]
[]
[{"$nulls":4},"Sub Total",{"$f":"SUM(F8:F35)","v":{"v":24948.39293375,"d":"£24,948.39"}},{"$nulls":3},{"$f":"IF(D37=0,\" \",(G37+H37)*(Details!$C$4+Details!$C$6))","v":" "},{"$f":"SUM(K8:K35)","v":{"v":6885.889724999999,"d":"£6,885.89"}},{"$f":"SUM(L8:L35)","v":{"v":14808.365000000002,"d":"£14,808.37"}},{"$f":"SUM(M8:M35)","v":{"v":1032.88345875,"d":"£1,032.88"}},{"$f":"SUM(N8:N35)","v":{"v":2221.25475,"d":"£2,221.25"}},null,{"$f":"+F37-K37-L37-N37-M37","v":{"v":0,"d":"£0.00"}}]
[{"$f":"IF(F38<>\"\",(LARGE(A$7:A37,1)+1),\"\")","v":""},{"$nulls":8},{"$f":"IF(D38=0,\" \",(G38+H38)*(Details!$C$4+Details!$C$6))","v":" "}]

{"sheet":"Decoration","index":12,"n_rows":23,"n_cols":16,"rows_kept":23,"merged":[[4,6,4,9],[4,10,4,13]]}
[]
[null,{"$f":"+'Qual, Excl & Assum'!B2","v":"PROJECT NAME: SQUAIRRELS LEAP GUILDFORD ROAD, CHERTSEY KT16 9RU"}]
[null,{"$f":"+'Qual, Excl & Assum'!B3","v":"DATE: 25TH NOVEMBER 2025"}]
[]
[null,"Decoration",{"$nulls":4},"RATES",{"$nulls":3},"TOTALS"]
[]
[null,"Description","Quantity","Unit","Rate","Total","Labor","Materials","L Markup","M Markup","Labor","Materials","L Markup","M Markup"]
[{"$nulls":13},{"$f":"IF(D8=0,\" \",(J8*C8))","v":" "}]
[{"$f":"IF(F9<>\"\",(LARGE(A$7:A8,1)+1),\"\")","v":""},"WALLS",{"$nulls":6},{"$f":"IF(D9=0,\" \",(G9)*(Details!$C$4+Details!$C$8))","v":" "},{"$f":"IF(D9=0,\" \",(H9)*(Details!$C$6+Details!$C$8))","v":" "},null,null,{"$f":"IF(D9=0,\" \",(I9*C9))","v":" "},{"$f":"IF(D9=0,\" \",(J9*C9))","v":" "}]
[]
[1,"White Wash Paint on Masonry Block Wall ",{"v":122.9,"d":"122.90"},"m2",{"$f":"G11+H11+J11+I11","v":{"v":24.0076875,"d":"£24.01"}},{"$f":"E11*C11","v":{"v":2950.5447937500003,"d":"£2,950.54"}},{"v":6.626250000000001,"d":"£6.63"},{"v":14.25,"d":"£14.25"},{"$f":"IF(D11=0,\" \",(G11)*(Details!$C$4+Details!$C$8))","v":{"v":0.9939375000000003,"d":"£0.99"}},{"$f":"IF(D11=0,\" \",(H11)*(Details!$C$6+Details!$C$8))","v":{"v":2.1375,"d":"£2.14"}},{"$f":"+G11*C11","v":{"v":814.3661250000001,"d":"£814.37"}},{"$f":"+H11*C11","v":{"v":1751.325,"d":"£1,751.33"}},{"$f":"IF(D11=0,\" \",(I11*C11))","v":{"v":122.15491875000004,"d":"£122.15"}},{"$f":"IF(D11=0,\" \",(J11*C11))","v":{"v":262.69875,"d":"£262.70"}}]
[]
[{"$f":"IF(F13<>\"\",(LARGE(A$7:A11,1)+1),\"\")","v":2},"White Wash Paint on Masonry Brick Wall",613.96,"m2",{"$f":"G13+H13+J13+I13","v":{"v":24.0076875,"d":"£24.01"}},{"$f":"E13*C13","v":{"v":14739.7598175,"d":"£14,739.76"}},{"v":6.626250000000001,"d":"£6.63"},{"v":14.25,"d":"£14.25"},{"$f":"IF(D13=0,\" \",(G13)*(Details!$C$4+Details!$C$8))","v":{"v":0.9939375000000003,"d":"£0.99"}},{"$f":"IF(D13=0,\" \",(H13)*(Details!$C$6+Details!$C$8))","v":{"v":2.1375,"d":"£2.14"}},{"$f":"+G13*C13","v":{"v":4068.2524500000004,"d":"£4,068.25"}},{"$f":"+H13*C13","v":{"v":8748.93,"d":"£8,748.93"}},{"$f":"IF(D13=0,\" \",(I13*C13))","v":{"v":610.2378675000002,"d":"£610.24"}},{"$f":"IF(D13=0,\" \",(J13*C13))","v":{"v":1312.3395000000003,"d":"£1,312.34"}}]
[]
[{"$f":"IF(F15<>\"\",(LARGE(A$7:A13,1)+1),\"\")","v":3},"White Wash Paint on Plaster Board Wall",247.81,"m2",{"$f":"G15+H15+J15+I15","v":{"v":24.0076875,"d":"£24.01"}},{"$f":"E15*C15","v":{"v":5949.345039375,"d":"£5,949.35"}},{"v":6.626250000000001,"d":"£6.63"},{"v":14.25,"d":"£14.25"},{"$f":"IF(D15=0,\" \",(G15)*(Details!$C$4+Details!$C$8))","v":{"v":0.9939375000000003,"d":"£0.99"}},{"$f":"IF(D15=0,\" \",(H15)*(Details!$C$6+Details!$C$8))","v":{"v":2.1375,"d":"£2.14"}},{"$f":"+G15*C15","v":{"v":1642.0510125,"d":"£1,642.05"}},{"$f":"+H15*C15","v":{"v":3531.2925,"d":"£3,531.29"}},{"$f":"IF(D15=0,\" \",(I15*C15))","v":{"v":246.30765187500006,"d":"£246.31"}},{"$f":"IF(D15=0,\" \",(J15*C15))","v":{"v":529.693875,"d":"£529.69"}}]
[]
[{"$f":"IF(F17<>\"\",(LARGE(A$7:A8,1)+1),\"\")","v":""},"CEILINGS",{"$nulls":6},{"$f":"IF(D17=0,\" \",(G17)*(Details!$C$4+Details!$C$8))","v":" "},{"$f":"IF(D17=0,\" \",(H17)*(Details!$C$6+Details!$C$8))","v":" "},null,null,{"$f":"IF(D17=0,\" \",(I17*C17))","v":" "},{"$f":"IF(D17=0,\" \",(J17*C17))","v":" "}]
[]
[{"$f":"IF(F19<>\"\",(LARGE(A$7:A15,1)+1),\"\")","v":4},"White Wash on Moisture Resistant Plaster Board Ceiling",35.72,"m2",{"$f":"G19+H19+J19+I19","v":{"v":26.113625,"d":"£26.11"}},{"$f":"E19*C19","v":{"v":932.7786849999999,"d":"£932.78"}},{"v":7.2075000000000005,"d":"£7.21"},{"v":15.5,"d":"£15.50"},{"$f":"IF(D19=0,\" \",(G19)*(Details!$C$4+Details!$C$8))","v":{"v":1.0811250000000003,"d":"£1.08"}},{"$f":"IF(D19=0,\" \",(H19)*(Details!$C$6+Details!$C$8))","v":{"v":2.325,"d":"£2.33"}},{"$f":"+G19*C19","v":{"v":257.4519,"d":"£257.45"}},{"$f":"+H19*C19","v":{"v":553.66,"d":"£553.66"}},{"$f":"IF(D19=0,\" \",(I19*C19))","v":{"v":38.61778500000001,"d":"£38.62"}},{"$f":"IF(D19=0,\" \",(J19*C19))","v":{"v":83.049,"d":"£83.05"}}]
[]
[{"$f":"IF(F21<>\"\",(LARGE(A$7:A19,1)+1),\"\")","v":5},"White Wash on Plaster Board Ceiling",374.88,"m2",{"$f":"G21+H21+J21+I21","v":{"v":26.113625,"d":"£26.11"}},{"$f":"E21*C21","v":{"v":9789.47574,"d":"£9,789.48"}},{"v":7.2075000000000005,"d":"£7.21"},{"v":15.5,"d":"£15.50"},{"$f":"IF(D21=0,\" \",(G21)*(Details!$C$4+Details!$C$8))","v":{"v":1.0811250000000003,"d":"£1.08"}},{"$f":"IF(D21=0,\" \",(H21)*(Details!$C$6+Details!$C$8))","v":{"v":2.325,"d":"£2.33"}},{"$f":"+G21*C21","v":{"v":2701.9476,"d":"£2,701.95"}},{"$f":"+H21*C21","v":{"v":5810.64,"d":"£5,810.64"}},{"$f":"IF(D21=0,\" \",(I21*C21))","v":{"v":405.29214000000013,"d":"£405.29"}},{"$f":"IF(D21=0,\" \",(J21*C21))","v":{"v":871.596,"d":"£871.60"}}]
[{"$f":"IF(F22<>\"\",(LARGE(A$7:A21,1)+1),\"\")","v":""},{"$nulls":8},{"$f":"IF(D22=0,\" \",(G22+H22)*(Details!$C$4+Details!$C$6))","v":" "},{"$nulls":5},"Check"]
[{"$nulls":4},"Sub Total",{"$f":"SUM(F8:F22)","v":{"v":34361.904075625,"d":"£34,361.90"}},{"$nulls":3},{"$f":"IF(D23=0,\" \",(G23+H23)*(Details!$C$4+Details!$C$6))","v":" "},{"$f":"SUM(K8:K22)","v":{"v":9484.0690875,"d":"£9,484.07"}},{"$f":"SUM(L8:L22)","v":{"v":20395.8475,"d":"£20,395.85"}},{"$f":"SUM(M8:M22)","v":{"v":1422.6103631250003,"d":"£1,422.61"}},{"$f":"SUM(N8:N22)","v":{"v":3059.3771250000004,"d":"£3,059.38"}},null,{"$f":"+F23-K23-L23-N23-M23","v":{"v":2.7284841053187847E-12,"d":"£0.00"}}]

{"sheet":"Floor finishes","index":13,"n_rows":22,"n_cols":16,"rows_kept":22,"merged":[[4,6,4,9],[4,10,4,13]]}
[]
[null,{"$f":"+'Qual, Excl & Assum'!B2","v":"PROJECT NAME: SQUAIRRELS LEAP GUILDFORD ROAD, CHERTSEY KT16 9RU"}]
[null,{"$f":"+'Qual, Excl & Assum'!B3","v":"DATE: 25TH NOVEMBER 2025"}]
[]
[null,"Floor Finishes",{"$nulls":4},"RATES",{"$nulls":3},"TOTALS"]
[]
[null,"Description","Quantity","Unit","Rate","Total","Labor","Materials","L Markup","M Markup","Labor","Materials","L Markup","M Markup"]
[{"$nulls":13},{"$f":"IF(D8=0,\" \",(J8*C8))","v":" "}]
[null,"FLOORRING"]
[]
[1,"Ceramic Floor Tiles",112.69,"m2",{"$f":"G11+H11+J11+I11","v":{"v":74.971375,"d":"£74.97"}},{"$f":"E11*C11","v":{"v":8448.52424875,"d":"£8,448.52"}},{"v":20.692500000000003,"d":"£20.69"},{"v":44.5,"d":"£44.50"},{"$f":"IF(D11=0,\" \",(G11)*(Details!$C$4+Details!$C$8))","v":{"v":3.103875000000001,"d":"£3.10"}},{"$f":"IF(D11=0,\" \",(H11)*(Details!$C$6+Details!$C$8))","v":{"v":6.675000000000001,"d":"£6.68"}},{"$f":"+G11*C11","v":{"v":2331.837825,"d":"£2,331.84"}},{"$f":"+H11*C11","v":{"v":5014.705,"d":"£5,014.71"}},{"$f":"IF(D11=0,\" \",(I11*C11))","v":{"v":349.77567375000007,"d":"£349.78"}},{"$f":"IF(D11=0,\" \",(J11*C11))","v":{"v":752.2057500000001,"d":"£752.21"}}]
[]
[{"$f":"IF(F13<>\"\",(LARGE(A$7:A12,1)+1),\"\")","v":2},"Engineered Wood Flooring",{"v":277.3,"d":"277.30"},"m2",{"$f":"G13+H13+J13+I13","v":{"v":81.71037500000001,"d":"£81.71"}},{"$f":"E13*C13","v":{"v":22658.286987500003,"d":"£22,658.29"}},{"v":22.552500000000002,"d":"£22.55"},{"v":48.5,"d":"£48.50"},{"$f":"IF(D13=0,\" \",(G13)*(Details!$C$4+Details!$C$8))","v":{"v":3.3828750000000007,"d":"£3.38"}},{"$f":"IF(D13=0,\" \",(H13)*(Details!$C$6+Details!$C$8))","v":{"v":7.275000000000001,"d":"£7.28"}},{"$f":"+G13*C13","v":{"v":6253.808250000001,"d":"£6,253.81"}},{"$f":"+H13*C13","v":{"v":13449.050000000001,"d":"£13,449.05"}},{"$f":"IF(D13=0,\" \",(I13*C13))","v":{"v":938.0712375000003,"d":"£938.07"}},{"$f":"IF(D13=0,\" \",(J13*C13))","v":{"v":2017.3575000000005,"d":"£2,017.36"}}]
[{"$f":"IF(F14<>\"\",(LARGE(A$7:A13,1)+1),\"\")","v":""},{"$nulls":12},{"$f":"IF(D14=0,\" \",(J14*C14))","v":" "}]
[{"$f":"IF(F15<>\"\",(LARGE(A$7:A14,1)+1),\"\")","v":""},"SKIRTING"]
[{"$f":"IF(F16<>\"\",(LARGE(A$7:A15,1)+1),\"\")","v":""}]
[{"$f":"IF(F17<>\"\",(LARGE(A$7:A16,1)+1),\"\")","v":3},"100 mm High Ceramic Tile Skirting",85.52,"m",{"$f":"G17+H17+J17+I17","v":{"v":39.591625,"d":"£39.59"}},{"$f":"E17*C17","v":{"v":3385.87577,"d":"£3,385.88"}},{"v":10.9275,"d":"£10.93"},{"v":23.5,"d":"£23.50"},{"$f":"IF(D17=0,\" \",(G17)*(Details!$C$4+Details!$C$8))","v":{"v":1.6391250000000002,"d":"£1.64"}},{"$f":"IF(D17=0,\" \",(H17)*(Details!$C$6+Details!$C$8))","v":{"v":3.5250000000000004,"d":"£3.53"}},{"$f":"+G17*C17","v":{"v":934.5197999999999,"d":"£934.52"}},{"$f":"+H17*C17","v":{"v":2009.7199999999998,"d":"£2,009.72"}},{"$f":"IF(D17=0,\" \",(I17*C17))","v":{"v":140.17797000000002,"d":"£140.18"}},{"$f":"IF(D17=0,\" \",(J17*C17))","v":{"v":301.458,"d":"£301.46"}}]
[{"$f":"IF(F18<>\"\",(LARGE(A$7:A17,1)+1),\"\")","v":""}]
[{"$f":"IF(F19<>\"\",(LARGE(A$7:A18,1)+1),\"\")","v":4},"100 mm High Wood Skirting",244.92,"m",{"$f":"G19+H19+J19+I19","v":{"v":36.222125000000005,"d":"£36.22"}},{"$f":"E19*C19","v":{"v":8871.522855000001,"d":"£8,871.52"}},{"v":9.9975,"d":"£10.00"},{"v":21.5,"d":"£21.50"},{"$f":"IF(D19=0,\" \",(G19)*(Details!$C$4+Details!$C$8))","v":{"v":1.4996250000000002,"d":"£1.50"}},{"$f":"IF(D19=0,\" \",(H19)*(Details!$C$6+Details!$C$8))","v":{"v":3.2250000000000005,"d":"£3.23"}},{"$f":"+G19*C19","v":{"v":2448.5877,"d":"£2,448.59"}},{"$f":"+H19*C19","v":{"v":5265.78,"d":"£5,265.78"}},{"$f":"IF(D19=0,\" \",(I19*C19))","v":{"v":367.288155,"d":"£367.29"}},{"$f":"IF(D19=0,\" \",(J19*C19))","v":{"v":789.8670000000001,"d":"£789.87"}}]
[{"$f":"IF(F20<>\"\",(LARGE(A$7:A19,1)+1),\"\")","v":""},{"$nulls":8},{"$f":"IF(D20=0,\" \",(G20+H20)*(Details!$C$4+Details!$C$6))","v":" "},{"$nulls":5},"Check"]
[{"$nulls":4},"Sub Total",{"$f":"SUM(F8:F20)","v":{"v":43364.209861250005,"d":"£43,364.21"}},{"$nulls":3},{"$f":"IF(D21=0,\" \",(G21+H21)*(Details!$C$4+Details!$C$6))","v":" "},{"$f":"SUM(K8:K20)","v":{"v":11968.753575,"d":"£11,968.75"}},{"$f":"SUM(L8:L20)","v":{"v":25739.255,"d":"£25,739.26"}},{"$f":"SUM(M8:M20)","v":{"v":1795.3130362500003,"d":"£1,795.31"}},{"$f":"SUM(N8:N20)","v":{"v":3860.888250000001,"d":"£3,860.89"}},null,{"$f":"+F21-K21-L21-N21-M21","v":{"v":0,"d":"£0.00"}}]
[{"$f":"IF(F22<>\"\",(LARGE(A$7:A21,1)+1),\"\")","v":""},{"$nulls":8},{"$f":"IF(D22=0,\" \",(G22+H22)*(Details!$C$4+Details!$C$6))","v":" "}]

{"sheet":"Wall finishes","index":14,"n_rows":19,"n_cols":16,"rows_kept":19,"merged":[[4,6,4,9],[4,10,4,13]]}
[]
[null,{"$f":"+'Qual, Excl & Assum'!B2","v":"PROJECT NAME: SQUAIRRELS LEAP GUILDFORD ROAD, CHERTSEY KT16 9RU"}]
[null,{"$f":"+'Qual, Excl & Assum'!B3","v":"DATE: 25TH NOVEMBER 2025"}]
[]
[null,"Wall Finishes",{"$nulls":4},"RATES",{"$nulls":3},"TOTALS"]
[]
[null,"Description","Quantity","Unit","Rate","Total","Labor","Materials","L Markup","M Markup","Labor","Materials","L Markup","M Markup"]
[{"$nulls":13},{"$f":"IF(D8=0,\" \",(J8*C8))","v":" "}]
[null,"EXTERIOR FINISHES"]
[]
[1,"Fiber Cement Cladding \r\nManufacturer: Hardie Planks",235.26,"m2",{"$f":"G11+H11+J11+I11","v":{"v":48.015375,"d":"£48.02"}},{"$f":"E11*C11","v":{"v":11296.0971225,"d":"£11,296.10"}},{"v":13.252500000000001,"d":"£13.25"},{"v":28.5,"d":"£28.50"},{"$f":"IF(D11=0,\" \",(G11)*(Details!$C$4+Details!$C$8))","v":{"v":1.9878750000000005,"d":"£1.99"}},{"$f":"IF(D11=0,\" \",(H11)*(Details!$C$6+Details!$C$8))","v":{"v":4.275,"d":"£4.28"}},{"$f":"+G11*C11","v":{"v":3117.78315,"d":"£3,117.78"}},{"$f":"+H11*C11","v":{"v":6704.91,"d":"£6,704.91"}},{"$f":"IF(D11=0,\" \",(I11*C11))","v":{"v":467.6674725000001,"d":"£467.67"}},{"$f":"IF(D11=0,\" \",(J11*C11))","v":{"v":1005.7365000000001,"d":"£1,005.74"}}]
[]
[{"$f":"IF(F13<>\"\",(LARGE(A$7:A12,1)+1),\"\")","v":""}]
[{"$f":"IF(F14<>\"\",(LARGE(A$7:A13,1)+1),\"\")","v":""},"TILES"]
[{"$f":"IF(F15<>\"\",(LARGE(A$7:A14,1)+1),\"\")","v":""}]
[{"$f":"IF(F16<>\"\",(LARGE(A$7:A15,1)+1),\"\")","v":2},"Wall Tiles @ Toilets",{"$f":"77.862/2.8*1.2","v":{"v":33.36942857142857,"d":"33.37"}},"m2",{"$f":"G16+H16+J16+I16","v":{"v":78.340875,"d":"£78.34"}},{"$f":"E16*C16","v":{"v":2614.190232535714,"d":"£2,614.19"}},{"v":21.622500000000002,"d":"£21.62"},{"v":46.5,"d":"£46.50"},{"$f":"IF(D16=0,\" \",(G16)*(Details!$C$4+Details!$C$8))","v":{"v":3.243375000000001,"d":"£3.24"}},{"$f":"IF(D16=0,\" \",(H16)*(Details!$C$6+Details!$C$8))","v":{"v":6.975000000000001,"d":"£6.98"}},{"$f":"+G16*C16","v":{"v":721.5304692857144,"d":"£721.53"}},{"$f":"+H16*C16","v":{"v":1551.6784285714286,"d":"£1,551.68"}},{"$f":"IF(D16=0,\" \",(I16*C16))","v":{"v":108.22957039285717,"d":"£108.23"}},{"$f":"IF(D16=0,\" \",(J16*C16))","v":{"v":232.75176428571433,"d":"£232.75"}}]
[{"$f":"IF(F17<>\"\",(LARGE(A$7:A16,1)+1),\"\")","v":""},{"$nulls":14},"Check"]
[{"$nulls":4},"Sub Total",{"$f":"SUM(F8:F17)","v":{"v":13910.287355035714,"d":"£13,910.29"}},{"$nulls":3},{"$f":"IF(D18=0,\" \",(G18+H18)*(Details!$C$4+Details!$C$6))","v":" "},{"$f":"SUM(K8:K17)","v":{"v":3839.3136192857146,"d":"£3,839.31"}},{"$f":"SUM(L8:L17)","v":{"v":8256.58842857143,"d":"£8,256.59"}},{"$f":"SUM(M8:M17)","v":{"v":575.8970428928573,"d":"£575.90"}},{"$f":"SUM(N8:N17)","v":{"v":1238.4882642857144,"d":"£1,238.49"}},null,{"$f":"+F18-K18-L18-N18-M18","v":{"v":-1.0231815394945443E-12,"d":"-£0.00"}}]
[{"$f":"IF(F19<>\"\",(LARGE(A$7:A18,1)+1),\"\")","v":""},{"$nulls":8},{"$f":"IF(D19=0,\" \",(G19+H19)*(Details!$C$4+Details!$C$6))","v":" "}]

{"sheet":"Kitchens & Bathrooms","index":15,"n_rows":55,"n_cols":16,"rows_kept":55,"merged":[[4,6,4,9],[4,10,4,13]]}
[]
[null,{"$f":"+'Qual, Excl & Assum'!B2","v":"PROJECT NAME: SQUAIRRELS LEAP GUILDFORD ROAD, CHERTSEY KT16 9RU"}]
[null,{"$f":"+'Qual, Excl & Assum'!B3","v":"DATE: 25TH NOVEMBER 2025"}]
[]
[null,"Kitchen & Bathrooms",{"$nulls":4},"RATES",{"$nulls":3},"TOTALS"]
[]
[null,"Description","Quantity","Unit","Rate","Total","Labor","Materials","L Markup","M Markup","Labor","Materials","L Markup","M Markup"]
[{"$nulls":13},{"$f":"IF(D8=0,\" \",(J8*C8))","v":" "}]
[null,"KITCHEN"]
[]
[1,"Range Cooker (600mm W)",{"v":1,"d":"1.00"},"no.",{"$f":"G11+H11+J11+I11","v":{"v":1086.66375,"d":"£1,086.66"}},{"$f":"E11*C11","v":{"v":1086.66375,"d":"£1,086.66"}},{"v":299.925,"d":"£299.93"},{"v":645,"d":"£645.00"},{"$f":"IF(D11=0,\" \",(G11)*([1]Details!$C$4+[1]Details!$C$8))","v":{"v":44.98875000000001,"d":"£44.99"}},{"$f":"IF(D11=0,\" \",(H11)*([1]Details!$C$6+[1]Details!$C$8))","v":{"v":96.75000000000001,"d":"£96.75"}},{"$f":"+G11*C11","v":{"v":299.925,"d":"£299.93"}},{"$f":"+H11*C11","v":{"v":645,"d":"£645.00"}},{"$f":"IF(D11=0,\" \",(I11*C11))","v":{"v":44.98875000000001,"d":"£44.99"}},{"$f":"IF(D11=0,\" \",(J11*C11))","v":{"v":96.75000000000001,"d":"£96.75"}}]
[]
[{"$f":"IF(F13<>\"\",(LARGE(A$7:A11,1)+1),\"\")","v":2},"Kitchen Extract",{"v":2,"d":"2.00"},"no.",{"v":918.1887499999999,"d":"£918.19"},{"v":1836.3774999999998,"d":"£1,836.38"},{"v":253.425,"d":"£253.43"},{"v":545,"d":"£545.00"},{"$f":"IF(D13=0,\" \",(G13)*([1]Details!$C$4+[1]Details!$C$8))","v":{"v":38.01375000000001,"d":"£38.01"}},{"$f":"IF(D13=0,\" \",(H13)*([1]Details!$C$6+[1]Details!$C$8))","v":{"v":81.75000000000001,"d":"£81.75"}},{"v":506.85,"d":"£506.85"},{"v":1090,"d":"£1,090.00"},{"v":76.02750000000002,"d":"£76.03"},{"v":163.50000000000003,"d":"£163.50"}]
[{"$f":"IF(F14<>\"\",(LARGE(A$7:A12,1)+1),\"\")","v":""}]
[{"$f":"IF(F15<>\"\",(LARGE(A$7:A13,1)+1),\"\")","v":3},"DW: Dish Washer",{"v":2,"d":"2.00"},"no.",{"v":1221.44375,"d":"£1,221.44"},{"v":2442.8875,"d":"£2,442.89"},{"v":337.125,"d":"£337.13"},{"v":725,"d":"£725.00"},{"$f":"IF(D15=0,\" \",(G15)*([1]Details!$C$4+[1]Details!$C$8))","v":{"v":50.56875000000001,"d":"£50.57"}},{"$f":"IF(D15=0,\" \",(H15)*([1]Details!$C$6+[1]Details!$C$8))","v":{"v":108.75000000000001,"d":"£108.75"}},{"v":674.25,"d":"£674.25"},{"v":1450,"d":"£1,450.00"},{"v":101.13750000000002,"d":"£101.14"},{"v":217.50000000000003,"d":"£217.50"}]
[{"$f":"IF(F16<>\"\",(LARGE(A$7:A14,1)+1),\"\")","v":""}]
[{"$f":"IF(F17<>\"\",(LARGE(A$7:A15,1)+1),\"\")","v":4},"MW: Micro Wave",{"v":2,"d":"2.00"},"no.",{"v":1288.83375,"d":"£1,288.83"},{"v":2577.6675,"d":"£2,577.67"},{"v":355.725,"d":"£355.73"},{"v":765,"d":"£765.00"},{"$f":"IF(D17=0,\" \",(G17)*([1]Details!$C$4+[1]Details!$C$8))","v":{"v":53.358750000000015,"d":"£53.36"}},{"$f":"IF(D17=0,\" \",(H17)*([1]Details!$C$6+[1]Details!$C$8))","v":{"v":114.75000000000001,"d":"£114.75"}},{"v":711.45,"d":"£711.45"},{"v":1530,"d":"£1,530.00"},{"v":106.71750000000003,"d":"£106.72"},{"v":229.50000000000003,"d":"£229.50"}]
[{"$f":"IF(F18<>\"\",(LARGE(A$7:A16,1)+1),\"\")","v":""}]
[{"$f":"IF(F19<>\"\",(LARGE(A$7:A17,1)+1),\"\")","v":5},"WM: Washing Machine",{"v":2,"d":"2.00"},"no.",{"v":1086.66375,"d":"£1,086.66"},{"v":2173.3275,"d":"£2,173.33"},{"v":299.925,"d":"£299.93"},{"v":645,"d":"£645.00"},{"$f":"IF(D19=0,\" \",(G19)*([1]Details!$C$4+[1]Details!$C$8))","v":{"v":44.98875000000001,"d":"£44.99"}},{"$f":"IF(D19=0,\" \",(H19)*([1]Details!$C$6+[1]Details!$C$8))","v":{"v":96.75000000000001,"d":"£96.75"}},{"v":599.85,"d":"£599.85"},{"v":1290,"d":"£1,290.00"},{"v":89.97750000000002,"d":"£89.98"},{"v":193.50000000000003,"d":"£193.50"}]
[{"$f":"IF(F20<>\"\",(LARGE(A$7:A18,1)+1),\"\")","v":""}]
[{"$f":"IF(F21<>\"\",(LARGE(A$7:A19,1)+1),\"\")","v":6},"Fridge",{"v":2,"d":"2.00"},"no.",{"v":2105.9375,"d":"£2,105.94"},{"v":4211.875,"d":"£4,211.88"},{"v":581.25,"d":"£581.25"},{"v":1250,"d":"£1,250.00"},{"$f":"IF(D21=0,\" \",(G21)*([1]Details!$C$4+[1]Details!$C$8))","v":{"v":87.18750000000001,"d":"£87.19"}},{"$f":"IF(D21=0,\" \",(H21)*([1]Details!$C$6+[1]Details!$C$8))","v":{"v":187.50000000000003,"d":"£187.50"}},{"v":1162.5,"d":"£1,162.50"},{"v":2500,"d":"£2,500.00"},{"v":174.37500000000003,"d":"£174.38"},{"v":375.00000000000006,"d":"£375.00"}]
[{"$f":"IF(F22<>\"\",(LARGE(A$7:A20,1)+1),\"\")","v":""}]
[{"$f":"IF(F23<>\"\",(LARGE(A$7:A21,1)+1),\"\")","v":7},"Freezer",{"v":1,"d":"1.00"},"no.",{"v":2442.8875,"d":"£2,442.89"},{"v":2442.8875,"d":"£2,442.89"},{"v":674.25,"d":"£674.25"},{"v":1450,"d":"£1,450.00"},{"$f":"IF(D23=0,\" \",(G23)*([1]Details!$C$4+[1]Details!$C$8))","v":{"v":101.13750000000002,"d":"£101.14"}},{"$f":"IF(D23=0,\" \",(H23)*([1]Details!$C$6+[1]Details!$C$8))","v":{"v":217.50000000000003,"d":"£217.50"}},{"v":674.25,"d":"£674.25"},{"v":1450,"d":"£1,450.00"},{"v":101.13750000000002,"d":"£101.14"},{"v":217.50000000000003,"d":"£217.50"}]
[{"$f":"IF(F24<>\"\",(LARGE(A$7:A22,1)+1),\"\")","v":""}]
[{"$f":"IF(F25<>\"\",(LARGE(A$7:A23,1)+1),\"\")","v":8},"Kitchen Sink",{"v":1,"d":"1.00"},"no.",{"v":985.5787500000001,"d":"£985.58"},{"v":985.5787500000001,"d":"£985.58"},{"v":272.02500000000003,"d":"£272.03"},{"v":585,"d":"£585.00"},{"$f":"IF(D25=0,\" \",(G25)*([1]Details!$C$4+[1]Details!$C$8))","v":{"v":40.80375000000001,"d":"£40.80"}},{"$f":"IF(D25=0,\" \",(H25)*([1]Details!$C$6+[1]Details!$C$8))","v":{"v":87.75000000000001,"d":"£87.75"}},{"v":272.02500000000003,"d":"£272.03"},{"v":585,"d":"£585.00"},{"v":40.80375000000001,"d":"£40.80"},{"v":87.75000000000001,"d":"£87.75"}]
[{"$f":"IF(F26<>\"\",(LARGE(A$7:A24,1)+1),\"\")","v":""}]
[{"$f":"IF(F27<>\"\",(LARGE(A$7:A25,1)+1),\"\")","v":""},"BATHROOM"]
[{"$f":"IF(F28<>\"\",(LARGE(A$7:A26,1)+1),\"\")","v":""}]
[{"$f":"IF(F29<>\"\",(LARGE(A$7:A27,1)+1),\"\")","v":""},"Fixtures"]
[]
[{"$f":"IF(F31<>\"\",(LARGE(A$7:A28,1)+1),\"\")","v":9},"Water Closet",{"v":5,"d":"5.00"},"no.",{"$f":"G31+H31+J31+I31","v":{"v":1086.66375,"d":"£1,086.66"}},{"$f":"E31*C31","v":{"v":5433.318749999999,"d":"£5,433.32"}},{"v":299.925,"d":"£299.93"},{"v":645,"d":"£645.00"},{"$f":"IF(D31=0,\" \",(G31)*([1]Details!$C$4+[1]Details!$C$8))","v":{"v":44.98875000000001,"d":"£44.99"}},{"$f":"IF(D31=0,\" \",(H31)*([1]Details!$C$6+[1]Details!$C$8))","v":{"v":96.75000000000001,"d":"£96.75"}},{"$f":"+G31*C31","v":{"v":1499.625,"d":"£1,499.63"}},{"$f":"+H31*C31","v":{"v":3225,"d":"£3,225.00"}},{"$f":"IF(D31=0,\" \",(I31*C31))","v":{"v":224.94375000000005,"d":"£224.94"}},{"$f":"IF(D31=0,\" \",(J31*C31))","v":{"v":483.75000000000006,"d":"£483.75"}}]
[{"$f":"IF(F32<>\"\",(LARGE(A$7:A29,1)+1),\"\")","v":""}]
[{"$f":"IF(F33<>\"\",(LARGE(A$7:A31,1)+1),\"\")","v":10},"Lavatory",{"v":6,"d":"6.00"},"no.",{"v":951.8837500000001,"d":"£951.88"},{"v":5711.302500000001,"d":"£5,711.30"},{"v":262.725,"d":"£262.73"},{"v":565,"d":"£565.00"},{"$f":"IF(D33=0,\" \",(G33)*([1]Details!$C$4+[1]Details!$C$8))","v":{"v":39.40875000000001,"d":"£39.41"}},{"$f":"IF(D33=0,\" \",(H33)*([1]Details!$C$6+[1]Details!$C$8))","v":{"v":84.75000000000001,"d":"£84.75"}},{"v":1576.3500000000001,"d":"£1,576.35"},{"v":3390,"d":"£3,390.00"},{"v":236.45250000000007,"d":"£236.45"},{"v":508.5000000000001,"d":"£508.50"}]
[{"$f":"IF(F34<>\"\",(LARGE(A$7:A32,1)+1),\"\")","v":""}]
[{"$f":"IF(F35<>\"\",(LARGE(A$7:A33,1)+1),\"\")","v":11},"Bath Tub",{"v":1,"d":"1.00"},"no.",{"v":1288.83375,"d":"£1,288.83"},{"v":1288.83375,"d":"£1,288.83"},{"v":355.725,"d":"£355.73"},{"v":765,"d":"£765.00"},{"$f":"IF(D35=0,\" \",(G35)*([1]Details!$C$4+[1]Details!$C$8))","v":{"v":53.358750000000015,"d":"£53.36"}},{"$f":"IF(D35=0,\" \",(H35)*([1]Details!$C$6+[1]Details!$C$8))","v":{"v":114.75000000000001,"d":"£114.75"}},{"v":355.725,"d":"£355.73"},{"v":765,"d":"£765.00"},{"v":53.358750000000015,"d":"£53.36"},{"v":114.75000000000001,"d":"£114.75"}]
[{"$f":"IF(F36<>\"\",(LARGE(A$7:A34,1)+1),\"\")","v":""}]
[{"$f":"IF(F37<>\"\",(LARGE(A$7:A35,1)+1),\"\")","v":12},"Shower",{"v":2,"d":"2.00"},"no.",{"v":749.71375,"d":"£749.71"},{"v":1499.4275,"d":"£1,499.43"},{"v":206.925,"d":"£206.93"},{"v":445,"d":"£445.00"},{"$f":"IF(D37=0,\" \",(G37)*([1]Details!$C$4+[1]Details!$C$8))","v":{"v":31.038750000000007,"d":"£31.04"}},{"$f":"IF(D37=0,\" \",(H37)*([1]Details!$C$6+[1]Details!$C$8))","v":{"v":66.75000000000001,"d":"£66.75"}},{"v":413.85,"d":"£413.85"},{"v":890,"d":"£890.00"},{"v":62.077500000000015,"d":"£62.08"},{"v":133.50000000000003,"d":"£133.50"}]
[{"$f":"IF(F38<>\"\",(LARGE(A$7:A36,1)+1),\"\")","v":""}]
[{"$f":"IF(F39<>\"\",(LARGE(A$7:A37,1)+1),\"\")","v":13},"Utility Double Compartment Sink",{"v":1,"d":"1.00"},"no.",{"$f":"G39+H39+J39+I39","v":{"v":985.5787500000001,"d":"£985.58"}},{"$f":"E39*C39","v":{"v":985.5787500000001,"d":"£985.58"}},{"v":272.02500000000003,"d":"£272.03"},{"v":585,"d":"£585.00"},{"$f":"IF(D39=0,\" \",(G39)*([1]Details!$C$4+[1]Details!$C$8))","v":{"v":40.80375000000001,"d":"£40.80"}},{"$f":"IF(D39=0,\" \",(H39)*([1]Details!$C$6+[1]Details!$C$8))","v":{"v":87.75000000000001,"d":"£87.75"}},{"$f":"+G39*C39","v":{"v":272.02500000000003,"d":"£272.03"}},{"$f":"+H39*C39","v":{"v":585,"d":"£585.00"}},{"$f":"IF(D39=0,\" \",(I39*C39))","v":{"v":40.80375000000001,"d":"£40.80"}},{"$f":"IF(D39=0,\" \",(J39*C39))","v":{"v":87.75000000000001,"d":"£87.75"}}]
[{"$f":"IF(F40<>\"\",(LARGE(A$7:A38,1)+1),\"\")","v":""}]
[{"$f":"IF(F41<>\"\",(LARGE(A$7:A39,1)+1),\"\")","v":""},"Accessories"]
[{"$f":"IF(F42<>\"\",(LARGE(A$7:A40,1)+1),\"\")","v":14},"Soap Dispenser",{"v":3,"d":"3.00"},"no.",{"$f":"G42+H42+J42+I42","v":{"v":76.656125,"d":"£76.66"}},{"$f":"E42*C42","v":{"v":229.968375,"d":"£229.97"}},{"v":21.157500000000002,"d":"£21.16"},{"v":45.5,"d":"£45.50"},{"$f":"IF(D42=0,\" \",(G42)*([1]Details!$C$4+[1]Details!$C$8))","v":{"v":3.173625000000001,"d":"£3.17"}},{"$f":"IF(D42=0,\" \",(H42)*([1]Details!$C$6+[1]Details!$C$8))","v":{"v":6.825000000000001,"d":"£6.83"}},{"$f":"+G42*C42","v":{"v":63.47250000000001,"d":"£63.47"}},{"$f":"+H42*C42","v":{"v":136.5,"d":"£136.50"}},{"$f":"IF(D42=0,\" \",(I42*C42))","v":{"v":9.520875000000002,"d":"£9.52"}},{"$f":"IF(D42=0,\" \",(J42*C42))","v":{"v":20.475,"d":"£20.48"}}]
[{"$f":"IF(F43<>\"\",(LARGE(A$7:A41,1)+1),\"\")","v":""}]
[{"$f":"IF(F44<>\"\",(LARGE(A$7:A42,1)+1),\"\")","v":15},"Robe Hook",{"v":3,"d":"3.00"},"no.",{"v":58.123875,"d":"£58.12"},{"v":174.371625,"d":"£174.37"},{"v":16.0425,"d":"£16.04"},{"v":34.5,"d":"£34.50"},{"$f":"IF(D44=0,\" \",(G44)*([1]Details!$C$4+[1]Details!$C$8))","v":{"v":2.4063750000000006,"d":"£2.41"}},{"$f":"IF(D44=0,\" \",(H44)*([1]Details!$C$6+[1]Details!$C$8))","v":{"v":5.175000000000001,"d":"£5.18"}},{"v":48.1275,"d":"£48.13"},{"v":103.5,"d":"£103.50"},{"v":7.219125000000002,"d":"£7.22"},{"v":15.525000000000002,"d":"£15.53"}]
[{"$f":"IF(F45<>\"\",(LARGE(A$7:A43,1)+1),\"\")","v":""}]
[{"$f":"IF(F46<>\"\",(LARGE(A$7:A44,1)+1),\"\")","v":16},"(0.6m W x0.9m H) Wall Mirror",{"v":3,"d":"3.00"},"no.",{"v":194.0832,"d":"£194.08"},{"v":582.2496,"d":"£582.25"},{"v":53.568000000000005,"d":"£53.57"},{"v":115.2,"d":"£115.20"},{"$f":"IF(D46=0,\" \",(G46)*([1]Details!$C$4+[1]Details!$C$8))","v":{"v":8.035200000000001,"d":"£8.04"}},{"$f":"IF(D46=0,\" \",(H46)*([1]Details!$C$6+[1]Details!$C$8))","v":{"v":17.280000000000005,"d":"£17.28"}},{"v":160.704,"d":"£160.70"},{"v":345.6,"d":"£345.60"},{"v":24.105600000000003,"d":"£24.11"},{"v":51.84000000000002,"d":"£51.84"}]
[{"$f":"IF(F47<>\"\",(LARGE(A$7:A45,1)+1),\"\")","v":""}]
[{"$f":"IF(F48<>\"\",(LARGE(A$7:A46,1)+1),\"\")","v":17},"Tooth Brush Holder",{"v":4,"d":"4.00"},"no.",{"v":64.862875,"d":"£64.86"},{"v":259.4515,"d":"£259.45"},{"v":17.9025,"d":"£17.90"},{"v":38.5,"d":"£38.50"},{"$f":"IF(D48=0,\" \",(G48)*([1]Details!$C$4+[1]Details!$C$8))","v":{"v":2.6853750000000005,"d":"£2.69"}},{"$f":"IF(D48=0,\" \",(H48)*([1]Details!$C$6+[1]Details!$C$8))","v":{"v":5.775000000000001,"d":"£5.78"}},{"v":71.61,"d":"£71.61"},{"v":154,"d":"£154.00"},{"v":10.741500000000002,"d":"£10.74"},{"v":23.100000000000005,"d":"£23.10"}]
[{"$f":"IF(F49<>\"\",(LARGE(A$7:A47,1)+1),\"\")","v":""}]
[{"$f":"IF(F50<>\"\",(LARGE(A$7:A48,1)+1),\"\")","v":18},"910mm Grab Bar",{"v":4,"d":"4.00"},"no.",{"v":86.76462500000001,"d":"£86.76"},{"v":347.05850000000004,"d":"£347.06"},{"v":23.9475,"d":"£23.95"},{"v":51.5,"d":"£51.50"},{"$f":"IF(D50=0,\" \",(G50)*([1]Details!$C$4+[1]Details!$C$8))","v":{"v":3.5921250000000007,"d":"£3.59"}},{"$f":"IF(D50=0,\" \",(H50)*([1]Details!$C$6+[1]Details!$C$8))","v":{"v":7.725000000000001,"d":"£7.73"}},{"v":95.79,"d":"£95.79"},{"v":206,"d":"£206.00"},{"v":14.368500000000003,"d":"£14.37"},{"v":30.900000000000006,"d":"£30.90"}]
[{"$f":"IF(F51<>\"\",(LARGE(A$7:A49,1)+1),\"\")","v":""}]
[{"$f":"IF(F52<>\"\",(LARGE(A$7:A50,1)+1),\"\")","v":19},"Shower Curtain Rail",3.13,"m",{"v":98.55787500000001,"d":"£98.56"},{"v":308.48614875000004,"d":"£308.49"},{"v":27.2025,"d":"£27.20"},{"v":58.5,"d":"£58.50"},{"$f":"IF(D52=0,\" \",(G52)*([1]Details!$C$4+[1]Details!$C$8))","v":{"v":4.080375000000001,"d":"£4.08"}},{"$f":"IF(D52=0,\" \",(H52)*([1]Details!$C$6+[1]Details!$C$8))","v":{"v":8.775000000000002,"d":"£8.78"}},{"v":85.14382499999999,"d":"£85.14"},{"v":183.105,"d":"£183.11"},{"v":12.771573750000002,"d":"£12.77"},{"v":27.465750000000007,"d":"£27.47"}]
[{"$f":"IF(F53<>\"\",(LARGE(A$7:A52,1)+1),\"\")","v":""},{"$nulls":8},{"$f":"IF(D53=0,\" \",(G53+H53)*(Details!$C$4+Details!$C$6))","v":" "},{"$nulls":5},"Check"]
[{"$nulls":4},"Sub Total",{"$f":"SUM(F8:F53)","v":{"v":34577.31199875001,"d":"£34,577.31"}},{"$nulls":3},{"$f":"IF(D54=0,\" \",(G54+H54)*(Details!$C$4+Details!$C$6))","v":" "},{"$f":"SUM(K8:K53)","v":{"v":9543.522825000002,"d":"£9,543.52"}},{"$f":"SUM(L8:L53)","v":{"v":20523.704999999998,"d":"£20,523.71"}},{"$f":"SUM(M8:M53)","v":{"v":1431.5284237500007,"d":"£1,431.53"}},{"$f":"SUM(N8:N53)","v":{"v":3078.5557500000004,"d":"£3,078.56"}},null,{"$f":"+F54-K54-L54-N54-M54","v":{"v":1.1141310096718371E-11,"d":"£0.00"}}]
[{"$f":"IF(F55<>\"\",(LARGE(A$7:A54,1)+1),\"\")","v":""},{"$nulls":8},{"$f":"IF(D55=0,\" \",(G55+H55)*(Details!$C$4+Details!$C$6))","v":" "}]

{"sheet":"Electrical","index":16,"n_rows":90,"n_cols":16,"rows_kept":90,"merged":[[4,6,4,9],[4,10,4,13]]}
[]
[null,{"$f":"+'Qual, Excl & Assum'!B2","v":"PROJECT NAME: SQUAIRRELS LEAP GUILDFORD ROAD, CHERTSEY KT16 9RU"}]
[null,{"$f":"+'Qual, Excl & Assum'!B3","v":"DATE: 25TH NOVEMBER 2025"}]
[]
[null,"Electrical",{"$nulls":4},"RATES",{"$nulls":3},"TOTALS"]
[]
[null,"Description","Quantity","Unit","Rate","Total","Labor","Materials","L Markup","M Markup","Labor","Materials","L Markup","M Markup"]
[{"$nulls":13},{"$f":"IF(D8=0,\" \",(J8*C8))","v":" "}]
[null,"LIGHTING"]
[1,"A: Suspended IP Rated Fluorescent Luminaire",{"v":16,"d":"16.00"},"no.",{"$f":"G10+H10+J10+I10","v":{"v":193.74625,"d":"£193.75"}},{"$f":"E10*C10","v":{"v":3099.94,"d":"£3,099.94"}},{"v":53.475,"d":"£53.48"},{"v":115,"d":"£115.00"},{"$f":"IF(D10=0,\" \",(G10)*([1]Details!$C$4+[1]Details!$C$8))","v":{"v":8.021250000000002,"d":"£8.02"}},{"$f":"IF(D10=0,\" \",(H10)*([1]Details!$C$6+[1]Details!$C$8))","v":{"v":17.250000000000004,"d":"£17.25"}},{"$f":"+G10*C10","v":{"v":855.6,"d":"£855.60"}},{"$f":"+H10*C10","v":{"v":1840,"d":"£1,840.00"}},{"$f":"IF(D10=0,\" \",(I10*C10))","v":{"v":128.34000000000003,"d":"£128.34"}},{"$f":"IF(D10=0,\" \",(J10*C10))","v":{"v":276.00000000000006,"d":"£276.00"}}]
[]
[{"$f":"IF(F12<>\"\",(LARGE(A$7:A10,1)+1),\"\")","v":2},"P: Pendant Light",{"v":8,"d":"8.00"},"no.",{"v":198.8005,"d":"£198.80"},{"v":1590.404,"d":"£1,590.40"},{"v":54.870000000000005,"d":"£54.87"},{"v":118,"d":"£118.00"},{"$f":"IF(D12=0,\" \",(G12)*([1]Details!$C$4+[1]Details!$C$8))","v":{"v":8.230500000000001,"d":"£8.23"}},{"$f":"IF(D12=0,\" \",(H12)*([1]Details!$C$6+[1]Details!$C$8))","v":{"v":17.700000000000003,"d":"£17.70"}},{"v":438.96000000000004,"d":"£438.96"},{"v":944,"d":"£944.00"},{"v":65.84400000000001,"d":"£65.84"},{"v":141.60000000000002,"d":"£141.60"}]
[]
[{"$f":"IF(F14<>\"\",(LARGE(A$7:A12,1)+1),\"\")","v":3},"Recessed  LED Downlight",{"v":179,"d":"179.00"},"no.",{"v":205.53950000000003,"d":"£205.54"},{"v":36791.57050000001,"d":"£36,791.57"},{"v":56.730000000000004,"d":"£56.73"},{"v":122,"d":"£122.00"},{"$f":"IF(D14=0,\" \",(G14)*([1]Details!$C$4+[1]Details!$C$8))","v":{"v":8.509500000000003,"d":"£8.51"}},{"$f":"IF(D14=0,\" \",(H14)*([1]Details!$C$6+[1]Details!$C$8))","v":{"v":18.300000000000004,"d":"£18.30"}},{"v":10154.67,"d":"£10,154.67"},{"v":21838,"d":"£21,838.00"},{"v":1523.2005000000004,"d":"£1,523.20"},{"v":3275.7000000000007,"d":"£3,275.70"}]
[]
[{"$f":"IF(F16<>\"\",(LARGE(A$7:A14,1)+1),\"\")","v":4},"Wall Light",{"v":24,"d":"24.00"},"no.",{"v":192.90387500000003,"d":"£192.90"},{"v":4629.693000000001,"d":"£4,629.69"},{"v":53.2425,"d":"£53.24"},{"v":114.5,"d":"£114.50"},{"$f":"IF(D16=0,\" \",(G16)*([1]Details!$C$4+[1]Details!$C$8))","v":{"v":7.986375000000002,"d":"£7.99"}},{"$f":"IF(D16=0,\" \",(H16)*([1]Details!$C$6+[1]Details!$C$8))","v":{"v":17.175000000000004,"d":"£17.18"}},{"v":1277.82,"d":"£1,277.82"},{"v":2748,"d":"£2,748.00"},{"v":191.67300000000003,"d":"£191.67"},{"v":412.2000000000001,"d":"£412.20"}]
[]
[{"$f":"IF(F18<>\"\",(LARGE(A$7:A16,1)+1),\"\")","v":5},"Linear LED Strip",144.72,"m",{"v":61.493375,"d":"£61.49"},{"v":8899.32123,"d":"£8,899.32"},{"v":16.9725,"d":"£16.97"},{"v":36.5,"d":"£36.50"},{"$f":"IF(D18=0,\" \",(G18)*([1]Details!$C$4+[1]Details!$C$8))","v":{"v":2.5458750000000006,"d":"£2.55"}},{"$f":"IF(D18=0,\" \",(H18)*([1]Details!$C$6+[1]Details!$C$8))","v":{"v":5.4750000000000005,"d":"£5.48"}},{"v":2456.2602,"d":"£2,456.26"},{"v":5282.28,"d":"£5,282.28"},{"v":368.43903000000006,"d":"£368.44"},{"v":792.3420000000001,"d":"£792.34"}]
[]
[{"$f":"IF(F20<>\"\",(LARGE(A$7:A18,1)+1),\"\")","v":6},"Linear LED",37.64,"m",{"v":71.601875,"d":"£71.60"},{"v":2695.094575,"d":"£2,695.09"},{"v":19.7625,"d":"£19.76"},{"v":42.5,"d":"£42.50"},{"$f":"IF(D20=0,\" \",(G20)*([1]Details!$C$4+[1]Details!$C$8))","v":{"v":2.9643750000000004,"d":"£2.96"}},{"$f":"IF(D20=0,\" \",(H20)*([1]Details!$C$6+[1]Details!$C$8))","v":{"v":6.375000000000001,"d":"£6.38"}},{"v":743.8605,"d":"£743.86"},{"v":1599.7,"d":"£1,599.70"},{"v":111.57907500000002,"d":"£111.58"},{"v":239.95500000000004,"d":"£239.96"}]
[{"$f":"IF(F21<>\"\",(LARGE(A$7:A19,1)+1),\"\")","v":""}]
[{"$f":"IF(F22<>\"\",(LARGE(A$7:A20,1)+1),\"\")","v":""},"POWER"]
[{"$f":"IF(F23<>\"\",(LARGE(A$7:A21,1)+1),\"\")","v":""},"Switches"]
[{"$f":"IF(F24<>\"\",(LARGE(A$7:A22,1)+1),\"\")","v":""}]
[{"$f":"IF(F25<>\"\",(LARGE(A$7:A23,1)+1),\"\")","v":7},"Switch",{"v":3,"d":"3.00"},"no.",{"$f":"G25+H25+J25+I25","v":{"v":24.428875,"d":"£24.43"}},{"$f":"E25*C25","v":{"v":73.286625,"d":"£73.29"}},{"v":6.742500000000001,"d":"£6.74"},{"v":14.5,"d":"£14.50"},{"$f":"IF(D25=0,\" \",(G25)*([1]Details!$C$4+[1]Details!$C$8))","v":{"v":1.0113750000000001,"d":"£1.01"}},{"$f":"IF(D25=0,\" \",(H25)*([1]Details!$C$6+[1]Details!$C$8))","v":{"v":2.1750000000000003,"d":"£2.18"}},{"$f":"+G25*C25","v":{"v":20.227500000000003,"d":"£20.23"}},{"$f":"+H25*C25","v":{"v":43.5,"d":"£43.50"}},{"$f":"IF(D25=0,\" \",(I25*C25))","v":{"v":3.0341250000000004,"d":"£3.03"}},{"$f":"IF(D25=0,\" \",(J25*C25))","v":{"v":6.525,"d":"£6.53"}}]
[{"$f":"IF(F26<>\"\",(LARGE(A$7:A24,1)+1),\"\")","v":""}]
[{"$f":"IF(F27<>\"\",(LARGE(A$7:A25,1)+1),\"\")","v":8},"2 Gang, 2 Way Switch",{"v":10,"d":"10.00"},"no.",{"v":27.798375,"d":"£27.80"},{"v":277.98375,"d":"£277.98"},{"v":7.6725,"d":"£7.67"},{"v":16.5,"d":"£16.50"},{"$f":"IF(D27=0,\" \",(G27)*([1]Details!$C$4+[1]Details!$C$8))","v":{"v":1.1508750000000003,"d":"£1.15"}},{"$f":"IF(D27=0,\" \",(H27)*([1]Details!$C$6+[1]Details!$C$8))","v":{"v":2.4750000000000005,"d":"£2.48"}},{"v":76.72500000000001,"d":"£76.73"},{"v":165,"d":"£165.00"},{"v":11.508750000000003,"d":"£11.51"},{"v":24.750000000000007,"d":"£24.75"}]
[{"$f":"IF(F28<>\"\",(LARGE(A$7:A26,1)+1),\"\")","v":""}]
[{"$f":"IF(F29<>\"\",(LARGE(A$7:A27,1)+1),\"\")","v":9},"2 Gang Switch",{"v":4,"d":"4.00"},"no.",{"v":29.483125000000005,"d":"£29.48"},{"v":117.93250000000002,"d":"£117.93"},{"v":8.137500000000001,"d":"£8.14"},{"v":17.5,"d":"£17.50"},{"$f":"IF(D29=0,\" \",(G29)*([1]Details!$C$4+[1]Details!$C$8))","v":{"v":1.2206250000000003,"d":"£1.22"}},{"$f":"IF(D29=0,\" \",(H29)*([1]Details!$C$6+[1]Details!$C$8))","v":{"v":2.6250000000000004,"d":"£2.63"}},{"v":32.550000000000004,"d":"£32.55"},{"v":70,"d":"£70.00"},{"v":4.882500000000001,"d":"£4.88"},{"v":10.500000000000002,"d":"£10.50"}]
[{"$f":"IF(F30<>\"\",(LARGE(A$7:A28,1)+1),\"\")","v":""}]
[{"$f":"IF(F31<>\"\",(LARGE(A$7:A29,1)+1),\"\")","v":10},"5 Gang, 2 Way Switch",{"v":2,"d":"2.00"},"no.",{"v":36.222125000000005,"d":"£36.22"},{"v":72.44425000000001,"d":"£72.44"},{"v":9.9975,"d":"£10.00"},{"v":21.5,"d":"£21.50"},{"$f":"IF(D31=0,\" \",(G31)*([1]Details!$C$4+[1]Details!$C$8))","v":{"v":1.4996250000000002,"d":"£1.50"}},{"$f":"IF(D31=0,\" \",(H31)*([1]Details!$C$6+[1]Details!$C$8))","v":{"v":3.2250000000000005,"d":"£3.23"}},{"v":19.995,"d":"£20.00"},{"v":43,"d":"£43.00"},{"v":2.9992500000000004,"d":"£3.00"},{"v":6.450000000000001,"d":"£6.45"}]
[{"$f":"IF(F32<>\"\",(LARGE(A$7:A30,1)+1),\"\")","v":""}]
[{"$f":"IF(F33<>\"\",(LARGE(A$7:A31,1)+1),\"\")","v":11},"4 Gang, 2 Way Switch",{"v":2,"d":"2.00"},"no.",{"v":32.852625,"d":"£32.85"},{"v":65.70525,"d":"£65.71"},{"v":9.0675,"d":"£9.07"},{"v":19.5,"d":"£19.50"},{"$f":"IF(D33=0,\" \",(G33)*([1]Details!$C$4+[1]Details!$C$8))","v":{"v":1.3601250000000003,"d":"£1.36"}},{"$f":"IF(D33=0,\" \",(H33)*([1]Details!$C$6+[1]Details!$C$8))","v":{"v":2.9250000000000003,"d":"£2.93"}},{"v":18.135,"d":"£18.14"},{"v":39,"d":"£39.00"},{"v":2.7202500000000005,"d":"£2.72"},{"v":5.8500000000000005,"d":"£5.85"}]
[{"$f":"IF(F34<>\"\",(LARGE(A$7:A32,1)+1),\"\")","v":""}]
[{"$f":"IF(F35<>\"\",(LARGE(A$7:A33,1)+1),\"\")","v":12},"6 Gang, 2 Way Switch",{"v":1,"d":"1.00"},"no.",{"v":39.591625,"d":"£39.59"},{"v":39.591625,"d":"£39.59"},{"v":10.9275,"d":"£10.93"},{"v":23.5,"d":"£23.50"},{"$f":"IF(D35=0,\" \",(G35)*([1]Details!$C$4+[1]Details!$C$8))","v":{"v":1.6391250000000002,"d":"£1.64"}},{"$f":"IF(D35=0,\" \",(H35)*([1]Details!$C$6+[1]Details!$C$8))","v":{"v":3.5250000000000004,"d":"£3.53"}},{"v":10.9275,"d":"£10.93"},{"v":23.5,"d":"£23.50"},{"v":1.6391250000000002,"d":"£1.64"},{"v":3.5250000000000004,"d":"£3.53"}]
[{"$f":"IF(F36<>\"\",(LARGE(A$7:A34,1)+1),\"\")","v":""}]
[{"$f":"IF(F37<>\"\",(LARGE(A$7:A35,1)+1),\"\")","v":13},"3 Gang, 2 Way Switch",{"v":1,"d":"1.00"},"no.",{"v":31.167875,"d":"£31.17"},{"v":31.167875,"d":"£31.17"},{"v":8.602500000000001,"d":"£8.60"},{"v":18.5,"d":"£18.50"},{"$f":"IF(D37=0,\" \",(G37)*([1]Details!$C$4+[1]Details!$C$8))","v":{"v":1.2903750000000003,"d":"£1.29"}},{"$f":"IF(D37=0,\" \",(H37)*([1]Details!$C$6+[1]Details!$C$8))","v":{"v":2.7750000000000004,"d":"£2.78"}},{"v":8.602500000000001,"d":"£8.60"},{"v":18.5,"d":"£18.50"},{"v":1.2903750000000003,"d":"£1.29"},{"v":2.7750000000000004,"d":"£2.78"}]
[{"$f":"IF(F38<>\"\",(LARGE(A$7:A36,1)+1),\"\")","v":""}]
[{"$f":"IF(F39<>\"\",(LARGE(A$7:A37,1)+1),\"\")","v":14},"3 Gang Switch",{"v":1,"d":"1.00"},"no.",{"v":31.757537500000005,"d":"£31.76"},{"v":31.757537500000005,"d":"£31.76"},{"v":8.765250000000002,"d":"£8.77"},{"v":18.85,"d":"£18.85"},{"$f":"IF(D39=0,\" \",(G39)*([1]Details!$C$4+[1]Details!$C$8))","v":{"v":1.3147875000000004,"d":"£1.31"}},{"$f":"IF(D39=0,\" \",(H39)*([1]Details!$C$6+[1]Details!$C$8))","v":{"v":2.8275000000000006,"d":"£2.83"}},{"v":8.765250000000002,"d":"£8.77"},{"v":18.85,"d":"£18.85"},{"v":1.3147875000000004,"d":"£1.31"},{"v":2.8275000000000006,"d":"£2.83"}]
[{"$f":"IF(F40<>\"\",(LARGE(A$7:A38,1)+1),\"\")","v":""}]
[{"$f":"IF(F41<>\"\",(LARGE(A$7:A39,1)+1),\"\")","v":15}," 2 Way Switch",{"v":12,"d":"12.00"},"no.",{"v":27.798375,"d":"£27.80"},{"v":333.58050000000003,"d":"£333.58"},{"v":7.6725,"d":"£7.67"},{"v":16.5,"d":"£16.50"},{"$f":"IF(D41=0,\" \",(G41)*([1]Details!$C$4+[1]Details!$C$8))","v":{"v":1.1508750000000003,"d":"£1.15"}},{"$f":"IF(D41=0,\" \",(H41)*([1]Details!$C$6+[1]Details!$C$8))","v":{"v":2.4750000000000005,"d":"£2.48"}},{"v":92.07000000000001,"d":"£92.07"},{"v":198,"d":"£198.00"},{"v":13.810500000000005,"d":"£13.81"},{"v":29.700000000000006,"d":"£29.70"}]
[{"$f":"IF(F42<>\"\",(LARGE(A$7:A40,1)+1),\"\")","v":""}]
[{"$f":"IF(F43<>\"\",(LARGE(A$7:A41,1)+1),\"\")","v":16},"FR: Fire Alarm Reset Switch",{"v":2,"d":"2.00"},"no.",{"v":41.276374999999994,"d":"£41.28"},{"v":82.55274999999999,"d":"£82.55"},{"v":11.3925,"d":"£11.39"},{"v":24.5,"d":"£24.50"},{"$f":"IF(D43=0,\" \",(G43)*([1]Details!$C$4+[1]Details!$C$8))","v":{"v":1.7088750000000004,"d":"£1.71"}},{"$f":"IF(D43=0,\" \",(H43)*([1]Details!$C$6+[1]Details!$C$8))","v":{"v":3.6750000000000007,"d":"£3.68"}},{"v":22.785,"d":"£22.79"},{"v":49,"d":"£49.00"},{"v":3.4177500000000007,"d":"£3.42"},{"v":7.350000000000001,"d":"£7.35"}]
[{"$f":"IF(F44<>\"\",(LARGE(A$7:A42,1)+1),\"\")","v":""}]
[{"$f":"IF(F45<>\"\",(LARGE(A$7:A43,1)+1),\"\")","v":""},"Outlets"]
[{"$f":"IF(F46<>\"\",(LARGE(A$7:A44,1)+1),\"\")","v":""}]
[{"$f":"IF(F47<>\"\",(LARGE(A$7:A45,1)+1),\"\")","v":17},"Single Data Outlet",{"v":42,"d":"42.00"},"no.",{"$f":"G47+H47+J47+I47","v":{"v":25.0185375,"d":"£25.02"}},{"$f":"E47*C47","v":{"v":1050.778575,"d":"£1,050.78"}},{"v":6.9052500000000006,"d":"£6.91"},{"v":14.85,"d":"£14.85"},{"$f":"IF(D47=0,\" \",(G47)*([1]Details!$C$4+[1]Details!$C$8))","v":{"v":1.0357875000000003,"d":"£1.04"}},{"$f":"IF(D47=0,\" \",(H47)*([1]Details!$C$6+[1]Details!$C$8))","v":{"v":2.2275000000000005,"d":"£2.23"}},{"$f":"+G47*C47","v":{"v":290.0205,"d":"£290.02"}},{"$f":"+H47*C47","v":{"v":623.6999999999999,"d":"£623.70"}},{"$f":"IF(D47=0,\" \",(I47*C47))","v":{"v":43.50307500000001,"d":"£43.50"}},{"$f":"IF(D47=0,\" \",(J47*C47))","v":{"v":93.55500000000002,"d":"£93.56"}}]
[{"$f":"IF(F48<>\"\",(LARGE(A$7:A46,1)+1),\"\")","v":""}]
[{"$f":"IF(F49<>\"\",(LARGE(A$7:A47,1)+1),\"\")","v":18},"Twin Switched Socket Outlet",{"v":87,"d":"87.00"},"no.",{"v":26.3663375,"d":"£26.37"},{"v":2293.8713625,"d":"£2,293.87"},{"v":7.27725,"d":"£7.28"},{"v":15.65,"d":"£15.65"},{"$f":"IF(D49=0,\" \",(G49)*([1]Details!$C$4+[1]Details!$C$8))","v":{"v":1.0915875000000002,"d":"£1.09"}},{"$f":"IF(D49=0,\" \",(H49)*([1]Details!$C$6+[1]Details!$C$8))","v":{"v":2.3475000000000006,"d":"£2.35"}},{"v":633.12075,"d":"£633.12"},{"v":1361.55,"d":"£1,361.55"},{"v":94.96811250000002,"d":"£94.97"},{"v":204.23250000000004,"d":"£204.23"}]
[{"$f":"IF(F50<>\"\",(LARGE(A$7:A48,1)+1),\"\")","v":""}]
[{"$f":"IF(F51<>\"\",(LARGE(A$7:A49,1)+1),\"\")","v":19},"TV Quad Outlet",{"v":9,"d":"9.00"},"no.",{"v":39.591625,"d":"£39.59"},{"v":356.324625,"d":"£356.32"},{"v":10.9275,"d":"£10.93"},{"v":23.5,"d":"£23.50"},{"$f":"IF(D51=0,\" \",(G51)*([1]Details!$C$4+[1]Details!$C$8))","v":{"v":1.6391250000000002,"d":"£1.64"}},{"$f":"IF(D51=0,\" \",(H51)*([1]Details!$C$6+[1]Details!$C$8))","v":{"v":3.5250000000000004,"d":"£3.53"}},{"v":98.3475,"d":"£98.35"},{"v":211.5,"d":"£211.50"},{"v":14.752125000000001,"d":"£14.75"},{"v":31.725,"d":"£31.73"}]
[{"$f":"IF(F52<>\"\",(LARGE(A$7:A50,1)+1),\"\")","v":""}]
[{"$f":"IF(F53<>\"\",(LARGE(A$7:A51,1)+1),\"\")","v":20},"Single Socket Outlet",{"v":26,"d":"26.00"},"no.",{"v":27.7141375,"d":"£27.71"},{"v":720.567575,"d":"£720.57"},{"v":7.64925,"d":"£7.65"},{"v":16.45,"d":"£16.45"},{"$f":"IF(D53=0,\" \",(G53)*([1]Details!$C$4+[1]Details!$C$8))","v":{"v":1.1473875000000002,"d":"£1.15"}},{"$f":"IF(D53=0,\" \",(H53)*([1]Details!$C$6+[1]Details!$C$8))","v":{"v":2.4675000000000002,"d":"£2.47"}},{"v":198.8805,"d":"£198.88"},{"v":427.7,"d":"£427.70"},{"v":29.832075000000007,"d":"£29.83"},{"v":64.155,"d":"£64.16"}]
[{"$f":"IF(F54<>\"\",(LARGE(A$7:A52,1)+1),\"\")","v":""}]
[{"$f":"IF(F55<>\"\",(LARGE(A$7:A53,1)+1),\"\")","v":21},"TV & Data Outlet",{"v":9,"d":"9.00"},"no.",{"v":39.591625,"d":"£39.59"},{"v":356.324625,"d":"£356.32"},{"v":10.9275,"d":"£10.93"},{"v":23.5,"d":"£23.50"},{"$f":"IF(D55=0,\" \",(G55)*([1]Details!$C$4+[1]Details!$C$8))","v":{"v":1.6391250000000002,"d":"£1.64"}},{"$f":"IF(D55=0,\" \",(H55)*([1]Details!$C$6+[1]Details!$C$8))","v":{"v":3.5250000000000004,"d":"£3.53"}},{"v":98.3475,"d":"£98.35"},{"v":211.5,"d":"£211.50"},{"v":14.752125000000001,"d":"£14.75"},{"v":31.725,"d":"£31.73"}]
[{"$f":"IF(F56<>\"\",(LARGE(A$7:A54,1)+1),\"\")","v":""}]
[{"$f":"IF(F57<>\"\",(LARGE(A$7:A55,1)+1),\"\")","v":""},"Security & Safety / Socket, Panel"]
[{"$f":"IF(F58<>\"\",(LARGE(A$7:A56,1)+1),\"\")","v":""}]
[{"$f":"IF(F59<>\"\",(LARGE(A$7:A57,1)+1),\"\")","v":22},"Mains Heat Alarm",{"v":2,"d":"2.00"},"no.",{"$f":"G59+H59+J59+I59","v":{"v":245.13112500000003,"d":"£245.13"}},{"$f":"E59*C59","v":{"v":490.26225000000005,"d":"£490.26"}},{"v":67.6575,"d":"£67.66"},{"v":145.5,"d":"£145.50"},{"$f":"IF(D59=0,\" \",(G59)*([1]Details!$C$4+[1]Details!$C$8))","v":{"v":10.148625000000001,"d":"£10.15"}},{"$f":"IF(D59=0,\" \",(H59)*([1]Details!$C$6+[1]Details!$C$8))","v":{"v":21.825000000000003,"d":"£21.83"}},{"$f":"+G59*C59","v":{"v":135.315,"d":"£135.32"}},{"$f":"+H59*C59","v":{"v":291,"d":"£291.00"}},{"$f":"IF(D59=0,\" \",(I59*C59))","v":{"v":20.297250000000002,"d":"£20.30"}},{"$f":"IF(D59=0,\" \",(J59*C59))","v":{"v":43.650000000000006,"d":"£43.65"}}]
[{"$f":"IF(F60<>\"\",(LARGE(A$7:A58,1)+1),\"\")","v":""}]
[{"$f":"IF(F61<>\"\",(LARGE(A$7:A59,1)+1),\"\")","v":23},"Alarm (Type Not Specified)",{"v":26,"d":"26.00"},"no.",{"v":213.12087499999998,"d":"£213.12"},{"v":5541.14275,"d":"£5,541.14"},{"v":58.822500000000005,"d":"£58.82"},{"v":126.5,"d":"£126.50"},{"$f":"IF(D61=0,\" \",(G61)*([1]Details!$C$4+[1]Details!$C$8))","v":{"v":8.823375000000002,"d":"£8.82"}},{"$f":"IF(D61=0,\" \",(H61)*([1]Details!$C$6+[1]Details!$C$8))","v":{"v":18.975,"d":"£18.98"}},{"v":1529.3850000000002,"d":"£1,529.39"},{"v":3289,"d":"£3,289.00"},{"v":229.40775000000005,"d":"£229.41"},{"v":493.35,"d":"£493.35"}]
[{"$f":"IF(F62<>\"\",(LARGE(A$7:A60,1)+1),\"\")","v":""}]
[{"$f":"IF(F63<>\"\",(LARGE(A$7:A61,1)+1),\"\")","v":24},"Lighting Control Panel",{"v":2,"d":"2.00"},"no.",{"v":379.911125,"d":"£379.91"},{"v":759.82225,"d":"£759.82"},{"v":104.8575,"d":"£104.86"},{"v":225.5,"d":"£225.50"},{"$f":"IF(D63=0,\" \",(G63)*([1]Details!$C$4+[1]Details!$C$8))","v":{"v":15.728625000000003,"d":"£15.73"}},{"$f":"IF(D63=0,\" \",(H63)*([1]Details!$C$6+[1]Details!$C$8))","v":{"v":33.825,"d":"£33.83"}},{"v":209.715,"d":"£209.72"},{"v":451,"d":"£451.00"},{"v":31.457250000000005,"d":"£31.46"},{"v":67.65,"d":"£67.65"}]
[{"$f":"IF(F64<>\"\",(LARGE(A$7:A62,1)+1),\"\")","v":""}]
[{"$f":"IF(F65<>\"\",(LARGE(A$7:A63,1)+1),\"\")","v":25},"SE: Security Alarm Panel",{"v":1,"d":"1.00"},"no.",{"v":412.76375,"d":"£412.76"},{"v":412.76375,"d":"£412.76"},{"v":113.92500000000001,"d":"£113.93"},{"v":245,"d":"£245.00"},{"$f":"IF(D65=0,\" \",(G65)*([1]Details!$C$4+[1]Details!$C$8))","v":{"v":17.088750000000005,"d":"£17.09"}},{"$f":"IF(D65=0,\" \",(H65)*([1]Details!$C$6+[1]Details!$C$8))","v":{"v":36.75000000000001,"d":"£36.75"}},{"v":113.92500000000001,"d":"£113.93"},{"v":245,"d":"£245.00"},{"v":17.088750000000005,"d":"£17.09"},{"v":36.75000000000001,"d":"£36.75"}]
[{"$f":"IF(F66<>\"\",(LARGE(A$7:A64,1)+1),\"\")","v":""}]
[{"$f":"IF(F67<>\"\",(LARGE(A$7:A65,1)+1),\"\")","v":26},"Photovoltaics/Solar Panels (Occupied Area= 35 M2)",{"v":1,"d":"1.00"},"no.",{"v":277.98375000000004,"d":"£277.98"},{"v":277.98375000000004,"d":"£277.98"},{"v":76.72500000000001,"d":"£76.73"},{"v":165,"d":"£165.00"},{"$f":"IF(D67=0,\" \",(G67)*([1]Details!$C$4+[1]Details!$C$8))","v":{"v":11.508750000000003,"d":"£11.51"}},{"$f":"IF(D67=0,\" \",(H67)*([1]Details!$C$6+[1]Details!$C$8))","v":{"v":24.750000000000004,"d":"£24.75"}},{"v":76.72500000000001,"d":"£76.73"},{"v":165,"d":"£165.00"},{"v":11.508750000000003,"d":"£11.51"},{"v":24.750000000000004,"d":"£24.75"}]
[{"$f":"IF(F68<>\"\",(LARGE(A$7:A66,1)+1),\"\")","v":""}]
[{"$f":"IF(F69<>\"\",(LARGE(A$7:A67,1)+1),\"\")","v":27},"Switched Fused Connection Unit",{"v":15,"d":"15.00"},"no.",{"v":144.29883750000002,"d":"£144.30"},{"v":2164.4825625000003,"d":"£2,164.48"},{"v":39.82725000000001,"d":"£39.83"},{"v":85.65,"d":"£85.65"},{"$f":"IF(D69=0,\" \",(G69)*([1]Details!$C$4+[1]Details!$C$8))","v":{"v":5.974087500000002,"d":"£5.97"}},{"$f":"IF(D69=0,\" \",(H69)*([1]Details!$C$6+[1]Details!$C$8))","v":{"v":12.847500000000002,"d":"£12.85"}},{"v":597.40875,"d":"£597.41"},{"v":1284.75,"d":"£1,284.75"},{"v":89.61131250000004,"d":"£89.61"},{"v":192.71250000000003,"d":"£192.71"}]
[{"$f":"IF(F70<>\"\",(LARGE(A$7:A68,1)+1),\"\")","v":""}]
[{"$f":"IF(F71<>\"\",(LARGE(A$7:A69,1)+1),\"\")","v":28},"Dual Voltage Shaver Socket",{"v":6,"d":"6.00"},"no.",{"v":44.645875,"d":"£44.65"},{"v":267.87525,"d":"£267.88"},{"v":12.3225,"d":"£12.32"},{"v":26.5,"d":"£26.50"},{"$f":"IF(D71=0,\" \",(G71)*([1]Details!$C$4+[1]Details!$C$8))","v":{"v":1.8483750000000003,"d":"£1.85"}},{"$f":"IF(D71=0,\" \",(H71)*([1]Details!$C$6+[1]Details!$C$8))","v":{"v":3.9750000000000005,"d":"£3.98"}},{"v":73.935,"d":"£73.94"},{"v":159,"d":"£159.00"},{"v":11.090250000000001,"d":"£11.09"},{"v":23.85,"d":"£23.85"}]
[{"$f":"IF(F72<>\"\",(LARGE(A$7:A70,1)+1),\"\")","v":""}]
[{"$f":"IF(F73<>\"\",(LARGE(A$7:A71,1)+1),\"\")","v":29},"Main BT Incoming Point",{"v":1,"d":"1.00"},"no.",{"v":92.9139625,"d":"£92.91"},{"v":92.9139625,"d":"£92.91"},{"v":25.644750000000002,"d":"£25.64"},{"v":55.15,"d":"£55.15"},{"$f":"IF(D73=0,\" \",(G73)*([1]Details!$C$4+[1]Details!$C$8))","v":{"v":3.8467125000000006,"d":"£3.85"}},{"$f":"IF(D73=0,\" \",(H73)*([1]Details!$C$6+[1]Details!$C$8))","v":{"v":8.2725,"d":"£8.27"}},{"v":25.644750000000002,"d":"£25.64"},{"v":55.15,"d":"£55.15"},{"v":3.8467125000000006,"d":"£3.85"},{"v":8.2725,"d":"£8.27"}]
[{"$f":"IF(F74<>\"\",(LARGE(A$7:A72,1)+1),\"\")","v":""}]
[{"$f":"IF(F75<>\"\",(LARGE(A$7:A73,1)+1),\"\")","v":30},"Consumer Unit",{"v":1,"d":"1.00"},"no.",{"v":1457.30875,"d":"£1,457.31"},{"v":1457.30875,"d":"£1,457.31"},{"v":402.225,"d":"£402.23"},{"v":865,"d":"£865.00"},{"$f":"IF(D75=0,\" \",(G75)*([1]Details!$C$4+[1]Details!$C$8))","v":{"v":60.33375000000001,"d":"£60.33"}},{"$f":"IF(D75=0,\" \",(H75)*([1]Details!$C$6+[1]Details!$C$8))","v":{"v":129.75000000000003,"d":"£129.75"}},{"v":402.225,"d":"£402.23"},{"v":865,"d":"£865.00"},{"v":60.33375000000001,"d":"£60.33"},{"v":129.75000000000003,"d":"£129.75"}]
[{"$f":"IF(F76<>\"\",(LARGE(A$7:A74,1)+1),\"\")","v":""}]
[{"$f":"IF(F77<>\"\",(LARGE(A$7:A75,1)+1),\"\")","v":31},"TVA: TV Distribution Amplifier",{"v":1,"d":"1.00"},"no.",{"v":951.8837500000001,"d":"£951.88"},{"v":951.8837500000001,"d":"£951.88"},{"v":262.725,"d":"£262.73"},{"v":565,"d":"£565.00"},{"$f":"IF(D77=0,\" \",(G77)*([1]Details!$C$4+[1]Details!$C$8))","v":{"v":39.40875000000001,"d":"£39.41"}},{"$f":"IF(D77=0,\" \",(H77)*([1]Details!$C$6+[1]Details!$C$8))","v":{"v":84.75000000000001,"d":"£84.75"}},{"v":262.725,"d":"£262.73"},{"v":565,"d":"£565.00"},{"v":39.40875000000001,"d":"£39.41"},{"v":84.75000000000001,"d":"£84.75"}]
[{"$f":"IF(F78<>\"\",(LARGE(A$7:A76,1)+1),\"\")","v":""}]
[{"$f":"IF(F79<>\"\",(LARGE(A$7:A77,1)+1),\"\")","v":32},"EDD: Energy Display Device",{"v":1,"d":"1.00"},"no.",{"v":434.6655,"d":"£434.67"},{"v":434.6655,"d":"£434.67"},{"v":119.97000000000001,"d":"£119.97"},{"v":258,"d":"£258.00"},{"$f":"IF(D79=0,\" \",(G79)*([1]Details!$C$4+[1]Details!$C$8))","v":{"v":17.995500000000003,"d":"£18.00"}},{"$f":"IF(D79=0,\" \",(H79)*([1]Details!$C$6+[1]Details!$C$8))","v":{"v":38.7,"d":"£38.70"}},{"v":119.97000000000001,"d":"£119.97"},{"v":258,"d":"£258.00"},{"v":17.995500000000003,"d":"£18.00"},{"v":38.7,"d":"£38.70"}]
[{"$f":"IF(F80<>\"\",(LARGE(A$7:A78,1)+1),\"\")","v":""}]
[{"$f":"IF(F81<>\"\",(LARGE(A$7:A79,1)+1),\"\")","v":33},"DB1; Board\r\nSize & Rating: 100A-20 Way SP&N\r\nControl: 100A Isolator",{"v":1,"d":"1.00"},"no.",{"v":64.862875,"d":"£64.86"},{"v":64.862875,"d":"£64.86"},{"v":17.9025,"d":"£17.90"},{"v":38.5,"d":"£38.50"},{"$f":"IF(D81=0,\" \",(G81)*([1]Details!$C$4+[1]Details!$C$8))","v":{"v":2.6853750000000005,"d":"£2.69"}},{"$f":"IF(D81=0,\" \",(H81)*([1]Details!$C$6+[1]Details!$C$8))","v":{"v":5.775000000000001,"d":"£5.78"}},{"v":17.9025,"d":"£17.90"},{"v":38.5,"d":"£38.50"},{"v":2.6853750000000005,"d":"£2.69"},{"v":5.775000000000001,"d":"£5.78"}]
[{"$f":"IF(F82<>\"\",(LARGE(A$7:A80,1)+1),\"\")","v":""}]
[{"$f":"IF(F83<>\"\",(LARGE(A$7:A81,1)+1),\"\")","v":""},"Allowance"]
[{"$f":"IF(F84<>\"\",(LARGE(A$7:A82,1)+1),\"\")","v":""}]
[{"$f":"IF(F85<>\"\",(LARGE(A$7:A83,1)+1),\"\")","v":34},"Wiring & Conduits",450.34,"m",{"$f":"G85+H85+J85+I85","v":{"v":11.5405375,"d":"£11.54"}},{"$f":"E85*C85","v":{"v":5197.16565775,"d":"£5,197.17"}},{"v":3.18525,"d":"£3.19"},{"v":6.85,"d":"£6.85"},{"$f":"IF(D85=0,\" \",(G85)*([1]Details!$C$4+[1]Details!$C$8))","v":{"v":0.47778750000000003,"d":"£0.48"}},{"$f":"IF(D85=0,\" \",(H85)*([1]Details!$C$6+[1]Details!$C$8))","v":{"v":1.0275,"d":"£1.03"}},{"$f":"+G85*C85","v":{"v":1434.445485,"d":"£1,434.45"}},{"$f":"+H85*C85","v":{"v":3084.8289999999997,"d":"£3,084.83"}},{"$f":"IF(D85=0,\" \",(I85*C85))","v":{"v":215.16682275,"d":"£215.17"}},{"$f":"IF(D85=0,\" \",(J85*C85))","v":{"v":462.72435,"d":"£462.72"}}]
[{"$f":"IF(F86<>\"\",(LARGE(A$7:A84,1)+1),\"\")","v":""}]
[{"$f":"IF(F87<>\"\",(LARGE(A$7:A85,1)+1),\"\")","v":35},"Allowance For Wiring & Conduits",504.58,"m2",{"v":21.059375,"d":"£21.06"},{"v":10626.1394375,"d":"£10,626.14"},{"v":5.8125,"d":"£5.81"},{"v":12.5,"d":"£12.50"},{"$f":"IF(D87=0,\" \",(G87)*([1]Details!$C$4+[1]Details!$C$8))","v":{"v":0.8718750000000002,"d":"£0.87"}},{"$f":"IF(D87=0,\" \",(H87)*([1]Details!$C$6+[1]Details!$C$8))","v":{"v":1.8750000000000002,"d":"£1.88"}},{"v":2932.8712499999997,"d":"£2,932.87"},{"v":6307.25,"d":"£6,307.25"},{"v":439.9306875000001,"d":"£439.93"},{"v":946.0875000000001,"d":"£946.09"}]
[{"$nulls":9},{"$f":"IF(D88=0,\" \",(G88+H88)*(Details!$C$4+Details!$C$6))","v":" "},{"$nulls":5},"Check"]
[{"$nulls":4},"Sub Total",{"$f":"SUM(F8:F87)","v":{"v":92349.16522524999,"d":"£92,349.17"}},{"$nulls":3},{"$f":"IF(D89=0,\" \",(G89+H89)*(Details!$C$4+Details!$C$6))","v":" "},{"$f":"SUM(K8:K87)","v":{"v":25488.862934999994,"d":"£25,488.86"}},{"$f":"SUM(L8:L87)","v":{"v":54814.75899999999,"d":"£54,814.76"}},{"$f":"SUM(M8:M87)","v":{"v":3823.3294402500014,"d":"£3,823.33"}},{"$f":"SUM(N8:N87)","v":{"v":8222.21385,"d":"£8,222.21"}},null,{"$f":"+F89-K89-L89-N89-M89","v":{"v":0,"d":"£0.00"}}]
[{"$f":"IF(F90<>\"\",(LARGE(A$7:A89,1)+1),\"\")","v":""},{"$nulls":8},{"$f":"IF(D90=0,\" \",(G90+H90)*(Details!$C$4+Details!$C$6))","v":" "}]

{"sheet":"Mechanical & Plumbing","index":17,"n_rows":88,"n_cols":16,"rows_kept":88,"merged":[[4,6,4,9],[4,10,4,13],[19,14,19,15],[20,14,20,15]]}
[]
[null,{"$f":"+'Qual, Excl & Assum'!B2","v":"PROJECT NAME: SQUAIRRELS LEAP GUILDFORD ROAD, CHERTSEY KT16 9RU"}]
[null,{"$f":"+'Qual, Excl & Assum'!B3","v":"DATE: 25TH NOVEMBER 2025"}]
[]
[null,"Mechanical",{"$nulls":4},"RATES",{"$nulls":3},"TOTALS"]
[]
[null,"Description","Quantity","Unit","Rate","Total","Labor","Materials","L Markup","M Markup","Labor","Materials","L Markup","M Markup"]
[{"$nulls":13},{"$f":"IF(D8=0,\" \",(J8*C8))","v":" "}]
[null,"ALLOWANCES"]
[]
[1,"Allowances For Mechanical Work (500 m2)",{"v":1,"d":"1.00"},"item",{"$f":"G11+H11+J11+I11","v":{"v":4801.5375,"d":"£4,801.54"}},{"$f":"E11*C11","v":{"v":4801.5375,"d":"£4,801.54"}},{"v":1325.25,"d":"£1,325.25"},{"v":2850,"d":"£2,850.00"},{"$f":"IF(D11=0,\" \",(G11)*([1]Details!$C$4+[1]Details!$C$8))","v":{"v":198.78750000000002,"d":"£198.79"}},{"$f":"IF(D11=0,\" \",(H11)*([1]Details!$C$6+[1]Details!$C$8))","v":{"v":427.50000000000006,"d":"£427.50"}},{"$f":"+G11*C11","v":{"v":1325.25,"d":"£1,325.25"}},{"$f":"+H11*C11","v":{"v":2850,"d":"£2,850.00"}},{"$f":"IF(D11=0,\" \",(I11*C11))","v":{"v":198.78750000000002,"d":"£198.79"}},{"$f":"IF(D11=0,\" \",(J11*C11))","v":{"v":427.50000000000006,"d":"£427.50"}}]
[]
[null,"HEATING SYSTEM"]
[]
[{"$f":"IF(F15<>\"\",(LARGE(A$7:A14,1)+1),\"\")","v":2},"Under Floor Heating System",245.02,"m2",{"$f":"G15+H15+J15+I15","v":{"v":31.167875,"d":"£31.17"}},{"$f":"E15*C15","v":{"v":7636.7527325,"d":"£7,636.75"}},{"v":8.602500000000001,"d":"£8.60"},{"v":18.5,"d":"£18.50"},{"$f":"IF(D15=0,\" \",(G15)*([1]Details!$C$4+[1]Details!$C$8))","v":{"v":1.2903750000000003,"d":"£1.29"}},{"$f":"IF(D15=0,\" \",(H15)*([1]Details!$C$6+[1]Details!$C$8))","v":{"v":2.7750000000000004,"d":"£2.78"}},{"$f":"+G15*C15","v":{"v":2107.7845500000003,"d":"£2,107.78"}},{"$f":"+H15*C15","v":{"v":4532.87,"d":"£4,532.87"}},{"$f":"IF(D15=0,\" \",(I15*C15))","v":{"v":316.16768250000007,"d":"£316.17"}},{"$f":"IF(D15=0,\" \",(J15*C15))","v":{"v":679.9305000000002,"d":"£679.93"}}]
[{"$f":"IF(F16<>\"\",(LARGE(A$7:A15,1)+1),\"\")","v":""}]
[{"$f":"IF(F17<>\"\",(LARGE(A$7:A16,1)+1),\"\")","v":""}]
[{"$f":"IF(F18<>\"\",(LARGE(A$7:A17,1)+1),\"\")","v":""},"PLUMBING"]
[{"$f":"IF(F19<>\"\",(LARGE(A$7:A18,1)+1),\"\")","v":""}]
[{"$f":"IF(F20<>\"\",(LARGE(A$7:A19,1)+1),\"\")","v":""},"WASTE SERVICES"]
[{"$f":"IF(F21<>\"\",(LARGE(A$7:A20,1)+1),\"\")","v":""}]
[{"$f":"IF(F22<>\"\",(LARGE(A$7:A21,1)+1),\"\")","v":3},"32mm Soil Water Pipe",2.03,"m",{"$f":"G22+H22+J22+I22","v":{"v":29.483125000000005,"d":"£29.48"}},{"$f":"E22*C22","v":{"v":59.85074375000001,"d":"£59.85"}},{"v":8.137500000000001,"d":"£8.14"},{"v":17.5,"d":"£17.50"},{"$f":"IF(D22=0,\" \",(G22)*([1]Details!$C$4+[1]Details!$C$8))","v":{"v":1.2206250000000003,"d":"£1.22"}},{"$f":"IF(D22=0,\" \",(H22)*([1]Details!$C$6+[1]Details!$C$8))","v":{"v":2.6250000000000004,"d":"£2.63"}},{"$f":"+G22*C22","v":{"v":16.519125,"d":"£16.52"}},{"$f":"+H22*C22","v":{"v":35.525,"d":"£35.53"}},{"$f":"IF(D22=0,\" \",(I22*C22))","v":{"v":2.4778687500000003,"d":"£2.48"}},{"$f":"IF(D22=0,\" \",(J22*C22))","v":{"v":5.32875,"d":"£5.33"}}]
[{"$f":"IF(F23<>\"\",(LARGE(A$7:A22,1)+1),\"\")","v":""}]
[{"$f":"IF(F24<>\"\",(LARGE(A$7:A23,1)+1),\"\")","v":4},"40mm Soil Water Pipe",{"v":44,"d":"44.00"},"m",{"v":32.852625,"d":"£32.85"},{"v":1445.5155000000002,"d":"£1,445.52"},{"v":9.0675,"d":"£9.07"},{"v":19.5,"d":"£19.50"},{"$f":"IF(D24=0,\" \",(G24)*([1]Details!$C$4+[1]Details!$C$8))","v":{"v":1.3601250000000003,"d":"£1.36"}},{"$f":"IF(D24=0,\" \",(H24)*([1]Details!$C$6+[1]Details!$C$8))","v":{"v":2.9250000000000003,"d":"£2.93"}},{"v":398.97,"d":"£398.97"},{"v":858,"d":"£858.00"},{"v":59.84550000000001,"d":"£59.85"},{"v":128.70000000000002,"d":"£128.70"}]
[{"$f":"IF(F25<>\"\",(LARGE(A$7:A24,1)+1),\"\")","v":""}]
[{"$f":"IF(F26<>\"\",(LARGE(A$7:A25,1)+1),\"\")","v":5},"50mm Sanitary Pipe",{"v":114,"d":"114.00"},"m",{"v":36.222125000000005,"d":"£36.22"},{"v":4129.322250000001,"d":"£4,129.32"},{"v":9.9975,"d":"£10.00"},{"v":21.5,"d":"£21.50"},{"$f":"IF(D26=0,\" \",(G26)*([1]Details!$C$4+[1]Details!$C$8))","v":{"v":1.4996250000000002,"d":"£1.50"}},{"$f":"IF(D26=0,\" \",(H26)*([1]Details!$C$6+[1]Details!$C$8))","v":{"v":3.2250000000000005,"d":"£3.23"}},{"v":1139.7150000000001,"d":"£1,139.72"},{"v":2451,"d":"£2,451.00"},{"v":170.95725000000002,"d":"£170.96"},{"v":367.65000000000003,"d":"£367.65"}]
[{"$f":"IF(F27<>\"\",(LARGE(A$7:A26,1)+1),\"\")","v":""}]
[{"$f":"IF(F28<>\"\",(LARGE(A$7:A27,1)+1),\"\")","v":6},"110mm Waste Pipe",{"v":51,"d":"51.00"},"m",{"v":46.330625000000005,"d":"£46.33"},{"v":2362.861875,"d":"£2,362.86"},{"v":12.787500000000001,"d":"£12.79"},{"v":27.5,"d":"£27.50"},{"$f":"IF(D28=0,\" \",(G28)*([1]Details!$C$4+[1]Details!$C$8))","v":{"v":1.9181250000000005,"d":"£1.92"}},{"$f":"IF(D28=0,\" \",(H28)*([1]Details!$C$6+[1]Details!$C$8))","v":{"v":4.125000000000001,"d":"£4.13"}},{"v":652.1625,"d":"£652.16"},{"v":1402.5,"d":"£1,402.50"},{"v":97.82437500000003,"d":"£97.82"},{"v":210.37500000000006,"d":"£210.38"}]
[{"$f":"IF(F29<>\"\",(LARGE(A$7:A28,1)+1),\"\")","v":""}]
[{"$f":"IF(F30<>\"\",(LARGE(A$7:A29,1)+1),\"\")","v":""},"FITTINGS"]
[{"$f":"IF(F31<>\"\",(LARGE(A$7:A30,1)+1),\"\")","v":""}]
[{"$f":"IF(F32<>\"\",(LARGE(A$7:A31,1)+1),\"\")","v":7},"110mm 45 Deg Radius Elbow",{"v":14,"d":"14.00"},"no.",{"$f":"G32+H32+J32+I32","v":{"v":115.405375,"d":"£115.41"}},{"$f":"E32*C32","v":{"v":1615.67525,"d":"£1,615.68"}},{"v":31.852500000000003,"d":"£31.85"},{"v":68.5,"d":"£68.50"},{"$f":"IF(D32=0,\" \",(G32)*([1]Details!$C$4+[1]Details!$C$8))","v":{"v":4.777875000000001,"d":"£4.78"}},{"$f":"IF(D32=0,\" \",(H32)*([1]Details!$C$6+[1]Details!$C$8))","v":{"v":10.275000000000002,"d":"£10.28"}},{"$f":"+G32*C32","v":{"v":445.93500000000006,"d":"£445.94"}},{"$f":"+H32*C32","v":{"v":959,"d":"£959.00"}},{"$f":"IF(D32=0,\" \",(I32*C32))","v":{"v":66.89025000000001,"d":"£66.89"}},{"$f":"IF(D32=0,\" \",(J32*C32))","v":{"v":143.85000000000002,"d":"£143.85"}}]
[{"$f":"IF(F33<>\"\",(LARGE(A$7:A32,1)+1),\"\")","v":""}]
[{"$f":"IF(F34<>\"\",(LARGE(A$7:A33,1)+1),\"\")","v":8},"50mm 45 Deg Radius Elbow",{"v":19,"d":"19.00"},"no.",{"v":105.296875,"d":"£105.30"},{"v":2000.640625,"d":"£2,000.64"},{"v":29.0625,"d":"£29.06"},{"v":62.5,"d":"£62.50"},{"$f":"IF(D34=0,\" \",(G34)*([1]Details!$C$4+[1]Details!$C$8))","v":{"v":4.359375000000001,"d":"£4.36"}},{"$f":"IF(D34=0,\" \",(H34)*([1]Details!$C$6+[1]Details!$C$8))","v":{"v":9.375000000000002,"d":"£9.38"}},{"v":552.1875,"d":"£552.19"},{"v":1187.5,"d":"£1,187.50"},{"v":82.82812500000001,"d":"£82.83"},{"v":178.12500000000003,"d":"£178.13"}]
[{"$f":"IF(F35<>\"\",(LARGE(A$7:A34,1)+1),\"\")","v":""}]
[{"$f":"IF(F36<>\"\",(LARGE(A$7:A35,1)+1),\"\")","v":9},"40mm 45 Deg Radius Elbow",{"v":24,"d":"24.00"},"no.",{"v":103.61212499999999,"d":"£103.61"},{"v":2486.691,"d":"£2,486.69"},{"v":28.5975,"d":"£28.60"},{"v":61.5,"d":"£61.50"},{"$f":"IF(D36=0,\" \",(G36)*([1]Details!$C$4+[1]Details!$C$8))","v":{"v":4.289625000000001,"d":"£4.29"}},{"$f":"IF(D36=0,\" \",(H36)*([1]Details!$C$6+[1]Details!$C$8))","v":{"v":9.225000000000001,"d":"£9.23"}},{"v":686.34,"d":"£686.34"},{"v":1476,"d":"£1,476.00"},{"v":102.95100000000002,"d":"£102.95"},{"v":221.40000000000003,"d":"£221.40"}]
[{"$f":"IF(F37<>\"\",(LARGE(A$7:A36,1)+1),\"\")","v":""}]
[{"$f":"IF(F38<>\"\",(LARGE(A$7:A37,1)+1),\"\")","v":10},"32mm 45 Degree Radius Elbow",{"v":1,"d":"1.00"},"no.",{"v":98.55787500000001,"d":"£98.56"},{"v":98.55787500000001,"d":"£98.56"},{"v":27.2025,"d":"£27.20"},{"v":58.5,"d":"£58.50"},{"$f":"IF(D38=0,\" \",(G38)*([1]Details!$C$4+[1]Details!$C$8))","v":{"v":4.080375000000001,"d":"£4.08"}},{"$f":"IF(D38=0,\" \",(H38)*([1]Details!$C$6+[1]Details!$C$8))","v":{"v":8.775000000000002,"d":"£8.78"}},{"v":27.2025,"d":"£27.20"},{"v":58.5,"d":"£58.50"},{"v":4.080375000000001,"d":"£4.08"},{"v":8.775000000000002,"d":"£8.78"}]
[{"$f":"IF(F39<>\"\",(LARGE(A$7:A38,1)+1),\"\")","v":""}]
[{"$f":"IF(F40<>\"\",(LARGE(A$7:A39,1)+1),\"\")","v":11},"50mm Wye ",{"v":19,"d":"19.00"},"no.",{"v":127.198625,"d":"£127.20"},{"v":2416.7738750000003,"d":"£2,416.77"},{"v":35.1075,"d":"£35.11"},{"v":75.5,"d":"£75.50"},{"$f":"IF(D40=0,\" \",(G40)*([1]Details!$C$4+[1]Details!$C$8))","v":{"v":5.266125000000001,"d":"£5.27"}},{"$f":"IF(D40=0,\" \",(H40)*([1]Details!$C$6+[1]Details!$C$8))","v":{"v":11.325000000000001,"d":"£11.33"}},{"v":667.0425,"d":"£667.04"},{"v":1434.5,"d":"£1,434.50"},{"v":100.05637500000002,"d":"£100.06"},{"v":215.175,"d":"£215.18"}]
[{"$f":"IF(F41<>\"\",(LARGE(A$7:A40,1)+1),\"\")","v":""}]
[{"$f":"IF(F42<>\"\",(LARGE(A$7:A41,1)+1),\"\")","v":""},"DOMESTIC SERVICES"]
[{"$f":"IF(F43<>\"\",(LARGE(A$7:A42,1)+1),\"\")","v":""}]
[{"$f":"IF(F44<>\"\",(LARGE(A$7:A43,1)+1),\"\")","v":12},"32mm Cold Water Pipe",{"v":15.9,"d":"15.90"},"m",{"$f":"G44+H44+J44+I44","v":{"v":31.167875,"d":"£31.17"}},{"$f":"E44*C44","v":{"v":495.5692125,"d":"£495.57"}},{"v":8.602500000000001,"d":"£8.60"},{"v":18.5,"d":"£18.50"},{"$f":"IF(D44=0,\" \",(G44)*([1]Details!$C$4+[1]Details!$C$8))","v":{"v":1.2903750000000003,"d":"£1.29"}},{"$f":"IF(D44=0,\" \",(H44)*([1]Details!$C$6+[1]Details!$C$8))","v":{"v":2.7750000000000004,"d":"£2.78"}},{"$f":"+G44*C44","v":{"v":136.77975,"d":"£136.78"}},{"$f":"+H44*C44","v":{"v":294.15000000000003,"d":"£294.15"}},{"$f":"IF(D44=0,\" \",(I44*C44))","v":{"v":20.516962500000005,"d":"£20.52"}},{"$f":"IF(D44=0,\" \",(J44*C44))","v":{"v":44.12250000000001,"d":"£44.12"}}]
[{"$f":"IF(F45<>\"\",(LARGE(A$7:A44,1)+1),\"\")","v":""}]
[{"$f":"IF(F46<>\"\",(LARGE(A$7:A45,1)+1),\"\")","v":13},"50mm Cold Water Pipe",88.19,"m",{"v":37.906875,"d":"£37.91"},{"v":3343.00730625,"d":"£3,343.01"},{"v":10.4625,"d":"£10.46"},{"v":22.5,"d":"£22.50"},{"$f":"IF(D46=0,\" \",(G46)*([1]Details!$C$4+[1]Details!$C$8))","v":{"v":1.5693750000000002,"d":"£1.57"}},{"$f":"IF(D46=0,\" \",(H46)*([1]Details!$C$6+[1]Details!$C$8))","v":{"v":3.3750000000000004,"d":"£3.38"}},{"v":922.687875,"d":"£922.69"},{"v":1984.2749999999999,"d":"£1,984.28"},{"v":138.40318125000002,"d":"£138.40"},{"v":297.64125,"d":"£297.64"}]
[{"$f":"IF(F47<>\"\",(LARGE(A$7:A46,1)+1),\"\")","v":""}]
[{"$f":"IF(F48<>\"\",(LARGE(A$7:A47,1)+1),\"\")","v":14},"110mm Cold Water Pipe",11.42,"m",{"v":48.015375,"d":"£48.02"},{"v":548.3355825,"d":"£548.34"},{"v":13.252500000000001,"d":"£13.25"},{"v":28.5,"d":"£28.50"},{"$f":"IF(D48=0,\" \",(G48)*([1]Details!$C$4+[1]Details!$C$8))","v":{"v":1.9878750000000005,"d":"£1.99"}},{"$f":"IF(D48=0,\" \",(H48)*([1]Details!$C$6+[1]Details!$C$8))","v":{"v":4.275,"d":"£4.28"}},{"v":151.34355000000002,"d":"£151.34"},{"v":325.46999999999997,"d":"£325.47"},{"v":22.701532500000006,"d":"£22.70"},{"v":48.8205,"d":"£48.82"}]
[{"$f":"IF(F49<>\"\",(LARGE(A$7:A48,1)+1),\"\")","v":""}]
[{"$f":"IF(F50<>\"\",(LARGE(A$7:A49,1)+1),\"\")","v":15},"40mm Cold Water Pipe",11.88,"m",{"v":34.537375000000004,"d":"£34.54"},{"v":410.3040150000001,"d":"£410.30"},{"v":9.5325,"d":"£9.53"},{"v":20.5,"d":"£20.50"},{"$f":"IF(D50=0,\" \",(G50)*([1]Details!$C$4+[1]Details!$C$8))","v":{"v":1.4298750000000002,"d":"£1.43"}},{"$f":"IF(D50=0,\" \",(H50)*([1]Details!$C$6+[1]Details!$C$8))","v":{"v":3.0750000000000006,"d":"£3.08"}},{"v":113.24610000000001,"d":"£113.25"},{"v":243.54000000000002,"d":"£243.54"},{"v":16.986915000000003,"d":"£16.99"},{"v":36.53100000000001,"d":"£36.53"}]
[{"$f":"IF(F51<>\"\",(LARGE(A$7:A50,1)+1),\"\")","v":""}]
[{"$f":"IF(F52<>\"\",(LARGE(A$7:A51,1)+1),\"\")","v":16},"32mm Hot Water Pipe",14.37,"m",{"v":31.167875,"d":"£31.17"},{"v":447.88236374999997,"d":"£447.88"},{"v":8.602500000000001,"d":"£8.60"},{"v":18.5,"d":"£18.50"},{"$f":"IF(D52=0,\" \",(G52)*([1]Details!$C$4+[1]Details!$C$8))","v":{"v":1.2903750000000003,"d":"£1.29"}},{"$f":"IF(D52=0,\" \",(H52)*([1]Details!$C$6+[1]Details!$C$8))","v":{"v":2.7750000000000004,"d":"£2.78"}},{"v":123.617925,"d":"£123.62"},{"v":265.84499999999997,"d":"£265.85"},{"v":18.542688750000003,"d":"£18.54"},{"v":39.87675,"d":"£39.88"}]
[{"$f":"IF(F53<>\"\",(LARGE(A$7:A52,1)+1),\"\")","v":""}]
[{"$f":"IF(F54<>\"\",(LARGE(A$7:A53,1)+1),\"\")","v":17},"50mm Hot Water Pipe",74.61,"m",{"v":37.906875,"d":"£37.91"},{"v":2828.23194375,"d":"£2,828.23"},{"v":10.4625,"d":"£10.46"},{"v":22.5,"d":"£22.50"},{"$f":"IF(D54=0,\" \",(G54)*([1]Details!$C$4+[1]Details!$C$8))","v":{"v":1.5693750000000002,"d":"£1.57"}},{"$f":"IF(D54=0,\" \",(H54)*([1]Details!$C$6+[1]Details!$C$8))","v":{"v":3.3750000000000004,"d":"£3.38"}},{"v":780.607125,"d":"£780.61"},{"v":1678.725,"d":"£1,678.73"},{"v":117.09106875000002,"d":"£117.09"},{"v":251.80875000000003,"d":"£251.81"}]
[{"$f":"IF(F55<>\"\",(LARGE(A$7:A54,1)+1),\"\")","v":""}]
[{"$f":"IF(F56<>\"\",(LARGE(A$7:A55,1)+1),\"\")","v":18},"40mm Hot Water Pipe",14.12,"m",{"v":34.537375000000004,"d":"£34.54"},{"v":487.66773500000005,"d":"£487.67"},{"v":9.5325,"d":"£9.53"},{"v":20.5,"d":"£20.50"},{"$f":"IF(D56=0,\" \",(G56)*([1]Details!$C$4+[1]Details!$C$8))","v":{"v":1.4298750000000002,"d":"£1.43"}},{"$f":"IF(D56=0,\" \",(H56)*([1]Details!$C$6+[1]Details!$C$8))","v":{"v":3.0750000000000006,"d":"£3.08"}},{"v":134.59890000000001,"d":"£134.60"},{"v":289.46,"d":"£289.46"},{"v":20.189835000000002,"d":"£20.19"},{"v":43.419000000000004,"d":"£43.42"}]
[{"$f":"IF(F57<>\"\",(LARGE(A$7:A56,1)+1),\"\")","v":""}]
[{"$f":"IF(F58<>\"\",(LARGE(A$7:A57,1)+1),\"\")","v":""},"FITTINGS"]
[{"$f":"IF(F59<>\"\",(LARGE(A$7:A58,1)+1),\"\")","v":""}]
[{"$f":"IF(F60<>\"\",(LARGE(A$7:A59,1)+1),\"\")","v":19},"40mm 90 Degree Radius Elbow",{"v":6,"d":"6.00"},"no.",{"$f":"G60+H60+J60+I60","v":{"v":105.296875,"d":"£105.30"}},{"$f":"E60*C60","v":{"v":631.78125,"d":"£631.78"}},{"v":29.0625,"d":"£29.06"},{"v":62.5,"d":"£62.50"},{"$f":"IF(D60=0,\" \",(G60)*([1]Details!$C$4+[1]Details!$C$8))","v":{"v":4.359375000000001,"d":"£4.36"}},{"$f":"IF(D60=0,\" \",(H60)*([1]Details!$C$6+[1]Details!$C$8))","v":{"v":9.375000000000002,"d":"£9.38"}},{"$f":"+G60*C60","v":{"v":174.375,"d":"£174.38"}},{"$f":"+H60*C60","v":{"v":375,"d":"£375.00"}},{"$f":"IF(D60=0,\" \",(I60*C60))","v":{"v":26.156250000000007,"d":"£26.16"}},{"$f":"IF(D60=0,\" \",(J60*C60))","v":{"v":56.250000000000014,"d":"£56.25"}}]
[{"$f":"IF(F61<>\"\",(LARGE(A$7:A60,1)+1),\"\")","v":""}]
[{"$f":"IF(F62<>\"\",(LARGE(A$7:A61,1)+1),\"\")","v":20},"110mm 90 Degree Radius Elbow",{"v":8,"d":"8.00"},"no.",{"v":117.090125,"d":"£117.09"},{"v":936.721,"d":"£936.72"},{"v":32.3175,"d":"£32.32"},{"v":69.5,"d":"£69.50"},{"$f":"IF(D62=0,\" \",(G62)*([1]Details!$C$4+[1]Details!$C$8))","v":{"v":4.847625000000001,"d":"£4.85"}},{"$f":"IF(D62=0,\" \",(H62)*([1]Details!$C$6+[1]Details!$C$8))","v":{"v":10.425,"d":"£10.43"}},{"v":258.54,"d":"£258.54"},{"v":556,"d":"£556.00"},{"v":38.781000000000006,"d":"£38.78"},{"v":83.4,"d":"£83.40"}]
[{"$f":"IF(F63<>\"\",(LARGE(A$7:A62,1)+1),\"\")","v":""}]
[{"$f":"IF(F64<>\"\",(LARGE(A$7:A63,1)+1),\"\")","v":21},"50mm 90 Degree Radius Elbow",{"v":17,"d":"17.00"},"no.",{"v":106.98162500000001,"d":"£106.98"},{"v":1818.687625,"d":"£1,818.69"},{"v":29.5275,"d":"£29.53"},{"v":63.5,"d":"£63.50"},{"$f":"IF(D64=0,\" \",(G64)*([1]Details!$C$4+[1]Details!$C$8))","v":{"v":4.429125000000001,"d":"£4.43"}},{"$f":"IF(D64=0,\" \",(H64)*([1]Details!$C$6+[1]Details!$C$8))","v":{"v":9.525000000000002,"d":"£9.53"}},{"v":501.9675,"d":"£501.97"},{"v":1079.5,"d":"£1,079.50"},{"v":75.29512500000001,"d":"£75.30"},{"v":161.92500000000004,"d":"£161.93"}]
[{"$f":"IF(F65<>\"\",(LARGE(A$7:A64,1)+1),\"\")","v":""}]
[{"$f":"IF(F66<>\"\",(LARGE(A$7:A65,1)+1),\"\")","v":22},"32mm 90 Degree Radius Elbow",{"v":32,"d":"32.00"},"no.",{"v":100.242625,"d":"£100.24"},{"v":3207.764,"d":"£3,207.76"},{"v":27.6675,"d":"£27.67"},{"v":59.5,"d":"£59.50"},{"$f":"IF(D66=0,\" \",(G66)*([1]Details!$C$4+[1]Details!$C$8))","v":{"v":4.150125000000001,"d":"£4.15"}},{"$f":"IF(D66=0,\" \",(H66)*([1]Details!$C$6+[1]Details!$C$8))","v":{"v":8.925,"d":"£8.93"}},{"v":885.36,"d":"£885.36"},{"v":1904,"d":"£1,904.00"},{"v":132.80400000000003,"d":"£132.80"},{"v":285.6,"d":"£285.60"}]
[{"$f":"IF(F67<>\"\",(LARGE(A$7:A66,1)+1),\"\")","v":""}]
[{"$f":"IF(F68<>\"\",(LARGE(A$7:A67,1)+1),\"\")","v":23},"40mm 90 Degree Radius Elbow",{"v":6,"d":"6.00"},"no.",{"v":105.296875,"d":"£105.30"},{"v":631.78125,"d":"£631.78"},{"v":29.0625,"d":"£29.06"},{"v":62.5,"d":"£62.50"},{"$f":"IF(D68=0,\" \",(G68)*([1]Details!$C$4+[1]Details!$C$8))","v":{"v":4.359375000000001,"d":"£4.36"}},{"$f":"IF(D68=0,\" \",(H68)*([1]Details!$C$6+[1]Details!$C$8))","v":{"v":9.375000000000002,"d":"£9.38"}},{"v":174.375,"d":"£174.38"},{"v":375,"d":"£375.00"},{"v":26.156250000000007,"d":"£26.16"},{"v":56.250000000000014,"d":"£56.25"}]
[{"$f":"IF(F69<>\"\",(LARGE(A$7:A68,1)+1),\"\")","v":""}]
[{"$f":"IF(F70<>\"\",(LARGE(A$7:A69,1)+1),\"\")","v":24},"50mm Tee",{"v":33,"d":"33.00"},"no.",{"v":132.25287500000002,"d":"£132.25"},{"v":4364.344875000001,"d":"£4,364.34"},{"v":36.502500000000005,"d":"£36.50"},{"v":78.5,"d":"£78.50"},{"$f":"IF(D70=0,\" \",(G70)*([1]Details!$C$4+[1]Details!$C$8))","v":{"v":5.475375000000001,"d":"£5.48"}},{"$f":"IF(D70=0,\" \",(H70)*([1]Details!$C$6+[1]Details!$C$8))","v":{"v":11.775000000000002,"d":"£11.78"}},{"v":1204.5825000000002,"d":"£1,204.58"},{"v":2590.5,"d":"£2,590.50"},{"v":180.68737500000006,"d":"£180.69"},{"v":388.57500000000005,"d":"£388.58"}]
[{"$f":"IF(F71<>\"\",(LARGE(A$7:A70,1)+1),\"\")","v":""}]
[{"$f":"IF(F72<>\"\",(LARGE(A$7:A71,1)+1),\"\")","v":25},"110mm Tee",{"v":6,"d":"6.00"},"no.",{"v":142.361375,"d":"£142.36"},{"v":854.1682500000001,"d":"£854.17"},{"v":39.292500000000004,"d":"£39.29"},{"v":84.5,"d":"£84.50"},{"$f":"IF(D72=0,\" \",(G72)*([1]Details!$C$4+[1]Details!$C$8))","v":{"v":5.893875000000001,"d":"£5.89"}},{"$f":"IF(D72=0,\" \",(H72)*([1]Details!$C$6+[1]Details!$C$8))","v":{"v":12.675000000000002,"d":"£12.68"}},{"v":235.75500000000002,"d":"£235.76"},{"v":507,"d":"£507.00"},{"v":35.36325000000001,"d":"£35.36"},{"v":76.05000000000001,"d":"£76.05"}]
[{"$f":"IF(F73<>\"\",(LARGE(A$7:A72,1)+1),\"\")","v":""}]
[{"$f":"IF(F74<>\"\",(LARGE(A$7:A73,1)+1),\"\")","v":""},"MISC."]
[{"$f":"IF(F75<>\"\",(LARGE(A$7:A74,1)+1),\"\")","v":""}]
[{"$f":"IF(F76<>\"\",(LARGE(A$7:A75,1)+1),\"\")","v":26},"Heat Meter",{"v":2,"d":"2.00"},"no.",{"$f":"G76+H76+J76+I76","v":{"v":581.2387500000001,"d":"£581.24"}},{"$f":"E76*C76","v":{"v":1162.4775000000002,"d":"£1,162.48"}},{"v":160.425,"d":"£160.43"},{"v":345,"d":"£345.00"},{"$f":"IF(D76=0,\" \",(G76)*([1]Details!$C$4+[1]Details!$C$8))","v":{"v":24.063750000000006,"d":"£24.06"}},{"$f":"IF(D76=0,\" \",(H76)*([1]Details!$C$6+[1]Details!$C$8))","v":{"v":51.75000000000001,"d":"£51.75"}},{"$f":"+G76*C76","v":{"v":320.85,"d":"£320.85"}},{"$f":"+H76*C76","v":{"v":690,"d":"£690.00"}},{"$f":"IF(D76=0,\" \",(I76*C76))","v":{"v":48.12750000000001,"d":"£48.13"}},{"$f":"IF(D76=0,\" \",(J76*C76))","v":{"v":103.50000000000001,"d":"£103.50"}}]
[{"$f":"IF(F77<>\"\",(LARGE(A$7:A76,1)+1),\"\")","v":""}]
[{"$f":"IF(F78<>\"\",(LARGE(A$7:A77,1)+1),\"\")","v":27},"Heat Meter Display Unit",{"v":1,"d":"1.00"},"no.",{"v":446.45875,"d":"£446.46"},{"v":446.45875,"d":"£446.46"},{"v":123.22500000000001,"d":"£123.23"},{"v":265,"d":"£265.00"},{"$f":"IF(D78=0,\" \",(G78)*([1]Details!$C$4+[1]Details!$C$8))","v":{"v":18.483750000000004,"d":"£18.48"}},{"$f":"IF(D78=0,\" \",(H78)*([1]Details!$C$6+[1]Details!$C$8))","v":{"v":39.75000000000001,"d":"£39.75"}},{"v":123.22500000000001,"d":"£123.23"},{"v":265,"d":"£265.00"},{"v":18.483750000000004,"d":"£18.48"},{"v":39.75000000000001,"d":"£39.75"}]
[{"$f":"IF(F79<>\"\",(LARGE(A$7:A78,1)+1),\"\")","v":""}]
[{"$f":"IF(F80<>\"\",(LARGE(A$7:A79,1)+1),\"\")","v":28},"Heat Interface Unit Programmed",{"v":1,"d":"1.00"},"no.",{"v":648.62875,"d":"£648.63"},{"v":648.62875,"d":"£648.63"},{"v":179.025,"d":"£179.03"},{"v":385,"d":"£385.00"},{"$f":"IF(D80=0,\" \",(G80)*([1]Details!$C$4+[1]Details!$C$8))","v":{"v":26.853750000000005,"d":"£26.85"}},{"$f":"IF(D80=0,\" \",(H80)*([1]Details!$C$6+[1]Details!$C$8))","v":{"v":57.75000000000001,"d":"£57.75"}},{"v":179.025,"d":"£179.03"},{"v":385,"d":"£385.00"},{"v":26.853750000000005,"d":"£26.85"},{"v":57.75000000000001,"d":"£57.75"}]
[{"$f":"IF(F81<>\"\",(LARGE(A$7:A80,1)+1),\"\")","v":""}]
[{"$f":"IF(F82<>\"\",(LARGE(A$7:A81,1)+1),\"\")","v":29},"Grey Water Treatment Tank",{"v":2,"d":"2.00"},"no.",{"v":1457.30875,"d":"£1,457.31"},{"v":2914.6175,"d":"£2,914.62"},{"v":402.225,"d":"£402.23"},{"v":865,"d":"£865.00"},{"$f":"IF(D82=0,\" \",(G82)*([1]Details!$C$4+[1]Details!$C$8))","v":{"v":60.33375000000001,"d":"£60.33"}},{"$f":"IF(D82=0,\" \",(H82)*([1]Details!$C$6+[1]Details!$C$8))","v":{"v":129.75000000000003,"d":"£129.75"}},{"v":804.45,"d":"£804.45"},{"v":1730,"d":"£1,730.00"},{"v":120.66750000000002,"d":"£120.67"},{"v":259.50000000000006,"d":"£259.50"}]
[{"$f":"IF(F83<>\"\",(LARGE(A$7:A82,1)+1),\"\")","v":""}]
[{"$f":"IF(F84<>\"\",(LARGE(A$7:A83,1)+1),\"\")","v":30},"Sprinkler Valve Set",{"v":1,"d":"1.00"},"no.",{"v":98.55787500000001,"d":"£98.56"},{"v":98.55787500000001,"d":"£98.56"},{"v":27.2025,"d":"£27.20"},{"v":58.5,"d":"£58.50"},{"$f":"IF(D84=0,\" \",(G84)*([1]Details!$C$4+[1]Details!$C$8))","v":{"v":4.080375000000001,"d":"£4.08"}},{"$f":"IF(D84=0,\" \",(H84)*([1]Details!$C$6+[1]Details!$C$8))","v":{"v":8.775000000000002,"d":"£8.78"}},{"v":27.2025,"d":"£27.20"},{"v":58.5,"d":"£58.50"},{"v":4.080375000000001,"d":"£4.08"},{"v":8.775000000000002,"d":"£8.78"}]
[{"$f":"IF(F85<>\"\",(LARGE(A$7:A84,1)+1),\"\")","v":""}]
[{"$f":"IF(F86<>\"\",(LARGE(A$7:A85,1)+1),\"\")","v":""},{"$nulls":8},{"$f":"IF(D86=0,\" \",(G86+H86)*(Details!$C$4+Details!$C$6))","v":" "},{"$nulls":5},"Check"]
[{"$nulls":4},"Sub Total",{"$f":"SUM(F8:F86)","v":{"v":55331.16601000001,"d":"£55,331.17"}},{"$nulls":3},{"$f":"IF(D87=0,\" \",(G87+H87)*(Details!$C$4+Details!$C$6))","v":" "},{"$f":"SUM(K8:K86)","v":{"v":15271.697400000005,"d":"£15,271.70"}},{"$f":"SUM(L8:L86)","v":{"v":32842.36,"d":"£32,842.36"}},{"$f":"SUM(M8:M86)","v":{"v":2290.7546100000004,"d":"£2,290.75"}},{"$f":"SUM(N8:N86)","v":{"v":4926.354,"d":"£4,926.35"}},null,{"$f":"+F87-K87-L87-N87-M87","v":{"v":0,"d":"£0.00"}}]
[{"$f":"IF(F88<>\"\",(LARGE(A$7:A87,1)+1),\"\")","v":""},{"$nulls":8},{"$f":"IF(D88=0,\" \",(G88+H88)*(Details!$C$4+Details!$C$6))","v":" "}]

{"sheet":"Externals","index":18,"n_rows":20,"n_cols":16,"rows_kept":20,"merged":[[4,6,4,9],[4,10,4,13]]}
[]
[null,{"$f":"'Qual, Excl & Assum'!B2","v":"PROJECT NAME: SQUAIRRELS LEAP GUILDFORD ROAD, CHERTSEY KT16 9RU"}]
[null,{"$f":"'Qual, Excl & Assum'!B3","v":"DATE: 25TH NOVEMBER 2025"}]
[]
[null,"Externals",{"$nulls":4},"RATES",{"$nulls":3},"TOTALS"]
[]
[null,"Description","Quantity","Unit","Rate","Total","Labor","Materials","L Markup","M Markup","Labor","Materials","L Markup","M Markup"]
[{"$nulls":13},{"$f":"IF(D8=0,\" \",(J8*C8))","v":" "}]
[{"$f":"IF(F9<>\"\",(LARGE(#REF!,1)+1),\"\")","v":""},"MISC"]
[{"$f":"IF(F10<>\"\",(LARGE(A$9:A9,1)+1),\"\")","v":""}]
[1,"Manhole",{"v":6,"d":"6.00"},"no.",{"$f":"G11+H11+J11+I11","v":{"v":1288.83375,"d":"£1,288.83"}},{"$f":"E11*C11","v":{"v":7733.0025000000005,"d":"£7,733.00"}},{"v":355.725,"d":"£355.73"},{"v":765,"d":"£765.00"},{"$f":"IF(D11=0,\" \",(G11)*([1]Details!$C$4+[1]Details!$C$8))","v":{"v":53.358750000000015,"d":"£53.36"}},{"$f":"IF(D11=0,\" \",(H11)*([1]Details!$C$6+[1]Details!$C$8))","v":{"v":114.75000000000001,"d":"£114.75"}},{"$f":"+G11*C11","v":{"v":2134.3500000000004,"d":"£2,134.35"}},{"$f":"+H11*C11","v":{"v":4590,"d":"£4,590.00"}},{"$f":"IF(D11=0,\" \",(I11*C11))","v":{"v":320.1525000000001,"d":"£320.15"}},{"$f":"IF(D11=0,\" \",(J11*C11))","v":{"v":688.5000000000001,"d":"£688.50"}}]
[{"$f":"IF(F12<>\"\",(LARGE(A$9:A11,1)+1),\"\")","v":""}]
[{"$f":"IF(F13<>\"\",(LARGE(A$9:A12,1)+1),\"\")","v":""},"PLANTING & TREES"]
[{"$f":"IF(F14<>\"\",(LARGE(A$9:A13,1)+1),\"\")","v":""}]
[{"$f":"IF(F15<>\"\",(LARGE(A$9:A14,1)+1),\"\")","v":2},"Flower Bed Re-Planted",17.71,"m2",{"$f":"G15+H15+J15+I15","v":{"v":31.167875,"d":"£31.17"}},{"$f":"E15*C15","v":{"v":551.98306625,"d":"£551.98"}},{"v":8.602500000000001,"d":"£8.60"},{"v":18.5,"d":"£18.50"},{"$f":"IF(D15=0,\" \",(G15)*([1]Details!$C$4+[1]Details!$C$8))","v":{"v":1.2903750000000003,"d":"£1.29"}},{"$f":"IF(D15=0,\" \",(H15)*([1]Details!$C$6+[1]Details!$C$8))","v":{"v":2.7750000000000004,"d":"£2.78"}},{"$f":"+G15*C15","v":{"v":152.350275,"d":"£152.35"}},{"$f":"+H15*C15","v":{"v":327.635,"d":"£327.64"}},{"$f":"IF(D15=0,\" \",(I15*C15))","v":{"v":22.852541250000005,"d":"£22.85"}},{"$f":"IF(D15=0,\" \",(J15*C15))","v":{"v":49.14525000000001,"d":"£49.15"}}]
[]
[{"$f":"IF(F17<>\"\",(LARGE(A$9:A15,1)+1),\"\")","v":3},"Grass/Lawn",551.48,"m2",{"$f":"G17+H17+J17+I17","v":{"v":36.222125000000005,"d":"£36.22"}},{"$f":"E17*C17","v":{"v":19975.777495000002,"d":"£19,975.78"}},{"v":9.9975,"d":"£10.00"},{"v":21.5,"d":"£21.50"},{"$f":"IF(D17=0,\" \",(G17)*([1]Details!$C$4+[1]Details!$C$8))","v":{"v":1.4996250000000002,"d":"£1.50"}},{"$f":"IF(D17=0,\" \",(H17)*([1]Details!$C$6+[1]Details!$C$8))","v":{"v":3.2250000000000005,"d":"£3.23"}},{"$f":"+G17*C17","v":{"v":5513.421300000001,"d":"£5,513.42"}},{"$f":"+H17*C17","v":{"v":11856.82,"d":"£11,856.82"}},{"$f":"IF(D17=0,\" \",(I17*C17))","v":{"v":827.0131950000001,"d":"£827.01"}},{"$f":"IF(D17=0,\" \",(J17*C17))","v":{"v":1778.5230000000004,"d":"£1,778.52"}}]
[{"$f":"IF(F18<>\"\",(LARGE(#REF!,1)+1),\"\")","v":""},{"$nulls":8},{"$f":"IF(D18=0,\" \",(G18+H18)*(Details!$C$4+Details!$C$6))","v":" "},{"$nulls":5},"Check"]
[{"$nulls":4},"Sub Total",{"$f":"SUM(F8:F18)","v":{"v":28260.763061250003,"d":"£28,260.76"}},{"$nulls":3},{"$f":"IF(D19=0,\" \",(G19+H19)*(Details!$C$4+Details!$C$6))","v":" "},{"$f":"SUM(K8:K18)","v":{"v":7800.121575000001,"d":"£7,800.12"}},{"$f":"SUM(L8:L18)","v":{"v":16774.455,"d":"£16,774.46"}},{"$f":"SUM(M8:M18)","v":{"v":1170.0182362500002,"d":"£1,170.02"}},{"$f":"SUM(N8:N18)","v":{"v":2516.1682500000006,"d":"£2,516.17"}},null,{"$f":"+F19-K19-L19-N19-M19","v":{"v":0,"d":"£0.00"}}]
[{"$f":"IF(F20<>\"\",(LARGE(A$7:A19,1)+1),\"\")","v":""},{"$nulls":8},{"$f":"IF(D20=0,\" \",(G20+H20)*(Details!$C$4+Details!$C$6))","v":" "}]

{"sheet":"Preliminaries","index":19,"n_rows":39,"n_cols":11,"rows_kept":39,"merged":[[4,8,4,9]]}
[]
[null,{"$f":"+'Qual, Excl & Assum'!B2","v":"PROJECT NAME: SQUAIRRELS LEAP GUILDFORD ROAD, CHERTSEY KT16 9RU"}]
[null,{"$f":"+'Qual, Excl & Assum'!B3","v":"DATE: 25TH NOVEMBER 2025"}]
[]
[null,"Preliminaries"]
[{"$nulls":10},1]
[null,"Description","Quantity","Unit","Rate","Total","Plant","Markup"]
[]
[1,"Site setup",{"v":1,"d":"1.00"},"Item",{"v":1500,"d":"£1,500.00"},{"$f":"E9*C9","v":{"v":1500,"d":"£1,500.00"}},null,{"$f":"IF(D9=0,\" \",(G9)*(Details!$C$4+Details!$C$8))","v":{"v":0,"d":"£0.00"}}]
[]
[{"$f":"IF(F11<>\"\",(LARGE(A$7:A10,1)+1),\"\")","v":2},"Rubbish removal; skips",{"v":1,"d":"1.00"},"no.",{"v":1400,"d":"£1,400.00"},{"$f":"+E11*C11","v":{"v":1400,"d":"£1,400.00"}},null,{"$f":"IF(D11=0,\" \",(G11)*(Details!$C$4+Details!$C$8))","v":{"v":0,"d":"£0.00"}}]
[{"$f":"IF(F12<>\"\",(LARGE(A$7:A11,1)+1),\"\")","v":""}]
[{"$f":"IF(F13<>\"\",(LARGE(A$7:A12,1)+1),\"\")","v":3},"Scaffolding and safe stands",{"v":1,"d":"1.00"},"item",{"v":1250,"d":"£1,250.00"},{"$f":"E13*C13","v":{"v":1250,"d":"£1,250.00"}},null,{"$f":"IF(D13=0,\" \",(G13)*(Details!$C$4+Details!$C$8))","v":{"v":0,"d":"£0.00"}}]
[{"$f":"IF(F14<>\"\",(LARGE(A$7:A13,1)+1),\"\")","v":""}]
[{"$f":"IF(F15<>\"\",(LARGE(A$7:A14,1)+1),\"\")","v":4},"Welfare facilities",{"v":1,"d":"1.00"},"item",{"v":850,"d":"£850.00"},{"$f":"E15*C15","v":{"v":850,"d":"£850.00"}},null,{"$f":"IF(D15=0,\" \",(G15)*(Details!$C$4+Details!$C$8))","v":{"v":0,"d":"£0.00"}}]
[{"$f":"IF(F16<>\"\",(LARGE(A$7:A15,1)+1),\"\")","v":""}]
[{"$f":"IF(F17<>\"\",(LARGE(A$7:A16,1)+1),\"\")","v":5},"Small plant and tools",{"v":1,"d":"1.00"},"item",{"v":1650,"d":"£1,650.00"},{"$f":"E17*C17","v":{"v":1650,"d":"£1,650.00"}},null,{"$f":"IF(D17=0,\" \",(G17)*(Details!$C$4+Details!$C$8))","v":{"v":0,"d":"£0.00"}}]
[{"$f":"IF(F18<>\"\",(LARGE(A$7:A17,1)+1),\"\")","v":""}]
[{"$f":"IF(F19<>\"\",(LARGE(A$7:A18,1)+1),\"\")","v":6},"Protection",{"v":1,"d":"1.00"},"item",{"v":1000,"d":"£1,000.00"},{"$f":"E19*C19","v":{"v":1000,"d":"£1,000.00"}},null,{"$f":"IF(D19=0,\" \",(G19)*(Details!$C$4+Details!$C$8))","v":{"v":0,"d":"£0.00"}}]
[{"$f":"IF(F20<>\"\",(LARGE(A$7:A19,1)+1),\"\")","v":""}]
[{"$f":"IF(F21<>\"\",(LARGE(A$7:A20,1)+1),\"\")","v":7},"Temporary supplies",{"v":1,"d":"1.00"},"item",{"v":1200,"d":"£1,200.00"},{"$f":"E21*C21","v":{"v":1200,"d":"£1,200.00"}},null,{"$f":"IF(D21=0,\" \",(G21)*(Details!$C$4+Details!$C$8))","v":{"v":0,"d":"£0.00"}}]
[{"$f":"IF(F22<>\"\",(LARGE(A$7:A21,1)+1),\"\")","v":""}]
[{"$f":"IF(F23<>\"\",(LARGE(A$7:A22,1)+1),\"\")","v":8},"Lifting and propping",{"v":1,"d":"1.00"},"item",{"v":750,"d":"£750.00"},{"$f":"E23*C23","v":{"v":750,"d":"£750.00"}},null,{"$f":"IF(D23=0,\" \",(G23)*(Details!$C$4+Details!$C$8))","v":{"v":0,"d":"£0.00"}}]
[{"$f":"IF(F24<>\"\",(LARGE(A$7:A23,1)+1),\"\")","v":""}]
[{"$f":"IF(F25<>\"\",(LARGE(A$7:A24,1)+1),\"\")","v":9},"Cleaning (no allowance for sparkle clean)",{"v":1,"d":"1.00"},"item",{"v":800,"d":"£800.00"},{"$f":"E25*C25","v":{"v":800,"d":"£800.00"}},null,{"$f":"IF(D25=0,\" \",(G25)*(Details!$C$4+Details!$C$8))","v":{"v":0,"d":"£0.00"}}]
[{"$f":"IF(F26<>\"\",(LARGE(A$7:A25,1)+1),\"\")","v":""}]
[{"$f":"IF(F27<>\"\",(LARGE(A$7:A26,1)+1),\"\")","v":10},"Health & safety",{"v":1,"d":"1.00"},"item",{"v":1100,"d":"£1,100.00"},{"$f":"E27*C27","v":{"v":1100,"d":"£1,100.00"}},null,{"$f":"IF(D27=0,\" \",(G27)*(Details!$C$4+Details!$C$8))","v":{"v":0,"d":"£0.00"}}]
[{"$f":"IF(F28<>\"\",(LARGE(A$7:A27,1)+1),\"\")","v":""}]
[{"$f":"IF(F29<>\"\",(LARGE(A$7:A28,1)+1),\"\")","v":11},"Insurance",{"v":1,"d":"1.00"},"item",{"v":1350,"d":"£1,350.00"},{"$f":"E29*C29","v":{"v":1350,"d":"£1,350.00"}},null,{"$f":"IF(D29=0,\" \",(G29)*(Details!$C$4+Details!$C$8))","v":{"v":0,"d":"£0.00"}}]
[{"$f":"IF(F30<>\"\",(LARGE(A$7:A29,1)+1),\"\")","v":""}]
[{"$f":"IF(F31<>\"\",(LARGE(A$7:A30,1)+1),\"\")","v":12},"Site accommodation",{"v":1,"d":"1.00"},"item",{"v":1650,"d":"£1,650.00"},{"$f":"E31*C31","v":{"v":1650,"d":"£1,650.00"}},null,{"$f":"IF(D31=0,\" \",(G31)*(Details!$C$4+Details!$C$8))","v":{"v":0,"d":"£0.00"}}]
[{"$nulls":7},{"$f":"IF(D32=0,\" \",(G32)*(Details!$C$4+Details!$C$6))","v":" "}]
[{"$f":"IF(F33<>\"\",(LARGE(A$7:A32,1)+1),\"\")","v":13},"Management",{"v":1,"d":"1.00"},"item",{"v":3500,"d":"£3,500.00"},{"$f":"E33*C33","v":{"v":3500,"d":"£3,500.00"}},null,{"$f":"IF(D33=0,\" \",(G33)*(Details!$C$4+Details!$C$8))","v":{"v":0,"d":"£0.00"}}]
[{"$f":"IF(F34<>\"\",(LARGE(A$7:A33,1)+1),\"\")","v":""},{"$nulls":6},{"$f":"IF(D34=0,\" \",(G34)*(Details!$C$4+Details!$C$6))","v":" "}]
[{"$f":"IF(F35<>\"\",(LARGE(A$7:A34,1)+1),\"\")","v":""},{"$nulls":6},{"$f":"IF(D35=0,\" \",(G35)*(Details!$C$4+Details!$C$6))","v":" "}]
[{"$f":"IF(F36<>\"\",(LARGE(A$7:A35,1)+1),\"\")","v":""},{"$nulls":6},{"$f":"IF(D36=0,\" \",(G36)*(Details!$C$4+Details!$C$6))","v":" "}]
[{"$f":"IF(F37<>\"\",(LARGE(A$7:A36,1)+1),\"\")","v":""},{"$nulls":6},{"$f":"IF(D37=0,\" \",(G37)*(Details!$C$4+Details!$C$6))","v":" "}]
[{"$f":"IF(F38<>\"\",(LARGE(A$7:A37,1)+1),\"\")","v":""},{"$nulls":6},{"$f":"IF(D38=0,\" \",(G38)*(Details!$C$4))","v":" "}]
[{"$f":"IF(D39=0,\" \",(LARGE(A$9:A38,1)+1))","v":" "},{"$nulls":3},"Sub Total",{"$f":"SUM(F7:F38)","v":{"v":18000,"d":"£18,000.00"}}]

{"sheet":"Details","index":20,"n_rows":40,"n_cols":15,"rows_kept":40}
[]
[null,"MARKUP",{"$nulls":7},"Total Inc Prelims",{"$f":"+Summary!D42","v":{"v":861112.7807961452,"d":"£861,112.78"}}]
[]
[null,"Contractors Markup - Labour",{"v":0.1,"d":"10.00%"},{"$f":"+C4+1","v":{"v":1.1,"d":"1.10"}},{"$nulls":5},"Calculation Total",{"$f":"+(Summary!F37+Summary!G37)*1.1","v":{"v":806455.7033702257,"d":"£806,455.70"}}]
[{"$nulls":12},{"$f":"CEILING((K4/K27),4)","v":56},"Weeks"]
[null,"Contractors Markup - Materials",{"v":0.1,"d":"10.00%"},{"$f":"+C6+1","v":{"v":1.1,"d":"1.10"}}]
[{"$nulls":9},"Range 1",{"v":0,"d":"£0.00"},{"$f":"IF(AND($K$4>=K7,$K$4<=K8),N7,O7)","v":"No"},{"v":5000,"d":"£5,000.00"},"Yes","No"]
[null,"Contractors Overheads",{"v":0.05,"d":"5.00%"},{"$f":"+C8+1","v":1.05},{"$nulls":6},{"v":50000,"d":"£50,000.00"}]
[{"$nulls":9},"Range 2 ",{"$f":"K8","v":{"v":50000,"d":"£50,000.00"}},{"$f":"IF(AND($K$4>=K9,$K$4<=K10),N9,O9)","v":"No"},{"v":9000,"d":"£9,000.00"},"Yes","No"]
[{"$nulls":10},{"v":150000,"d":"£150,000.00"}]
[{"$nulls":9},"Range 3",{"$f":"K10","v":{"v":150000,"d":"£150,000.00"}},{"$f":"IF(AND($K$4>=K11,$K$4<=K12),N11,O11)","v":"No"},{"v":10000,"d":"£10,000.00"},"Yes","No"]
[{"$nulls":10},{"v":350000,"d":"£350,000.00"}]
[{"$nulls":9},"Range 4",{"$f":"K12","v":{"v":350000,"d":"£350,000.00"}},{"$f":"IF(AND($K$4>=K13,$K$4<=K14),N13,O13)","v":"No"},{"v":12500,"d":"£12,500.00"},"Yes","No"]
[null,"Trades - Day Rates","Client Day Rate £",{"$nulls":7},{"v":500000,"d":"£500,000.00"}]
[null,"Groundworker",0,{"$nulls":6},"Range 5",{"$f":"K14","v":{"v":500000,"d":"£500,000.00"}},{"$f":"IF(AND($K$4>=K15,$K$4<=K16),N15,O15)","v":"No"},{"v":14000,"d":"£14,000.00"},"Yes","No"]
[null,"Bricklayer",0,{"$nulls":7},{"v":750000,"d":"£750,000.00"}]
[null,"Roofer",0,{"$nulls":6},"Range 6",{"v":750000,"d":"£750,000.00"},{"$f":"IF(AND($K$4>=K17,$K$4<=K18),N17,O17)","v":"Yes"},{"v":15500,"d":"£15,500.00"},"Yes","No"]
[null,"Tiler",0,{"$nulls":7},{"v":1000000,"d":"£1,000,000.00"}]
[null,"Carpenter",0,{"$nulls":6},"Range 7",{"$f":"K18","v":{"v":1000000,"d":"£1,000,000.00"}},{"$f":"IF(AND($K$4>=K19,$K$4<=K20),N19,O19)","v":"No"},{"v":16750,"d":"£16,750.00"},"Yes","No"]
[null,"Plasterer",0,{"$nulls":7},{"v":1250000,"d":"£1,250,000.00"}]
[null,"General Trade",0,{"$nulls":6},"Range 8",{"$f":"K20","v":{"v":1250000,"d":"£1,250,000.00"}},{"$f":"IF(AND($K$4>=K21,$K$4<=K22),N21,O21)","v":"No"},{"v":19000,"d":"£19,000.00"},"Yes","No"]
[null,"Labourer",0,{"$nulls":7},{"v":1500000,"d":"£1,500,000.00"}]
[null,"Decorator",0,{"$nulls":6},"Range 9",{"$f":"K22","v":{"v":1500000,"d":"£1,500,000.00"}},{"$f":"IF(AND($K$4>=K23,$K$4<=K24),N23,O23)","v":"No"},{"v":20500,"d":"£20,500.00"},"Yes","No"]
[null,"Plumber",0,{"$nulls":7},{"v":2000000,"d":"£2,000,000.00"}]
[null,"Electrician",0,{"$nulls":6},"Range 10 - Over ",{"$f":"K24","v":{"v":2000000,"d":"£2,000,000.00"}},{"$f":"IF(AND($K$4>=K25,$K$4<=K26),N25,O25)","v":"No"},{"v":27500,"d":"£27,500.00"},"Yes","No"]
[{"$nulls":10},{"v":500000000,"d":"£500,000,000.00"}]
[{"$nulls":9},"Calculation",{"$f":"IF(L7=\"Yes\",M7)+IF(L9=\"Yes\",M9)+IF(L11=\"Yes\",M11)+IF(L13=\"Yes\",M13)+IF(L15=\"Yes\",M15)+IF(L17=\"Yes\",M17)+IF(L19=\"Yes\",M19)+IF(L21=\"Yes\",M21)+IF(L23=\"Yes\",M23)","v":{"v":15500,"d":"£15,500.00"}}]
[]
[{"$nulls":12},"Factor"]
[{"$nulls":12},{"$f":"+C15/250+IF(C15=0,1)","v":{"v":1,"d":"1.00"}}]
[{"$nulls":12},{"v":1,"d":"1.00"}]
[{"$nulls":12},{"v":1,"d":"1.00"}]
[{"$nulls":12},{"v":1,"d":"1.00"}]
[{"$nulls":12},{"v":1,"d":"1.00"}]
[{"$nulls":12},{"v":1,"d":"1.00"}]
[{"$nulls":12},{"$f":"+C21/220+IF(C21=0,1)","v":{"v":1,"d":"1.00"}}]
[{"$nulls":12},{"$f":"+C22/150+IF(C22=0,1)","v":{"v":1,"d":"1.00"}}]
[{"$nulls":12},{"$f":"+C23/220+IF(C23=0,1)","v":{"v":1,"d":"1.00"}}]
[{"$nulls":12},{"$f":"+C24/400+IF(C24=0,1)","v":{"v":1,"d":"1.00"}}]
[{"$nulls":12},{"$f":"+C25/400+IF(C25=0,1)","v":{"v":1,"d":"1.00"}}]